{"text_format":"3","workbook":"xlsx","n_sheets":12,"sheets":["PLANILHA ORCAMENTARIA","CUSTO DIRETO","RESUMO","COMPOSICOES","COMPOSICOES PROPRIAS","COMPOSICOES AUXILIARES","CURVA ABC SERVICOS","CURVA ABC INSUMOS","CRONOGRAMA","CRONOGRAMA INSUMOS","BDI","ENCARGOS SOCIAIS"],"not_rendered":{"images":12,"defined_names":12},"read":"whole","date_system":"1900"}

{"sheet":"PLANILHA ORCAMENTARIA","index":0,"n_rows":20,"n_cols":10,"rows_kept":20,"merged":[[0,0,0,9],[1,0,2,0],[1,1,2,1],[1,2,2,2],[1,3,2,3],[1,4,2,4],[1,5,2,5],[1,6,1,8],[1,9,2,9],[3,1,3,8],[6,1,6,8],[14,1,14,8],[17,7,17,8],[18,7,18,8],[19,7,19,8]]}
[]
["ITEM","CÓDIGO","DESCRIÇÃO","FONTE","UNID","QUANTIDADE","PREÇO UNITÁRIO R$",null,null,"PREÇO\nTOTAL R$"]
[{"$nulls":6},"SEM BDI","BDI","COM BDI"]
["1","SERVIÇOS PRELIMINARES",{"$nulls":7},{"v":7675.69,"d":"7,675.69"}]
["1.1","74209/01","PLACA DE OBRA EM CHAPA DE AÇO GALVANIZADO","Composições Próprias","M2",{"v":8,"d":"8.00"},341.09,70.71,{"v":411.8,"d":"411.80"},{"v":3294.4,"d":"3,294.40"}]
["1.2","COMP-48999838","SERVIÇOS TOPOGRÁFICOS PARA PAVIMENTAÇÃO, INCLUSIVE NOTA DE SERVIÇOS, ACOMPANHAMENTO E GREIDE","Composições Próprias","M2",{"v":9736.21,"d":"9,736.21"},0.37,0.08,0.45,{"v":4381.29,"d":"4,381.29"}]
["2","PAVIMENTAÇÃO",{"$nulls":7},{"v":979111.76,"d":"979,111.76"}]
["2.1","101169","EXECUÇÃO DE PAVIMENTO EM PARALELEPÍPEDOS, REJUNTAMENTO COM ARGAMASSA TRAÇO 1:3 (CIMENTO E AREIA). AF_05/2020","SINAPI","M2",{"v":9736.21,"d":"9,736.21"},67.68,14.03,81.71,{"v":795545.72,"d":"795,545.72"}]
["2.2","94263","GUIA (MEIO-FIO) CONCRETO, MOLDADA IN LOCO EM TRECHO RETO COM EXTRUSORA, 13 CM BASE X 22 CM ALTURA. AF_06/2016","SINAPI","M",{"v":3904.24,"d":"3,904.24"},{"v":25,"d":"25.00"},5.18,30.18,{"v":117829.96,"d":"117,829.96"}]
["2.3","94990","EXECUÇÃO DE PASSEIO (CALÇADA) OU PISO DE CONCRETO COM CONCRETO MOLDADO IN LOCO, FEITO EM OBRA, ACABAMENTO CONVENCIONAL, NÃO ARMADO. AF_08/2022","SINAPI","M3",43.82,{"v":608,"d":"608.00"},126.04,734.04,{"v":32165.63,"d":"32,165.63"}]
["2.4","9050","RAMPA DE ACESSIBILIDADE - LARGURA 1,20 M","Composições Próprias","UND",{"v":10,"d":"10.00"},{"v":510,"d":"510.00"},105.72,615.72,{"v":6157.2,"d":"6,157.20"}]
["2.5","CPU 01","PISO TÁTIL DIRECIONAL E/OU ALERTA,DE CONCRETO, COLORIDO, P/DEFICIENTES VISUAIS, DIMENSÕES 25x25CM, APLICADO COM ARGAMASSA INDUSTRIALIZADA AC-II, REJUNTADO, EXCLUSIVE REGULARIZAÇÃO DE BASE","Composições Próprias","m2",192.81,74.85,15.52,90.37,{"v":17424.24,"d":"17,424.24"}]
["2.6","102498","PINTURA DE MEIO-FIO COM TINTA BRANCA A BASE DE CAL (CAIAÇÃO). AF_05/2021","SINAPI","M",{"v":3894.24,"d":"3,894.24"},1.15,0.24,1.39,{"v":5412.99,"d":"5,412.99"}]
["2.7","COMP-51076047","LIMPEZA FINAL DA OBRA","Composições Próprias","m2",{"v":9736.21,"d":"9,736.21"},0.39,0.08,0.47,{"v":4576.02,"d":"4,576.02"}]
["3","SINALIZAÇÃO VIÁRIA",{"$nulls":7},887.62]
["3.1","COM-26260763","PLACA ESMALTADA PARA IDENTIFICAÇÃO NR DE RUA, DIMENSÕES 45X25 CM","Composições Próprias","M2",{"v":3,"d":"3.00"},81.75,16.95,{"v":98.7,"d":"98.70"},{"v":296.1,"d":"296.10"}]
["3.2","5213570","FORNECIMENTO E IMPLANTAÇÃO DE PLACA DE AÇO I + I","SICRO NOVO","m²",1.29,379.81,78.73,458.54,591.52]
[{"$nulls":7},"VALOR BDI TOTAL:",null,{"v":169606.17,"d":"169,606.17"}]
[{"$nulls":7},"VALOR ORÇAMENTO:",null,{"v":818068.9,"d":"818,068.90"}]
[{"$nulls":7},"VALOR TOTAL:",null,{"v":987675.07,"d":"987,675.07"}]

{"sheet":"CUSTO DIRETO","index":1,"n_rows":24,"n_cols":13,"rows_kept":24,"merged":[[0,0,0,12],[1,0,2,0],[1,1,2,1],[1,2,2,2],[1,3,2,3],[1,4,2,4],[1,5,2,5],[1,6,1,10],[1,11,2,11],[1,12,2,12],[3,1,3,11],[4,0,5,0],[4,1,5,1],[4,3,5,3],[4,4,5,4],[4,5,5,5],[4,6,5,6],[4,7,5,7],[4,8,5,8],[4,9,5,9],[4,10,5,10],[4,11,5,11],[4,12,5,12],[7,1,7,11],[11,0,12,0],[11,1,12,1],[11,3,12,3],[11,4,12,4],[11,5,12,5],[11,6,12,6],[11,7,12,7],[11,8,12,8],[11,9,12,9],[11,10,12,10],[11,11,12,11],[11,12,12,12],[15,0,16,0],[15,1,16,1],[15,3,16,3],[15,4,16,4],[15,5,16,5],[15,6,16,6],[15,7,16,7],[15,8,16,8],[15,9,16,9],[15,10,16,10],[15,11,16,11],[15,12,16,12],[17,1,17,11],[19,0,20,0],[19,1,20,1],[19,3,20,3],[19,4,20,4],[19,5,20,5],[19,6,20,6],[19,7,20,7],[19,8,20,8],[19,9,20,9],[19,10,20,10],[19,11,20,11],[19,12,20,12],[21,10,21,11],[22,10,22,11],[23,10,23,11]]}
[]
["ITEM","CÓDIGO","DESCRIÇÃO","FONTE","UNIDADE","QTD","CUSTO DIRETO (R$)",{"$nulls":4},"PREÇO\nUNITÁRIO (R$)","PREÇO\nTOTAL (R$)"]
[{"$nulls":6},"MÃO DE OBRA","MATERIAL","EQUIPAMENTOS","OUTROS","BDI"]
["1","SERVIÇOS PRELIMINARES",{"$nulls":10},{"v":7675.69,"d":"7,675.69"}]
["1.1","74209/01","PLACA DE OBRA EM CHAPA DE AÇO GALVANIZADO","Composições Próprias","M2",{"v":8,"d":"8.00"},28.07,303.25,0.29,9.48,70.71,{"v":411.8,"d":"411.80"},{"v":3294.4,"d":"3,294.40"}]
[]
["1.2","COMP-48999838","SERVIÇOS TOPOGRÁFICOS PARA PAVIMENTAÇÃO, INCLUSIVE NOTA DE SERVIÇOS, ACOMPANHAMENTO E GREIDE","Composições Próprias","M2",{"v":9736.21,"d":"9,736.21"},0.21,0.09,0.03,0.04,0.08,0.45,{"v":4381.29,"d":"4,381.29"}]
["2","PAVIMENTAÇÃO",{"$nulls":10},{"v":979111.76,"d":"979,111.76"}]
["2.1","101169","EXECUÇÃO DE PAVIMENTO EM PARALELEPÍPEDOS, REJUNTAMENTO COM ARGAMASSA TRAÇO 1:3 (CIMENTO E AREIA). AF_05/2020","SINAPI","M2",{"v":9736.21,"d":"9,736.21"},12.05,47.62,4.41,{"v":3.6,"d":"3.60"},14.03,81.71,{"v":795545.72,"d":"795,545.72"}]
["2.2","94263","GUIA (MEIO-FIO) CONCRETO, MOLDADA IN LOCO EM TRECHO RETO COM EXTRUSORA, 13 CM BASE X 22 CM ALTURA. AF_06/2016","SINAPI","M",{"v":3904.24,"d":"3,904.24"},8.78,12.85,{"v":0.4,"d":"0.40"},2.97,5.18,30.18,{"v":117829.96,"d":"117,829.96"}]
["2.3","94990","EXECUÇÃO DE PASSEIO (CALÇADA) OU PISO DE CONCRETO COM CONCRETO MOLDADO IN LOCO, FEITO EM OBRA, ACABAMENTO CONVENCIONAL, NÃO ARMADO. AF_08/2022","SINAPI","M3",43.82,124.95,441.29,0.86,{"v":40.9,"d":"40.90"},126.04,734.04,{"v":32165.63,"d":"32,165.63"}]
["2.4","9050","RAMPA DE ACESSIBILIDADE - LARGURA 1,20 M","Composições Próprias","UND",{"v":10,"d":"10.00"},{"v":0,"d":"0.00"},{"v":510,"d":"510.00"},{"v":0,"d":"0.00"},{"v":0,"d":"0.00"},105.72,615.72,{"v":6157.2,"d":"6,157.20"}]
[]
["2.5","CPU 01","PISO TÁTIL DIRECIONAL E/OU ALERTA,DE CONCRETO, COLORIDO, P/DEFICIENTES VISUAIS, DIMENSÕES 25x25CM, APLICADO COM ARGAMASSA INDUSTRIALIZADA AC-II, REJUNTADO, EXCLUSIVE REGULARIZAÇÃO DE BASE","Composições Próprias","m2",192.81,18.44,50.31,{"v":0,"d":"0.00"},{"v":6.1,"d":"6.10"},15.52,90.37,{"v":17424.24,"d":"17,424.24"}]
["2.6","102498","PINTURA DE MEIO-FIO COM TINTA BRANCA A BASE DE CAL (CAIAÇÃO). AF_05/2021","SINAPI","M",{"v":3894.24,"d":"3,894.24"},0.74,0.13,{"v":0,"d":"0.00"},0.28,0.24,1.39,{"v":5412.99,"d":"5,412.99"}]
["2.7","COMP-51076047","LIMPEZA FINAL DA OBRA","Composições Próprias","m2",{"v":9736.21,"d":"9,736.21"},0.07,0.29,{"v":0,"d":"0.00"},0.03,0.08,0.47,{"v":4576.02,"d":"4,576.02"}]
[]
["3","SINALIZAÇÃO VIÁRIA",{"$nulls":10},887.62]
["3.1","COM-26260763","PLACA ESMALTADA PARA IDENTIFICAÇÃO NR DE RUA, DIMENSÕES 45X25 CM","Composições Próprias","M2",{"v":3,"d":"3.00"},-42.58,{"v":140.1,"d":"140.10"},{"v":0,"d":"0.00"},-15.77,16.95,{"v":98.7,"d":"98.70"},{"v":296.1,"d":"296.10"}]
["3.2","5213570","FORNECIMENTO E IMPLANTAÇÃO DE PLACA DE AÇO I + I","SICRO NOVO","m²",1.29,46.46,300.25,23.88,9.22,78.73,458.54,591.52]
[]
[{"$nulls":10},"VALOR BDI TOTAL:",null,{"v":169606.17,"d":"169,606.17"}]
[{"$nulls":10},"VALOR ORÇAMENTO:",null,{"v":818068.9,"d":"818,068.90"}]
[{"$nulls":10},"VALOR TOTAL:",null,{"v":987675.07,"d":"987,675.07"}]

{"sheet":"RESUMO","index":2,"n_rows":9,"n_cols":5,"rows_kept":9,"merged":[[0,0,2,4],[3,1,3,2],[4,1,4,2],[5,1,5,2]]}
[]
[]
[]
["1","SERVIÇOS PRELIMINARES",null,{"v":7675.69,"d":"7,675.69"},{"v":0.7771472858983877,"d":"0.78"}]
["2","PAVIMENTAÇÃO",null,{"v":979111.76,"d":"979,111.76"},{"v":99.13298307711665,"d":"99.13"}]
["3","SINALIZAÇÃO VIÁRIA",null,887.62,{"v":0.08986963698496511,"d":"0.09"}]
[null,null,"VALOR BDI TOTAL:",{"v":169606.17,"d":"169,606.17"},{"v":100.00000000000001,"d":"100.00"}]
[null,null,"VALOR ORÇAMENTO:",{"v":818068.9,"d":"818,068.90"}]
[null,null,"VALOR TOTAL:",{"v":987675.07,"d":"987,675.07"}]

{"sheet":"COMPOSICOES","index":3,"n_rows":130,"n_cols":7,"rows_kept":130,"merged":[[0,0,0,6],[1,2,1,3],[2,0,2,6],[3,0,3,1],[8,4,8,5],[9,0,9,1],[13,4,13,5],[14,4,14,5],[15,2,15,3],[16,0,16,6],[17,0,17,1],[23,4,23,5],[24,4,24,5],[25,2,25,3],[26,0,26,6],[27,0,27,1],[30,4,30,5],[31,0,31,1],[37,4,37,5],[38,4,38,5],[39,2,39,3],[40,0,40,6],[41,0,41,1],[44,4,44,5],[45,0,45,1],[52,4,52,5],[53,4,53,5],[54,2,54,3],[55,0,55,6],[56,0,56,1],[61,4,61,5],[62,0,62,1],[67,4,67,5],[68,4,68,5],[69,2,69,3],[70,0,70,6],[71,0,71,1],[73,4,73,5],[74,4,74,5],[75,2,75,3],[76,0,76,6],[77,0,77,1],[81,4,81,5],[82,0,82,1],[85,4,85,5],[86,4,86,5],[87,2,87,3],[88,0,88,6],[89,0,89,1],[91,4,91,5],[92,0,92,1],[95,4,95,5],[96,4,96,5],[97,2,97,3],[98,0,98,6],[99,0,99,1],[101,4,101,5],[102,0,102,1],[104,4,104,5],[105,4,105,5],[106,2,106,3],[107,0,107,6],[108,0,108,1],[111,4,111,5],[112,0,112,1],[114,4,114,5],[115,4,115,5],[116,2,116,3],[117,0,117,6],[118,0,118,1],[121,4,121,5],[122,0,122,1],[125,4,125,5],[126,0,126,1],[128,4,128,5],[129,4,129,5]]}
[]
[]
["1.1. 74209/01 - PLACA DE OBRA EM CHAPA DE AÇO GALVANIZADO (M2)"]
["Material",null,"FONTE","UNID","COEFICIENTE","PREÇO UNITÁRIO","TOTAL"]
["00004813","PLACA DE OBRA (PARA CONSTRUCAO CIVIL) EM CHAPA GALVANIZADA *N. 22*, ADESIVADA, DE *2,4 X 1,2* M (SEM POSTES PARA FIXACAO) - Percentual=1,0000%","SINAPI","M2",0.39159386,{"v":425,"d":"425.00"},168.09]
["00004491","PONTALETE *7,5 X 7,5* CM EM PINUS, MISTA OU EQUIVALENTE DA REGIAO - BRUTA - Percentual=4,0000%","SINAPI","M",0.39159386,13.61,5.54]
["00005075","PREGO DE ACO POLIDO COM CABECA 18 X 30 (2 3/4 X 10) - Percentual=0,1100%","SINAPI","KG",0.39159386,25.43,9.97]
["00004417","SARRAFO NAO APARELHADO *2,5 X 7* CM, EM MACARANDUBA, ANGELIM OU EQUIVALENTE DA REGIAO -  BRUTA - Percentual=1,0000%","SINAPI","M",0.39159386,5.71,2.26]
[{"$nulls":4},"TOTAL Material:",null,185.86]
["Serviço",null,"FONTE","UNID","COEFICIENTE","PREÇO UNITÁRIO","TOTAL"]
["88262","CARPINTEIRO DE FORMAS COM ENCARGOS COMPLEMENTARES - Percentual=1,0000%","SINAPI","H",0.39159386,19.34,7.65]
["94962","CONCRETO MAGRO PARA LASTRO, TRAÇO 1:4,5:4,5 (EM MASSA SECA DE CIMENTO/ AREIA MÉDIA/ BRITA 1) - PREPARO MECÂNICO COM BETONEIRA 400 L. AF_05/2021 - Percentual=0,0100%","SINAPI","M3",0.39159386,360.99,141.38]
["88316","SERVENTE COM ENCARGOS COMPLEMENTARES - Percentual=2,0000%","SINAPI","H",0.39159386,15.53,{"v":6.2,"d":"6.20"}]
[{"$nulls":4},"TOTAL Serviço:",null,155.23]
[{"$nulls":4},"VALOR:",null,341.09]
[]
["1.2. COMP-48999838 - SERVIÇOS TOPOGRÁFICOS PARA PAVIMENTAÇÃO, INCLUSIVE NOTA DE SERVIÇOS, ACOMPANHAMENTO E GREIDE (M2)"]
["Serviço",null,"FONTE","UNID","COEFICIENTE","PREÇO UNITÁRIO","TOTAL"]
["88253","AUXILIAR DE TOPÓGRAFO COM ENCARGOS COMPLEMENTARES","SINAPI","H",0.00189949,13.99,0.03]
["92145","CAMINHONETE CABINE SIMPLES COM MOTOR 1.6 FLEX, CÂMBIO MANUAL, POTÊNCIA 101/104 CV, 2 PORTAS - CHP DIURNO. AF_11/2015","SINAPI","CHP",0.00261429,63.77,0.17]
["88597","DESENHISTA DETALHISTA COM ENCARGOS COMPLEMENTARES","SINAPI","H",0.00261429,30.79,0.08]
["88288","NIVELADOR COM ENCARGOS COMPLEMENTARES","SINAPI","H",0.00261429,17.45,0.05]
["88316","SERVENTE COM ENCARGOS COMPLEMENTARES","SINAPI","H",0.00261429,15.53,0.04]
[{"$nulls":4},"TOTAL Serviço:",null,0.37]
[{"$nulls":4},"VALOR:",null,0.37]
[]
["2.1. 101169 - EXECUÇÃO DE PAVIMENTO EM PARALELEPÍPEDOS, REJUNTAMENTO COM ARGAMASSA TRAÇO 1:3 (CIMENTO E AREIA). AF_05/2020 (M2)"]
["Material",null,"FONTE","UNID","COEFICIENTE","PREÇO UNITÁRIO","TOTAL"]
["00000367","AREIA GROSSA - POSTO JAZIDA/FORNECEDOR (RETIRADO NA JAZIDA, SEM TRANSPORTE)","SINAPI","M3",0.09991608,111.43,11.13]
["00004385","PARALELEPIPEDO GRANITICO OU BASALTICO, PARA PAVIMENTACAO, SEM FRETE (VARIACAO REGIONAL DE PECAS POR M2)","SINAPI","MIL",0.02892307,974.47,28.18]
[{"$nulls":4},"TOTAL Material:",null,39.31]
["Serviço",null,"FONTE","UNID","COEFICIENTE","PREÇO UNITÁRIO","TOTAL"]
["88628","ARGAMASSA TRAÇO 1:3 (EM VOLUME DE CIMENTO E AREIA MÉDIA ÚMIDA), PREPARO MECÂNICO COM BETONEIRA 400 L. AF_08/2019","SINAPI","M3",0.01787972,512.55,9.16]
["88260","CALCETEIRO COM ENCARGOS COMPLEMENTARES","SINAPI","H",{"v":0.3524233,"d":"0.35242330"},19.46,6.85]
["5685","ROLO COMPACTADOR VIBRATÓRIO DE UM CILINDRO AÇO LISO, POTÊNCIA 80 HP, PESO OPERACIONAL MÁXIMO 8,1 T, IMPACTO DINÂMICO 16,15 / 9,5 T, LARGURA DE TRABALHO 1,68 M - CHI DIURNO. AF_06/2014","SINAPI","CHI",{"v":0.1147282,"d":"0.11472820"},56.35,6.46]
["5684","ROLO COMPACTADOR VIBRATÓRIO DE UM CILINDRO AÇO LISO, POTÊNCIA 80 HP, PESO OPERACIONAL MÁXIMO 8,1 T, IMPACTO DINÂMICO 16,15 / 9,5 T, LARGURA DE TRABALHO 1,68 M - CHP DIURNO. AF_06/2014","SINAPI","CHP",0.00271701,159.98,0.43]
["88316","SERVENTE COM ENCARGOS COMPLEMENTARES","SINAPI","H",{"v":0.3524233,"d":"0.35242330"},15.53,5.47]
[{"$nulls":4},"TOTAL Serviço:",null,28.37]
[{"$nulls":4},"VALOR:",null,67.68]
[]
["2.2. 94263 - GUIA (MEIO-FIO) CONCRETO, MOLDADA IN LOCO EM TRECHO RETO COM EXTRUSORA, 13 CM BASE X 22 CM ALTURA. AF_06/2016 (M)"]
["Material",null,"FONTE","UNID","COEFICIENTE","PREÇO UNITÁRIO","TOTAL"]
["00000370","AREIA MEDIA - POSTO JAZIDA/FORNECEDOR (RETIRADO NA JAZIDA, SEM TRANSPORTE)","SINAPI","M3",0.00642715,{"v":110,"d":"110.00"},{"v":0.7,"d":"0.70"}]
["00034492","CONCRETO USINADO BOMBEAVEL, CLASSE DE RESISTENCIA C20, COM BRITA 0 E 1, SLUMP = 100 +/- 20 MM, EXCLUI SERVICO DE BOMBEAMENTO (NBR 8953)","SINAPI","M3",0.02754495,{"v":410,"d":"410.00"},11.29]
[{"$nulls":4},"TOTAL Material:",null,11.99]
["Serviço",null,"FONTE","UNID","COEFICIENTE","PREÇO UNITÁRIO","TOTAL"]
["88243","AJUDANTE ESPECIALIZADO COM ENCARGOS COMPLEMENTARES","SINAPI","H",0.07988036,15.86,1.26]
["88631","ARGAMASSA TRAÇO 1:4 (EM VOLUME DE CIMENTO E AREIA MÉDIA ÚMIDA), PREPARO MANUAL. AF_08/2019","SINAPI","M3",0.00183633,527.91,0.96]
["92961","MÁQUINA EXTRUSORA DE CONCRETO PARA GUIAS E SARJETAS, MOTOR A DIESEL, POTÊNCIA 14 CV - CHI DIURNO. AF_12/2015","SINAPI","CHI",0.06610788,4.49,0.29]
["92960","MÁQUINA EXTRUSORA DE CONCRETO PARA GUIAS E SARJETAS, MOTOR A DIESEL, POTÊNCIA 14 CV - CHP DIURNO. AF_12/2015","SINAPI","CHP",0.01285431,{"v":19.2,"d":"19.20"},0.24]
["88309","PEDREIRO COM ENCARGOS COMPLEMENTARES","SINAPI","H",0.20291449,19.57,3.97]
["88316","SERVENTE COM ENCARGOS COMPLEMENTARES","SINAPI","H",0.40518507,15.53,6.29]
[{"$nulls":4},"TOTAL Serviço:",null,13.01]
[{"$nulls":4},"VALOR:",null,{"v":25,"d":"25.00"}]
[]
["2.3. 94990 - EXECUÇÃO DE PASSEIO (CALÇADA) OU PISO DE CONCRETO COM CONCRETO MOLDADO IN LOCO, FEITO EM OBRA, ACABAMENTO CONVENCIONAL, NÃO ARMADO. AF_08/2022 (M3)"]
["Material",null,"FONTE","UNID","COEFICIENTE","PREÇO UNITÁRIO","TOTAL"]
["00002692","DESMOLDANTE PROTETOR PARA FORMAS DE MADEIRA, DE BASE OLEOSA EMULSIONADA EM AGUA","SINAPI","L",0.01888993,8.67,0.16]
["00005068","PREGO DE ACO POLIDO COM CABECA 17 X 21 (2 X 11)","SINAPI","KG",0.26552337,25.43,6.75]
["00004509","SARRAFO *2,5 X 10* CM EM PINUS, MISTA OU EQUIVALENTE DA REGIAO - BRUTA","SINAPI","M",2.77141134,6.91,19.15]
["00004517","SARRAFO *2,5 X 7,5* CM EM PINUS, MISTA OU EQUIVALENTE DA REGIAO - BRUTA","SINAPI","M",2.21712907,4.76,10.55]
[{"$nulls":4},"TOTAL Material:",null,36.61]
["Serviço",null,"FONTE","UNID","COEFICIENTE","PREÇO UNITÁRIO","TOTAL"]
["88262","CARPINTEIRO DE FORMAS COM ENCARGOS COMPLEMENTARES","SINAPI","H",1.44273023,19.34,{"v":27.9,"d":"27.90"}]
["94964","CONCRETO FCK = 20MPA, TRAÇO 1:2,7:3 (EM MASSA SECA DE CIMENTO/ AREIA MÉDIA/ BRITA 1) - PREPARO MECÂNICO COM BETONEIRA 400 L. AF_05/2021","SINAPI","M3",1.09215778,{"v":436.8,"d":"436.80"},477.05]
["88309","PEDREIRO COM ENCARGOS COMPLEMENTARES","SINAPI","H",1.25480637,19.57,24.55]
["88316","SERVENTE COM ENCARGOS COMPLEMENTARES","SINAPI","H",{"v":2.6975366,"d":"2.69753660"},15.53,41.89]
[{"$nulls":4},"TOTAL Serviço:",null,571.39]
[{"$nulls":4},"VALOR:",null,{"v":608,"d":"608.00"}]
[]
["2.4. 9050 - RAMPA DE ACESSIBILIDADE - LARGURA 1,20 M (UND)"]
["Material",null,"FONTE","UNID","COEFICIENTE","PREÇO UNITÁRIO","TOTAL"]
["9050","Rampas de acessibilidade utilizadas nas pavimentações (utilizadas em calçadas \ncom largura de 1,20 metros)","Composições ","UND",{"v":1,"d":"1.00000000"},377.64,377.64]
[{"$nulls":4},"TOTAL Material:",null,377.64]
[{"$nulls":4},"VALOR:",null,{"v":510,"d":"510.00"}]
[]
["2.5. CPU 01 - PISO TÁTIL DIRECIONAL E/OU ALERTA,DE CONCRETO, COLORIDO, P/DEFICIENTES VISUAIS, DIMENSÕES 25x25CM, APLICADO COM ARGAMASSA INDUSTRIALIZADA AC-II, REJUNTADO, EXCLUSIVE REGULARIZAÇÃO DE BASE (m2)"]
["Material",null,"FONTE","UNID","COEFICIENTE","PREÇO UNITÁRIO","TOTAL"]
["00034353","ARGAMASSA COLANTE AC II - Percentual=4,0000%","SINAPI","KG",0.69372625,1.39,{"v":1,"d":"1.00"}]
["00038137","LADRILHO HIDRAULICO, *20 X 20* CM, E= 2 CM, RAMPA, NATURAL - Percentual=1,0500%","SINAPI","M2",0.69372625,65.96,46.24]
["00034357","REJUNTE CIMENTICIO, QUALQUER COR - Percentual=0,5200%","SINAPI","KG",0.69372625,{"v":4.4,"d":"4.40"},3.07]
[{"$nulls":4},"TOTAL Material:",null,50.31]
["Serviço",null,"FONTE","UNID","COEFICIENTE","PREÇO UNITÁRIO","TOTAL"]
["88309","PEDREIRO COM ENCARGOS COMPLEMENTARES - Percentual=0,5000%","SINAPI","H",0.69372625,19.57,13.64]
["88316","SERVENTE COM ENCARGOS COMPLEMENTARES - Percentual=1,2000%","SINAPI","H",0.69372625,15.53,{"v":10.9,"d":"10.90"}]
[{"$nulls":4},"TOTAL Serviço:",null,24.54]
[{"$nulls":4},"VALOR:",null,74.85]
[]
["2.6. 102498 - PINTURA DE MEIO-FIO COM TINTA BRANCA A BASE DE CAL (CAIAÇÃO). AF_05/2021 (M)"]
["Material",null,"FONTE","UNID","COEFICIENTE","PREÇO UNITÁRIO","TOTAL"]
["00011161","CAL HIDRATADA PARA PINTURA","SINAPI","KG",0.09941103,1.33,0.13]
[{"$nulls":4},"TOTAL Material:",null,0.13]
["Serviço",null,"FONTE","UNID","COEFICIENTE","PREÇO UNITÁRIO","TOTAL"]
["88310","PINTOR COM ENCARGOS COMPLEMENTARES","SINAPI","H",0.03732456,20.65,0.77]
["88316","SERVENTE COM ENCARGOS COMPLEMENTARES","SINAPI","H",0.01614035,15.53,0.25]
[{"$nulls":4},"TOTAL Serviço:",null,1.02]
[{"$nulls":4},"VALOR:",null,1.15]
[]
["2.7. COMP-51076047 - LIMPEZA FINAL DA OBRA (m2)"]
["Material",null,"FONTE","UNID","COEFICIENTE","PREÇO UNITÁRIO","TOTAL"]
["00038400","VASSOURA 40 CM COM CABO","SINAPI","UN",0.03150243,9.27,0.29]
[{"$nulls":4},"TOTAL Material:",null,0.29]
["Serviço",null,"FONTE","UNID","COEFICIENTE","PREÇO UNITÁRIO","TOTAL"]
["88316","SERVENTE COM ENCARGOS COMPLEMENTARES","SINAPI","H",0.00630049,15.53,{"v":0.1,"d":"0.10"}]
[{"$nulls":4},"TOTAL Serviço:",null,{"v":0.1,"d":"0.10"}]
[{"$nulls":4},"VALOR:",null,0.39]
[]
["3.1. COM-26260763 - PLACA ESMALTADA PARA IDENTIFICAÇÃO NR DE RUA, DIMENSÕES 45X25 CM (M2)"]
["Material",null,"FONTE","UNID","COEFICIENTE","PREÇO UNITÁRIO","TOTAL"]
["00011950","BUCHA DE NYLON SEM ABA S6, COM PARAFUSO DE 4,20 X 40 MM EM ACO ZINCADO COM ROSCA SOBERBA, CABECA CHATA E FENDA PHILLIPS - Percentual=0,4000%","SINAPI","UN",{"v":1,"d":"1.00000000"},{"v":0.2,"d":"0.20"},{"v":0.2,"d":"0.20"}]
["00013521","PLACA DE ACO ESMALTADA PARA  IDENTIFICACAO DE RUA, *45 CM X 20* CM","SINAPI","UN",{"v":1,"d":"1.00000000"},140.25,140.25]
[{"$nulls":4},"TOTAL Material:",null,140.45]
["Serviço",null,"FONTE","UNID","COEFICIENTE","PREÇO UNITÁRIO","TOTAL"]
["88316","SERVENTE COM ENCARGOS COMPLEMENTARES - Percentual=0,4000%","SINAPI","H",-3.75756354,15.53,-58.59]
[{"$nulls":4},"TOTAL Serviço:",null,-58.59]
[{"$nulls":4},"VALOR:",null,81.75]
[]
["3.2. 5213570 - FORNECIMENTO E IMPLANTAÇÃO DE PLACA DE AÇO I + I (m²)"]
["Equipamento",null,"FONTE","UNID","COEFICIENTE","PREÇO UNITÁRIO","TOTAL"]
["E9687","Caminhão carroceria com capacidade de 5 t - 115 kW (CHI)","SICRO NOVO","CHI",0.21158964,49.2699,{"v":10.425,"d":"10.4250"}]
["E9687","Caminhão carroceria com capacidade de 5 t - 115 kW (CHP)","SICRO NOVO","CHP",0.09068128,151.0213,13.6948]
[{"$nulls":4},"TOTAL Equipamento:",null,24.1198]
["Mão de Obra",null,"FONTE","UNID","COEFICIENTE","PREÇO UNITÁRIO","TOTAL"]
["P9830","Montador","SICRO NOVO","h",0.30227092,25.3825,7.6724]
["P9824","Servente","SICRO NOVO","h",0.60454184,16.6249,10.0504]
[{"$nulls":4},"TOTAL Mão de Obra:",null,17.7228]
["Serviço",null,"FONTE","UNID","COEFICIENTE","PREÇO UNITÁRIO","TOTAL"]
["5213416","Placa em aço nº 16 galvanizado com película retrorrefletiva tipo I + I - confecção","SICRO NOVO","m²",0.90681276,372.7006,337.9697]
[{"$nulls":4},"TOTAL Serviço:",null,337.9697]
[{"$nulls":4},"VALOR:",null,379.81]

{"sheet":"COMPOSICOES PROPRIAS","index":4,"n_rows":62,"n_cols":7,"rows_kept":62,"merged":[[0,0,0,6],[1,2,1,3],[2,0,2,6],[3,0,3,1],[8,4,8,5],[9,0,9,1],[13,4,13,5],[14,4,14,5],[15,2,15,3],[16,0,16,6],[17,0,17,1],[23,4,23,5],[24,4,24,5],[25,2,25,3],[26,0,26,6],[27,0,27,1],[29,4,29,5],[30,4,30,5],[31,2,31,3],[32,0,32,6],[33,0,33,1],[37,4,37,5],[38,0,38,1],[41,4,41,5],[42,4,42,5],[43,2,43,3],[44,0,44,6],[45,0,45,1],[47,4,47,5],[48,0,48,1],[50,4,50,5],[51,4,51,5],[52,2,52,3],[53,0,53,6],[54,0,54,1],[57,4,57,5],[58,0,58,1],[60,4,60,5],[61,4,61,5]]}
[]
[]
["74209/01 - PLACA DE OBRA EM CHAPA DE AÇO GALVANIZADO ADAPTADO 74209 (M2)"]
["Material",null,"FONTE","UNID","COEFICIENTE","PREÇO UNITÁRIO","TOTAL"]
["00004813","PLACA DE OBRA (PARA CONSTRUCAO CIVIL) EM CHAPA GALVANIZADA *N. 22*, ADESIVADA, DE *2,4 X 1,2* M (SEM POSTES PARA FIXACAO) - Percentual=1,0000%","SINAPI","M2",0.39159386,{"v":425,"d":"425.00"},168.09]
["00004491","PONTALETE *7,5 X 7,5* CM EM PINUS, MISTA OU EQUIVALENTE DA REGIAO - BRUTA - Percentual=4,0000%","SINAPI","M",0.39159386,13.61,5.54]
["00005075","PREGO DE ACO POLIDO COM CABECA 18 X 30 (2 3/4 X 10) - Percentual=0,1100%","SINAPI","KG",0.39159386,25.43,9.97]
["00004417","SARRAFO NAO APARELHADO *2,5 X 7* CM, EM MACARANDUBA, ANGELIM OU EQUIVALENTE DA REGIAO -  BRUTA - Percentual=1,0000%","SINAPI","M",0.39159386,5.71,2.26]
[{"$nulls":4},"TOTAL Material:",null,185.86]
["Serviço",null,"FONTE","UNID","COEFICIENTE","PREÇO UNITÁRIO","TOTAL"]
["88262","CARPINTEIRO DE FORMAS COM ENCARGOS COMPLEMENTARES - Percentual=1,0000%","SINAPI","H",0.39159386,19.34,7.65]
["94962","CONCRETO MAGRO PARA LASTRO, TRAÇO 1:4,5:4,5 (EM MASSA SECA DE CIMENTO/ AREIA MÉDIA/ BRITA 1) - PREPARO MECÂNICO COM BETONEIRA 400 L. AF_05/2021 - Percentual=0,0100%","SINAPI","M3",0.39159386,360.99,141.38]
["88316","SERVENTE COM ENCARGOS COMPLEMENTARES - Percentual=2,0000%","SINAPI","H",0.39159386,15.53,{"v":6.2,"d":"6.20"}]
[{"$nulls":4},"TOTAL Serviço:",null,155.23]
[{"$nulls":4},"VALOR:",null,341.09]
[]
["COMP-48999838 - SERVICOSTOPOGRAFICOSPARAPAVIMENTACAO,INCLUSIVENOTADESERVICOS, ACOMPANHAMENTO E GREIDE (M2)"]
["Serviço",null,"FONTE","UNID","COEFICIENTE","PREÇO UNITÁRIO","TOTAL"]
["88253","AUXILIAR DE TOPÓGRAFO COM ENCARGOS COMPLEMENTARES","SINAPI","H",0.00189949,13.99,0.03]
["92145","CAMINHONETE CABINE SIMPLES COM MOTOR 1.6 FLEX, CÂMBIO MANUAL, POTÊNCIA 101/104 CV, 2 PORTAS - CHP DIURNO. AF_11/2015","SINAPI","CHP",0.00261429,63.77,0.17]
["88597","DESENHISTA DETALHISTA COM ENCARGOS COMPLEMENTARES","SINAPI","H",0.00261429,30.79,0.08]
["88288","NIVELADOR COM ENCARGOS COMPLEMENTARES","SINAPI","H",0.00261429,17.45,0.05]
["88316","SERVENTE COM ENCARGOS COMPLEMENTARES","SINAPI","H",0.00261429,15.53,0.04]
[{"$nulls":4},"TOTAL Serviço:",null,0.37]
[{"$nulls":4},"VALOR:",null,0.37]
[]
["9050 - Rampas de acessibilidade utilizadas nas pavimentações (utilizadas em calçadas com largura de 1,20 metros) (UND)"]
["Material",null,"FONTE","UNID","COEFICIENTE","PREÇO UNITÁRIO","TOTAL"]
["9050","Rampas de acessibilidade utilizadas nas pavimentações (utilizadas em calçadas \ncom largura de 1,20 metros)","Composições ","UND",{"v":1,"d":"1.00000000"},377.64,377.64]
[{"$nulls":4},"TOTAL Material:",null,377.64]
[{"$nulls":4},"VALOR:",null,{"v":510,"d":"510.00"}]
[]
["CPU 01 - PISO TÁTIL DIRECIONAL E/OU ALERTA,DE CONCRETO, NA COR NATURAL, P/DEFICIENTES VISUAIS, DIMENSÕES 20x20CM, APLICADO COM ARGAMASSA INDUSTRIALIZADA AC-II, REJUNTADO (m2)"]
["Material",null,"FONTE","UNID","COEFICIENTE","PREÇO UNITÁRIO","TOTAL"]
["00034353","ARGAMASSA COLANTE AC II - Percentual=4,0000%","SINAPI","KG",0.69372625,1.39,{"v":1,"d":"1.00"}]
["00038137","LADRILHO HIDRAULICO, *20 X 20* CM, E= 2 CM, RAMPA, NATURAL - Percentual=1,0500%","SINAPI","M2",0.69372625,65.96,46.24]
["00034357","REJUNTE CIMENTICIO, QUALQUER COR - Percentual=0,5200%","SINAPI","KG",0.69372625,{"v":4.4,"d":"4.40"},3.07]
[{"$nulls":4},"TOTAL Material:",null,50.31]
["Serviço",null,"FONTE","UNID","COEFICIENTE","PREÇO UNITÁRIO","TOTAL"]
["88309","PEDREIRO COM ENCARGOS COMPLEMENTARES - Percentual=0,5000%","SINAPI","H",0.69372625,19.57,13.64]
["88316","SERVENTE COM ENCARGOS COMPLEMENTARES - Percentual=1,2000%","SINAPI","H",0.69372625,15.53,{"v":10.9,"d":"10.90"}]
[{"$nulls":4},"TOTAL Serviço:",null,24.54]
[{"$nulls":4},"VALOR:",null,74.85]
[]
["COMP-51076047 - LIMPEZA FINAL DA OBRA COM VARRIÇÃO (m2)"]
["Material",null,"FONTE","UNID","COEFICIENTE","PREÇO UNITÁRIO","TOTAL"]
["00038400","VASSOURA 40 CM COM CABO","SINAPI","UN",0.03150243,9.27,0.29]
[{"$nulls":4},"TOTAL Material:",null,0.29]
["Serviço",null,"FONTE","UNID","COEFICIENTE","PREÇO UNITÁRIO","TOTAL"]
["88316","SERVENTE COM ENCARGOS COMPLEMENTARES","SINAPI","H",0.00630049,15.53,{"v":0.1,"d":"0.10"}]
[{"$nulls":4},"TOTAL Serviço:",null,{"v":0.1,"d":"0.10"}]
[{"$nulls":4},"VALOR:",null,0.39]
[]
["COM-26260763 - PLACA ESMALTADA PARA IDENTIFICAÇÃO NR DE RUA, DIMENSÕES 45X25 C M (M2)"]
["Material",null,"FONTE","UNID","COEFICIENTE","PREÇO UNITÁRIO","TOTAL"]
["00011950","BUCHA DE NYLON SEM ABA S6, COM PARAFUSO DE 4,20 X 40 MM EM ACO ZINCADO COM ROSCA SOBERBA, CABECA CHATA E FENDA PHILLIPS - Percentual=0,4000%","SINAPI","UN",{"v":1,"d":"1.00000000"},{"v":0.2,"d":"0.20"},{"v":0.2,"d":"0.20"}]
["00013521","PLACA DE ACO ESMALTADA PARA  IDENTIFICACAO DE RUA, *45 CM X 20* CM","SINAPI","UN",{"v":1,"d":"1.00000000"},140.25,140.25]
[{"$nulls":4},"TOTAL Material:",null,140.45]
["Serviço",null,"FONTE","UNID","COEFICIENTE","PREÇO UNITÁRIO","TOTAL"]
["88316","SERVENTE COM ENCARGOS COMPLEMENTARES - Percentual=0,4000%","SINAPI","H",-3.75756354,15.53,-58.59]
[{"$nulls":4},"TOTAL Serviço:",null,-58.59]
[{"$nulls":4},"VALOR:",null,81.75]

{"sheet":"COMPOSICOES AUXILIARES","index":5,"n_rows":611,"n_cols":12,"rows_kept":611,"merged":[[0,0,0,11],[1,4,1,6],[2,0,2,11],[3,0,3,3],[3,4,3,5],[3,7,3,8],[3,9,3,10],[4,1,4,3],[4,4,4,5],[4,7,4,8],[4,9,4,10],[5,7,5,10],[6,7,6,10],[7,4,7,6],[8,0,8,11],[9,0,9,3],[9,4,9,5],[9,7,9,8],[9,9,9,10],[10,1,10,3],[10,4,10,5],[10,7,10,8],[10,9,10,10],[11,1,11,3],[11,4,11,5],[11,7,11,8],[11,9,11,10],[12,1,12,3],[12,4,12,5],[12,7,12,8],[12,9,12,10],[13,1,13,3],[13,4,13,5],[13,7,13,8],[13,9,13,10],[14,1,14,3],[14,4,14,5],[14,7,14,8],[14,9,14,10],[15,1,15,3],[15,4,15,5],[15,7,15,8],[15,9,15,10],[16,7,16,10],[17,0,17,3],[17,4,17,5],[17,7,17,8],[17,9,17,10],[18,1,18,3],[18,4,18,5],[18,7,18,8],[18,9,18,10],[19,7,19,10],[20,0,20,3],[20,4,20,5],[20,7,20,8],[20,9,20,10],[21,1,21,3],[21,4,21,5],[21,7,21,8],[21,9,21,10],[22,7,22,10],[23,7,23,10],[24,4,24,6],[25,0,25,11],[26,0,26,3],[26,4,26,5],[26,7,26,8],[26,9,26,10],[27,1,27,3],[27,4,27,5],[27,7,27,8],[27,9,27,10],[28,7,28,10],[29,7,29,10],[30,4,30,6],[31,0,31,11],[32,0,32,3],[32,4,32,5],[32,7,32,8],[32,9,32,10],[33,1,33,3],[33,4,33,5],[33,7,33,8],[33,9,33,10],[34,7,34,10],[35,7,35,10],[36,4,36,6],[37,0,37,11],[38,0,38,3],[38,4,38,5],[38,7,38,8],[38,9,38,10],[39,1,39,3],[39,4,39,5],[39,7,39,8],[39,9,39,10],[40,1,40,3],[40,4,40,5],[40,7,40,8],[40,9,40,10],[41,7,41,10],[42,7,42,10],[43,4,43,6],[44,0,44,11],[45,0,45,3],[45,4,45,5],[45,7,45,8],[45,9,45,10],[46,1,46,3],[46,4,46,5],[46,7,46,8],[46,9,46,10],[47,7,47,10],[48,7,48,10],[49,4,49,6],[50,0,50,11],[51,0,51,3],[51,4,51,5],[51,7,51,8],[51,9,51,10],[52,1,52,3],[52,4,52,5],[52,7,52,8],[52,9,52,10],[53,7,53,10],[54,7,54,10],[55,4,55,6],[56,0,56,11],[57,0,57,3],[57,4,57,5],[57,7,57,8],[57,9,57,10],[58,1,58,3],[58,4,58,5],[58,7,58,8],[58,9,58,10],[59,1,59,3],[59,4,59,5],[59,7,59,8],[59,9,59,10],[60,1,60,3],[60,4,60,5],[60,7,60,8],[60,9,60,10],[61,1,61,3],[61,4,61,5],[61,7,61,8],[61,9,61,10],[62,7,62,10],[63,7,63,10],[64,4,64,6],[65,0,65,11],[66,0,66,3],[66,4,66,5],[66,7,66,8],[66,9,66,10],[67,1,67,3],[67,4,67,5],[67,7,67,8],[67,9,67,10],[68,7,68,10],[69,7,69,10],[70,4,70,6],[71,0,71,11],[72,0,72,3],[72,4,72,5],[72,7,72,8],[72,9,72,10],[73,1,73,3],[73,4,73,5],[73,7,73,8],[73,9,73,10],[74,1,74,3],[74,4,74,5],[74,7,74,8],[74,9,74,10],[75,1,75,3],[75,4,75,5],[75,7,75,8],[75,9,75,10],[76,1,76,3],[76,4,76,5],[76,7,76,8],[76,9,76,10],[77,1,77,3],[77,4,77,5],[77,7,77,8],[77,9,77,10],[78,1,78,3],[78,4,78,5],[78,7,78,8],[78,9,78,10],[79,7,79,10],[80,0,80,3],[80,4,80,5],[80,7,80,8],[80,9,80,10],[81,1,81,3],[81,4,81,5],[81,7,81,8],[81,9,81,10],[82,7,82,10],[83,0,83,3],[83,4,83,5],[83,7,83,8],[83,9,83,10],[84,1,84,3],[84,4,84,5],[84,7,84,8],[84,9,84,10],[85,7,85,10],[86,7,86,10],[87,4,87,6],[88,0,88,11],[89,0,89,3],[89,4,89,5],[89,7,89,8],[89,9,89,10],[90,1,90,3],[90,4,90,5],[90,7,90,8],[90,9,90,10],[91,7,91,10],[92,7,92,10],[93,4,93,6],[94,0,94,11],[95,0,95,3],[95,4,95,5],[95,7,95,8],[95,9,95,10],[96,1,96,3],[96,4,96,5],[96,7,96,8],[96,9,96,10],[97,1,97,3],[97,4,97,5],[97,7,97,8],[97,9,97,10],[98,1,98,3],[98,4,98,5],[98,7,98,8],[98,9,98,10],[99,1,99,3],[99,4,99,5],[99,7,99,8],[99,9,99,10],[100,1,100,3],[100,4,100,5],[100,7,100,8],[100,9,100,10],[101,1,101,3],[101,4,101,5],[101,7,101,8],[101,9,101,10],[102,7,102,10],[103,0,103,3],[103,4,103,5],[103,7,103,8],[103,9,103,10],[104,1,104,3],[104,4,104,5],[104,7,104,8],[104,9,104,10],[105,7,105,10],[106,0,106,3],[106,4,106,5],[106,7,106,8],[106,9,106,10],[107,1,107,3],[107,4,107,5],[107,7,107,8],[107,9,107,10],[108,7,108,10],[109,7,109,10],[110,4,110,6],[111,0,111,11],[112,0,112,3],[112,4,112,5],[112,7,112,8],[112,9,112,10],[113,1,113,3],[113,4,113,5],[113,7,113,8],[113,9,113,10],[114,1,114,3],[114,4,114,5],[114,7,114,8],[114,9,114,10],[115,1,115,3],[115,4,115,5],[115,7,115,8],[115,9,115,10],[116,7,116,10],[117,0,117,3],[117,4,117,5],[117,7,117,8],[117,9,117,10],[118,1,118,3],[118,4,118,5],[118,7,118,8],[118,9,118,10],[119,1,119,3],[119,4,119,5],[119,7,119,8],[119,9,119,10],[120,1,120,3],[120,4,120,5],[120,7,120,8],[120,9,120,10],[121,1,121,3],[121,4,121,5],[121,7,121,8],[121,9,121,10],[122,7,122,10],[123,7,123,10],[124,4,124,6],[125,0,125,11],[126,0,126,3],[126,4,126,5],[126,7,126,8],[126,9,126,10],[127,1,127,3],[127,4,127,5],[127,7,127,8],[127,9,127,10],[128,7,128,10],[129,7,129,10],[130,4,130,6],[131,0,131,11],[132,0,132,3],[132,4,132,5],[132,7,132,8],[132,9,132,10],[133,1,133,3],[133,4,133,5],[133,7,133,8],[133,9,133,10],[134,1,134,3],[134,4,134,5],[134,7,134,8],[134,9,134,10],[135,1,135,3],[135,4,135,5],[135,7,135,8],[135,9,135,10],[136,1,136,3],[136,4,136,5],[136,7,136,8],[136,9,136,10],[137,7,137,10],[138,0,138,3],[138,4,138,5],[138,7,138,8],[138,9,138,10],[139,1,139,3],[139,4,139,5],[139,7,139,8],[139,9,139,10],[140,7,140,10],[141,0,141,3],[141,4,141,5],[141,7,141,8],[141,9,141,10],[142,1,142,3],[142,4,142,5],[142,7,142,8],[142,9,142,10],[143,7,143,10],[144,7,144,10],[145,4,145,6],[146,0,146,11],[147,0,147,3],[147,4,147,5],[147,7,147,8],[147,9,147,10],[148,1,148,3],[148,4,148,5],[148,7,148,8],[148,9,148,10],[149,7,149,10],[150,7,150,10],[151,4,151,6],[152,0,152,11],[153,0,153,3],[153,4,153,5],[153,7,153,8],[153,9,153,10],[154,1,154,3],[154,4,154,5],[154,7,154,8],[154,9,154,10],[155,7,155,10],[156,7,156,10],[157,4,157,6],[158,0,158,11],[159,0,159,3],[159,4,159,5],[159,7,159,8],[159,9,159,10],[160,1,160,3],[160,4,160,5],[160,7,160,8],[160,9,160,10],[161,7,161,10],[162,7,162,10],[163,4,163,6],[164,0,164,11],[165,0,165,3],[165,4,165,5],[165,7,165,8],[165,9,165,10],[166,1,166,3],[166,4,166,5],[166,7,166,8],[166,9,166,10],[167,7,167,10],[168,7,168,10],[169,4,169,6],[170,0,170,11],[171,0,171,3],[171,4,171,5],[171,7,171,8],[171,9,171,10],[172,1,172,3],[172,4,172,5],[172,7,172,8],[172,9,172,10],[173,7,173,10],[174,7,174,10],[175,4,175,6],[176,0,176,11],[177,0,177,3],[177,4,177,5],[177,7,177,8],[177,9,177,10],[178,1,178,3],[178,4,178,5],[178,7,178,8],[178,9,178,10],[179,7,179,10],[180,7,180,10],[181,4,181,6],[182,0,182,11],[183,0,183,3],[183,4,183,5],[183,7,183,8],[183,9,183,10],[184,1,184,3],[184,4,184,5],[184,7,184,8],[184,9,184,10],[185,1,185,3],[185,4,185,5],[185,7,185,8],[185,9,185,10],[186,1,186,3],[186,4,186,5],[186,7,186,8],[186,9,186,10],[187,1,187,3],[187,4,187,5],[187,7,187,8],[187,9,187,10],[188,1,188,3],[188,4,188,5],[188,7,188,8],[188,9,188,10],[189,1,189,3],[189,4,189,5],[189,7,189,8],[189,9,189,10],[190,7,190,10],[191,0,191,3],[191,4,191,5],[191,7,191,8],[191,9,191,10],[192,1,192,3],[192,4,192,5],[192,7,192,8],[192,9,192,10],[193,7,193,10],[194,0,194,3],[194,4,194,5],[194,7,194,8],[194,9,194,10],[195,1,195,3],[195,4,195,5],[195,7,195,8],[195,9,195,10],[196,7,196,10],[197,7,197,10],[198,4,198,6],[199,0,199,11],[200,0,200,3],[200,4,200,5],[200,7,200,8],[200,9,200,10],[201,1,201,3],[201,4,201,5],[201,7,201,8],[201,9,201,10],[202,1,202,3],[202,4,202,5],[202,7,202,8],[202,9,202,10],[203,1,203,3],[203,4,203,5],[203,7,203,8],[203,9,203,10],[204,1,204,3],[204,4,204,5],[204,7,204,8],[204,9,204,10],[205,1,205,3],[205,4,205,5],[205,7,205,8],[205,9,205,10],[206,1,206,3],[206,4,206,5],[206,7,206,8],[206,9,206,10],[207,7,207,10],[208,7,208,10],[209,4,209,6],[210,0,210,11],[211,0,211,3],[211,4,211,5],[211,7,211,8],[211,9,211,10],[212,1,212,3],[212,4,212,5],[212,7,212,8],[212,9,212,10],[213,7,213,10],[214,7,214,10],[215,4,215,6],[216,0,216,11],[217,0,217,3],[217,4,217,5],[217,7,217,8],[217,9,217,10],[218,1,218,3],[218,4,218,5],[218,7,218,8],[218,9,218,10],[219,1,219,3],[219,4,219,5],[219,7,219,8],[219,9,219,10],[220,1,220,3],[220,4,220,5],[220,7,220,8],[220,9,220,10],[221,1,221,3],[221,4,221,5],[221,7,221,8],[221,9,221,10],[222,7,222,10],[223,0,223,3],[223,4,223,5],[223,7,223,8],[223,9,223,10],[224,1,224,3],[224,4,224,5],[224,7,224,8],[224,9,224,10],[225,7,225,10],[226,0,226,3],[226,4,226,5],[226,7,226,8],[226,9,226,10],[227,1,227,3],[227,4,227,5],[227,7,227,8],[227,9,227,10],[228,7,228,10],[229,7,229,10],[230,4,230,6],[231,0,231,11],[232,0,232,3],[232,4,232,5],[232,7,232,8],[232,9,232,10],[233,1,233,3],[233,4,233,5],[233,7,233,8],[233,9,233,10],[234,7,234,10],[235,7,235,10],[236,4,236,6],[237,0,237,11],[238,0,238,3],[238,4,238,5],[238,7,238,8],[238,9,238,10],[239,1,239,3],[239,4,239,5],[239,7,239,8],[239,9,239,10],[240,1,240,3],[240,4,240,5],[240,7,240,8],[240,9,240,10],[241,1,241,3],[241,4,241,5],[241,7,241,8],[241,9,241,10],[242,1,242,3],[242,4,242,5],[242,7,242,8],[242,9,242,10],[243,7,243,10],[244,0,244,3],[244,4,244,5],[244,7,244,8],[244,9,244,10],[245,1,245,3],[245,4,245,5],[245,7,245,8],[245,9,245,10],[246,7,246,10],[247,0,247,3],[247,4,247,5],[247,7,247,8],[247,9,247,10],[248,1,248,3],[248,4,248,5],[248,7,248,8],[248,9,248,10],[249,7,249,10],[250,7,250,10],[251,4,251,6],[252,0,252,11],[253,0,253,3],[253,4,253,5],[253,7,253,8],[253,9,253,10],[254,1,254,3],[254,4,254,5],[254,7,254,8],[254,9,254,10],[255,1,255,3],[255,4,255,5],[255,7,255,8],[255,9,255,10],[256,7,256,10],[257,0,257,3],[257,4,257,5],[257,7,257,8],[257,9,257,10],[258,1,258,3],[258,4,258,5],[258,7,258,8],[258,9,258,10],[259,1,259,3],[259,4,259,5],[259,7,259,8],[259,9,259,10],[260,1,260,3],[260,4,260,5],[260,7,260,8],[260,9,260,10],[261,7,261,10],[262,7,262,10],[263,4,263,6],[264,0,264,11],[265,0,265,3],[265,4,265,5],[265,7,265,8],[265,9,265,10],[266,1,266,3],[266,4,266,5],[266,7,266,8],[266,9,266,10],[267,7,267,10],[268,7,268,10],[269,4,269,6],[270,0,270,11],[271,0,271,3],[271,4,271,5],[271,7,271,8],[271,9,271,10],[272,1,272,3],[272,4,272,5],[272,7,272,8],[272,9,272,10],[273,1,273,3],[273,4,273,5],[273,7,273,8],[273,9,273,10],[274,1,274,3],[274,4,274,5],[274,7,274,8],[274,9,274,10],[275,1,275,3],[275,4,275,5],[275,7,275,8],[275,9,275,10],[276,1,276,3],[276,4,276,5],[276,7,276,8],[276,9,276,10],[277,1,277,3],[277,4,277,5],[277,7,277,8],[277,9,277,10],[278,7,278,10],[279,0,279,3],[279,4,279,5],[279,7,279,8],[279,9,279,10],[280,1,280,3],[280,4,280,5],[280,7,280,8],[280,9,280,10],[281,7,281,10],[282,0,282,3],[282,4,282,5],[282,7,282,8],[282,9,282,10],[283,1,283,3],[283,4,283,5],[283,7,283,8],[283,9,283,10],[284,7,284,10],[285,7,285,10],[286,4,286,6],[287,0,287,11],[288,0,288,3],[288,4,288,5],[288,7,288,8],[288,9,288,10],[289,1,289,3],[289,4,289,5],[289,7,289,8],[289,9,289,10],[290,7,290,10],[291,7,291,10],[292,4,292,6],[293,0,293,11],[294,0,294,3],[294,4,294,5],[294,7,294,8],[294,9,294,10],[295,1,295,3],[295,4,295,5],[295,7,295,8],[295,9,295,10],[296,1,296,3],[296,4,296,5],[296,7,296,8],[296,9,296,10],[297,1,297,3],[297,4,297,5],[297,7,297,8],[297,9,297,10],[298,1,298,3],[298,4,298,5],[298,7,298,8],[298,9,298,10],[299,1,299,3],[299,4,299,5],[299,7,299,8],[299,9,299,10],[300,1,300,3],[300,4,300,5],[300,7,300,8],[300,9,300,10],[301,7,301,10],[302,0,302,3],[302,4,302,5],[302,7,302,8],[302,9,302,10],[303,1,303,3],[303,4,303,5],[303,7,303,8],[303,9,303,10],[304,7,304,10],[305,0,305,3],[305,4,305,5],[305,7,305,8],[305,9,305,10],[306,1,306,3],[306,4,306,5],[306,7,306,8],[306,9,306,10],[307,7,307,10],[308,7,308,10],[309,4,309,6],[310,0,310,11],[311,0,311,3],[311,4,311,5],[311,7,311,8],[311,9,311,10],[312,1,312,3],[312,4,312,5],[312,7,312,8],[312,9,312,10],[313,7,313,10],[314,7,314,10],[315,4,315,6],[316,0,316,11],[317,0,317,3],[317,4,317,5],[317,7,317,8],[317,9,317,10],[318,1,318,3],[318,4,318,5],[318,7,318,8],[318,9,318,10],[319,7,319,10],[320,7,320,10],[321,4,321,6],[322,0,322,11],[323,0,323,3],[323,4,323,5],[323,7,323,8],[323,9,323,10],[324,1,324,3],[324,4,324,5],[324,7,324,8],[324,9,324,10],[325,1,325,3],[325,4,325,5],[325,7,325,8],[325,9,325,10],[326,1,326,3],[326,4,326,5],[326,7,326,8],[326,9,326,10],[327,7,327,10],[328,7,328,10],[329,4,329,6],[330,0,330,11],[331,0,331,3],[331,4,331,5],[331,7,331,8],[331,9,331,10],[332,1,332,3],[332,4,332,5],[332,7,332,8],[332,9,332,10],[333,7,333,10],[334,7,334,10],[335,4,335,6],[336,0,336,11],[337,0,337,3],[337,4,337,5],[337,7,337,8],[337,9,337,10],[338,1,338,3],[338,4,338,5],[338,7,338,8],[338,9,338,10],[339,7,339,10],[340,7,340,10],[341,4,341,6],[342,0,342,11],[343,0,343,3],[343,4,343,5],[343,7,343,8],[343,9,343,10],[344,1,344,3],[344,4,344,5],[344,7,344,8],[344,9,344,10],[345,1,345,3],[345,4,345,5],[345,7,345,8],[345,9,345,10],[346,1,346,3],[346,4,346,5],[346,7,346,8],[346,9,346,10],[347,1,347,3],[347,4,347,5],[347,7,347,8],[347,9,347,10],[348,1,348,3],[348,4,348,5],[348,7,348,8],[348,9,348,10],[349,7,349,10],[350,7,350,10],[351,4,351,6],[352,0,352,11],[353,0,353,3],[353,4,353,5],[353,7,353,8],[353,9,353,10],[354,1,354,3],[354,4,354,5],[354,7,354,8],[354,9,354,10],[355,7,355,10],[356,7,356,10],[357,4,357,6],[358,0,358,11],[359,0,359,3],[359,4,359,5],[359,7,359,8],[359,9,359,10],[360,1,360,3],[360,4,360,5],[360,7,360,8],[360,9,360,10],[361,1,361,3],[361,4,361,5],[361,7,361,8],[361,9,361,10],[362,1,362,3],[362,4,362,5],[362,7,362,8],[362,9,362,10],[363,1,363,3],[363,4,363,5],[363,7,363,8],[363,9,363,10],[364,1,364,3],[364,4,364,5],[364,7,364,8],[364,9,364,10],[365,1,365,3],[365,4,365,5],[365,7,365,8],[365,9,365,10],[366,7,366,10],[367,0,367,3],[367,4,367,5],[367,7,367,8],[367,9,367,10],[368,1,368,3],[368,4,368,5],[368,7,368,8],[368,9,368,10],[369,7,369,10],[370,0,370,3],[370,4,370,5],[370,7,370,8],[370,9,370,10],[371,1,371,3],[371,4,371,5],[371,7,371,8],[371,9,371,10],[372,7,372,10],[373,7,373,10],[374,4,374,6],[375,0,375,11],[376,0,376,3],[376,4,376,5],[376,7,376,8],[376,9,376,10],[377,1,377,3],[377,4,377,5],[377,7,377,8],[377,9,377,10],[378,1,378,3],[378,4,378,5],[378,7,378,8],[378,9,378,10],[379,7,379,10],[380,0,380,3],[380,4,380,5],[380,7,380,8],[380,9,380,10],[381,1,381,3],[381,4,381,5],[381,7,381,8],[381,9,381,10],[382,7,382,10],[383,7,383,10],[384,4,384,6],[385,0,385,11],[386,0,386,3],[386,4,386,5],[386,7,386,8],[386,9,386,10],[387,1,387,3],[387,4,387,5],[387,7,387,8],[387,9,387,10],[388,7,388,10],[389,7,389,10],[390,4,390,6],[391,0,391,11],[392,0,392,3],[392,4,392,5],[392,7,392,8],[392,9,392,10],[393,1,393,3],[393,4,393,5],[393,7,393,8],[393,9,393,10],[394,7,394,10],[395,7,395,10],[396,4,396,6],[397,0,397,11],[398,0,398,3],[398,4,398,5]],"merged_total":1494,"flags":["merged_cut"]}
[]
[]
["95330 - CURSO DE CAPACITAÇÃO PARA CARPINTEIRO DE FÔRMAS (ENCARGOS COMPLEMENTARES) - HORISTA (H)"]
["Mão de Obra",{"$nulls":3},"FONTE",null,"UNID","COEFICIENTE",null,"PREÇO UNITÁRIO",null,"TOTAL"]
["00001213","CARPINTEIRO DE FORMAS (HORISTA)",null,null,"SINAPI",null,"H",{"v":0.0094,"d":"0.00940000"},null,{"v":15,"d":"15.00"},null,0.14]
[{"$nulls":7},"TOTAL Mão de Obra:",{"$nulls":3},0.14]
[{"$nulls":7},"VALOR:",{"$nulls":3},0.14]
[]
["88262 - CARPINTEIRO DE FORMAS COM ENCARGOS COMPLEMENTARES (H)"]
["Encargos Complementares",{"$nulls":3},"FONTE",null,"UNID","COEFICIENTE",null,"PREÇO UNITÁRIO",null,"TOTAL"]
["00037370","ALIMENTACAO - HORISTA (COLETADO CAIXA)",null,null,"SINAPI",null,"H",{"v":1,"d":"1.00000000"},null,0.97,null,0.97]
["00043483","EPI - FAMILIA CARPINTEIRO DE FORMAS - HORISTA (ENCARGOS COMPLEMENTARES - COLETADO CAIXA)",null,null,"SINAPI",null,"H",{"v":1,"d":"1.00000000"},null,1.26,null,1.26]
["00037372","EXAMES - HORISTA (COLETADO CAIXA)",null,null,"SINAPI",null,"H",{"v":1,"d":"1.00000000"},null,0.81,null,0.81]
["00043459","FERRAMENTAS - FAMILIA CARPINTEIRO DE FORMAS - HORISTA (ENCARGOS COMPLEMENTARES - COLETADO CAIXA)",null,null,"SINAPI",null,"H",{"v":1,"d":"1.00000000"},null,0.45,null,0.45]
["00037373","SEGURO - HORISTA (COLETADO CAIXA)",null,null,"SINAPI",null,"H",{"v":1,"d":"1.00000000"},null,0.01,null,0.01]
["00037371","TRANSPORTE - HORISTA (COLETADO CAIXA)",null,null,"SINAPI",null,"H",{"v":1,"d":"1.00000000"},null,{"v":0.7,"d":"0.70"},null,{"v":0.7,"d":"0.70"}]
[{"$nulls":7},"TOTAL Encargos Complementares:",{"$nulls":3},{"v":4.2,"d":"4.20"}]
["Mão de Obra",{"$nulls":3},"FONTE",null,"UNID","COEFICIENTE",null,"PREÇO UNITÁRIO",null,"TOTAL"]
["00001213","CARPINTEIRO DE FORMAS (HORISTA)",null,null,"SINAPI",null,"H",{"v":1,"d":"1.00000000"},null,{"v":15,"d":"15.00"},null,{"v":15,"d":"15.00"}]
[{"$nulls":7},"TOTAL Mão de Obra:",{"$nulls":3},{"v":15,"d":"15.00"}]
["Serviço",{"$nulls":3},"FONTE",null,"UNID","COEFICIENTE",null,"PREÇO UNITÁRIO",null,"TOTAL"]
["95330","CURSO DE CAPACITAÇÃO PARA CARPINTEIRO DE FÔRMAS (ENCARGOS COMPLEMENTARES) - HORISTA",null,null,"SINAPI",null,"H",{"v":1,"d":"1.00000000"},null,0.14,null,0.14]
[{"$nulls":7},"TOTAL Serviço:",{"$nulls":3},0.14]
[{"$nulls":7},"VALOR:",{"$nulls":3},19.34]
[]
["88826 - BETONEIRA CAPACIDADE NOMINAL DE 400 L, CAPACIDADE DE MISTURA 280 L, MOTOR ELÉTRICO TRIFÁSICO POTÊNCIA DE 2 CV, SEM CARREGADOR - DEPRECIAÇÃO. AF_10/2014 (H)"]
["Equipamento",{"$nulls":3},"FONTE",null,"UNID","COEFICIENTE",null,"PREÇO UNITÁRIO",null,"TOTAL"]
["00010535","BETONEIRA CAPACIDADE NOMINAL 400 L, CAPACIDADE DE MISTURA  280 L, MOTOR ELETRICO TRIFASICO 220/380 V POTENCIA 2 CV, SEM CARREGADOR",null,null,"SINAPI",null,"UN",{"v":6.4E-5,"d":"0.00006400"},null,{"v":4701.88,"d":"4,701.88"},null,{"v":0.3,"d":"0.30"}]
[{"$nulls":7},"TOTAL Equipamento:",{"$nulls":3},{"v":0.3,"d":"0.30"}]
[{"$nulls":7},"VALOR:",{"$nulls":3},{"v":0.3,"d":"0.30"}]
[]
["88827 - BETONEIRA CAPACIDADE NOMINAL DE 400 L, CAPACIDADE DE MISTURA 280 L, MOTOR ELÉTRICO TRIFÁSICO POTÊNCIA DE 2 CV, SEM CARREGADOR - JUROS. AF_10/2014 (H)"]
["Equipamento",{"$nulls":3},"FONTE",null,"UNID","COEFICIENTE",null,"PREÇO UNITÁRIO",null,"TOTAL"]
["00010535","BETONEIRA CAPACIDADE NOMINAL 400 L, CAPACIDADE DE MISTURA  280 L, MOTOR ELETRICO TRIFASICO 220/380 V POTENCIA 2 CV, SEM CARREGADOR",null,null,"SINAPI",null,"UN",{"v":7.6E-6,"d":"0.00000760"},null,{"v":4701.88,"d":"4,701.88"},null,0.03]
[{"$nulls":7},"TOTAL Equipamento:",{"$nulls":3},0.03]
[{"$nulls":7},"VALOR:",{"$nulls":3},0.03]
[]
["88831 - BETONEIRA CAPACIDADE NOMINAL DE 400 L, CAPACIDADE DE MISTURA 280 L, MOTOR ELÉTRICO TRIFÁSICO POTÊNCIA DE 2 CV, SEM CARREGADOR - CHI DIURNO. AF_10/2014 (CHI)"]
["Serviço",{"$nulls":3},"FONTE",null,"UNID","COEFICIENTE",null,"PREÇO UNITÁRIO",null,"TOTAL"]
["88826","BETONEIRA CAPACIDADE NOMINAL DE 400 L, CAPACIDADE DE MISTURA 280 L, MOTOR ELÉTRICO TRIFÁSICO POTÊNCIA DE 2 CV, SEM CARREGADOR - DEPRECIAÇÃO. AF_10/2014",null,null,"SINAPI",null,"H",{"v":1,"d":"1.00000000"},null,{"v":0.3,"d":"0.30"},null,{"v":0.3,"d":"0.30"}]
["88827","BETONEIRA CAPACIDADE NOMINAL DE 400 L, CAPACIDADE DE MISTURA 280 L, MOTOR ELÉTRICO TRIFÁSICO POTÊNCIA DE 2 CV, SEM CARREGADOR - JUROS. AF_10/2014",null,null,"SINAPI",null,"H",{"v":1,"d":"1.00000000"},null,0.03,null,0.03]
[{"$nulls":7},"TOTAL Serviço:",{"$nulls":3},0.33]
[{"$nulls":7},"VALOR:",{"$nulls":3},0.33]
[]
["88828 - BETONEIRA CAPACIDADE NOMINAL DE 400 L, CAPACIDADE DE MISTURA 280 L, MOTOR ELÉTRICO TRIFÁSICO POTÊNCIA DE 2 CV, SEM CARREGADOR - MANUTENÇÃO. AF_10/2014 (H)"]
["Equipamento",{"$nulls":3},"FONTE",null,"UNID","COEFICIENTE",null,"PREÇO UNITÁRIO",null,"TOTAL"]
["00010535","BETONEIRA CAPACIDADE NOMINAL 400 L, CAPACIDADE DE MISTURA  280 L, MOTOR ELETRICO TRIFASICO 220/380 V POTENCIA 2 CV, SEM CARREGADOR",null,null,"SINAPI",null,"UN",{"v":7e-05,"d":"0.00007000"},null,{"v":4701.88,"d":"4,701.88"},null,0.32]
[{"$nulls":7},"TOTAL Equipamento:",{"$nulls":3},0.32]
[{"$nulls":7},"VALOR:",{"$nulls":3},0.32]
[]
["88829 - BETONEIRA CAPACIDADE NOMINAL DE 400 L, CAPACIDADE DE MISTURA 280 L, MOTOR ELÉTRICO TRIFÁSICO POTÊNCIA DE 2 CV, SEM CARREGADOR - MATERIAIS NA OPERAÇÃO. AF_10/2014 (H)"]
["Especiais",{"$nulls":3},"FONTE",null,"UNID","COEFICIENTE",null,"PREÇO UNITÁRIO",null,"TOTAL"]
["00002705","ENERGIA ELETRICA ATE 2000 KWH INDUSTRIAL, SEM DEMANDA",null,null,"SINAPI",null,"KWH",{"v":1.25,"d":"1.25000000"},null,0.69,null,0.86]
[{"$nulls":7},"TOTAL Especiais:",{"$nulls":3},0.86]
[{"$nulls":7},"VALOR:",{"$nulls":3},0.86]
[]
["88830 - BETONEIRA CAPACIDADE NOMINAL DE 400 L, CAPACIDADE DE MISTURA 280 L, MOTOR ELÉTRICO TRIFÁSICO POTÊNCIA DE 2 CV, SEM CARREGADOR - CHP DIURNO. AF_10/2014 (CHP)"]
["Serviço",{"$nulls":3},"FONTE",null,"UNID","COEFICIENTE",null,"PREÇO UNITÁRIO",null,"TOTAL"]
["88826","BETONEIRA CAPACIDADE NOMINAL DE 400 L, CAPACIDADE DE MISTURA 280 L, MOTOR ELÉTRICO TRIFÁSICO POTÊNCIA DE 2 CV, SEM CARREGADOR - DEPRECIAÇÃO. AF_10/2014",null,null,"SINAPI",null,"H",{"v":1,"d":"1.00000000"},null,{"v":0.3,"d":"0.30"},null,{"v":0.3,"d":"0.30"}]
["88827","BETONEIRA CAPACIDADE NOMINAL DE 400 L, CAPACIDADE DE MISTURA 280 L, MOTOR ELÉTRICO TRIFÁSICO POTÊNCIA DE 2 CV, SEM CARREGADOR - JUROS. AF_10/2014",null,null,"SINAPI",null,"H",{"v":1,"d":"1.00000000"},null,0.03,null,0.03]
["88828","BETONEIRA CAPACIDADE NOMINAL DE 400 L, CAPACIDADE DE MISTURA 280 L, MOTOR ELÉTRICO TRIFÁSICO POTÊNCIA DE 2 CV, SEM CARREGADOR - MANUTENÇÃO. AF_10/2014",null,null,"SINAPI",null,"H",{"v":1,"d":"1.00000000"},null,0.32,null,0.32]
["88829","BETONEIRA CAPACIDADE NOMINAL DE 400 L, CAPACIDADE DE MISTURA 280 L, MOTOR ELÉTRICO TRIFÁSICO POTÊNCIA DE 2 CV, SEM CARREGADOR - MATERIAIS NA OPERAÇÃO. AF_10/2014",null,null,"SINAPI",null,"H",{"v":1,"d":"1.00000000"},null,0.86,null,0.86]
[{"$nulls":7},"TOTAL Serviço:",{"$nulls":3},1.51]
[{"$nulls":7},"VALOR:",{"$nulls":3},1.51]
[]
["95389 - CURSO DE CAPACITAÇÃO PARA OPERADOR DE BETONEIRA ESTACIONÁRIA/MISTURADOR (ENCARGOS COMPLEMENTARES) - HORISTA (H)"]
["Mão de Obra",{"$nulls":3},"FONTE",null,"UNID","COEFICIENTE",null,"PREÇO UNITÁRIO",null,"TOTAL"]
["00037666","OPERADOR DE BETONEIRA ESTACIONARIA / MISTURADOR",null,null,"SINAPI",null,"H",{"v":0.0067,"d":"0.00670000"},null,12.51,null,0.08]
[{"$nulls":7},"TOTAL Mão de Obra:",{"$nulls":3},0.08]
[{"$nulls":7},"VALOR:",{"$nulls":3},0.08]
[]
["88377 - OPERADOR DE BETONEIRA ESTACIONÁRIA/MISTURADOR COM ENCARGOS COMPLEMENTARES (H)"]
["Encargos Complementares",{"$nulls":3},"FONTE",null,"UNID","COEFICIENTE",null,"PREÇO UNITÁRIO",null,"TOTAL"]
["00037370","ALIMENTACAO - HORISTA (COLETADO CAIXA)",null,null,"SINAPI",null,"H",{"v":1,"d":"1.00000000"},null,0.97,null,0.97]
["00043488","EPI - FAMILIA OPERADOR ESCAVADEIRA - HORISTA (ENCARGOS COMPLEMENTARES - COLETADO CAIXA)",null,null,"SINAPI",null,"H",{"v":1,"d":"1.00000000"},null,0.76,null,0.76]
["00037372","EXAMES - HORISTA (COLETADO CAIXA)",null,null,"SINAPI",null,"H",{"v":1,"d":"1.00000000"},null,0.81,null,0.81]
["00043464","FERRAMENTAS - FAMILIA OPERADOR ESCAVADEIRA - HORISTA (ENCARGOS COMPLEMENTARES - COLETADO CAIXA)",null,null,"SINAPI",null,"H",{"v":1,"d":"1.00000000"},null,0.01,null,0.01]
["00037373","SEGURO - HORISTA (COLETADO CAIXA)",null,null,"SINAPI",null,"H",{"v":1,"d":"1.00000000"},null,0.01,null,0.01]
["00037371","TRANSPORTE - HORISTA (COLETADO CAIXA)",null,null,"SINAPI",null,"H",{"v":1,"d":"1.00000000"},null,{"v":0.7,"d":"0.70"},null,{"v":0.7,"d":"0.70"}]
[{"$nulls":7},"TOTAL Encargos Complementares:",{"$nulls":3},3.26]
["Mão de Obra",{"$nulls":3},"FONTE",null,"UNID","COEFICIENTE",null,"PREÇO UNITÁRIO",null,"TOTAL"]
["00037666","OPERADOR DE BETONEIRA ESTACIONARIA / MISTURADOR",null,null,"SINAPI",null,"H",{"v":1,"d":"1.00000000"},null,12.51,null,12.51]
[{"$nulls":7},"TOTAL Mão de Obra:",{"$nulls":3},12.51]
["Serviço",{"$nulls":3},"FONTE",null,"UNID","COEFICIENTE",null,"PREÇO UNITÁRIO",null,"TOTAL"]
["95389","CURSO DE CAPACITAÇÃO PARA OPERADOR DE BETONEIRA ESTACIONÁRIA/MISTURADOR (ENCARGOS COMPLEMENTARES) - HORISTA",null,null,"SINAPI",null,"H",{"v":1,"d":"1.00000000"},null,0.08,null,0.08]
[{"$nulls":7},"TOTAL Serviço:",{"$nulls":3},0.08]
[{"$nulls":7},"VALOR:",{"$nulls":3},15.85]
[]
["95378 - CURSO DE CAPACITAÇÃO PARA SERVENTE (ENCARGOS COMPLEMENTARES) - HORISTA (H)"]
["Mão de Obra",{"$nulls":3},"FONTE",null,"UNID","COEFICIENTE",null,"PREÇO UNITÁRIO",null,"TOTAL"]
["00006111","SERVENTE DE OBRAS",null,null,"SINAPI",null,"H",{"v":0.0172,"d":"0.01720000"},null,11.14,null,0.19]
[{"$nulls":7},"TOTAL Mão de Obra:",{"$nulls":3},0.19]
[{"$nulls":7},"VALOR:",{"$nulls":3},0.19]
[]
["88316 - SERVENTE COM ENCARGOS COMPLEMENTARES (H)"]
["Encargos Complementares",{"$nulls":3},"FONTE",null,"UNID","COEFICIENTE",null,"PREÇO UNITÁRIO",null,"TOTAL"]
["00037370","ALIMENTACAO - HORISTA (COLETADO CAIXA)",null,null,"SINAPI",null,"H",{"v":1,"d":"1.00000000"},null,0.97,null,0.97]
["00043491","EPI - FAMILIA SERVENTE - HORISTA (ENCARGOS COMPLEMENTARES - COLETADO CAIXA)",null,null,"SINAPI",null,"H",{"v":1,"d":"1.00000000"},null,1.15,null,1.15]
["00037372","EXAMES - HORISTA (COLETADO CAIXA)",null,null,"SINAPI",null,"H",{"v":1,"d":"1.00000000"},null,0.81,null,0.81]
["00043467","FERRAMENTAS - FAMILIA SERVENTE - HORISTA (ENCARGOS COMPLEMENTARES - COLETADO CAIXA)",null,null,"SINAPI",null,"H",{"v":1,"d":"1.00000000"},null,0.56,null,0.56]
["00037373","SEGURO - HORISTA (COLETADO CAIXA)",null,null,"SINAPI",null,"H",{"v":1,"d":"1.00000000"},null,0.01,null,0.01]
["00037371","TRANSPORTE - HORISTA (COLETADO CAIXA)",null,null,"SINAPI",null,"H",{"v":1,"d":"1.00000000"},null,{"v":0.7,"d":"0.70"},null,{"v":0.7,"d":"0.70"}]
[{"$nulls":7},"TOTAL Encargos Complementares:",{"$nulls":3},{"v":4.2,"d":"4.20"}]
["Mão de Obra",{"$nulls":3},"FONTE",null,"UNID","COEFICIENTE",null,"PREÇO UNITÁRIO",null,"TOTAL"]
["00006111","SERVENTE DE OBRAS",null,null,"SINAPI",null,"H",{"v":1,"d":"1.00000000"},null,11.14,null,11.14]
[{"$nulls":7},"TOTAL Mão de Obra:",{"$nulls":3},11.14]
["Serviço",{"$nulls":3},"FONTE",null,"UNID","COEFICIENTE",null,"PREÇO UNITÁRIO",null,"TOTAL"]
["95378","CURSO DE CAPACITAÇÃO PARA SERVENTE (ENCARGOS COMPLEMENTARES) - HORISTA",null,null,"SINAPI",null,"H",{"v":1,"d":"1.00000000"},null,0.19,null,0.19]
[{"$nulls":7},"TOTAL Serviço:",{"$nulls":3},0.19]
[{"$nulls":7},"VALOR:",{"$nulls":3},15.53]
[]
["94962 - CONCRETO MAGRO PARA LASTRO, TRAÇO 1:4,5:4,5 (EM MASSA SECA DE CIMENTO/ AREIA MÉDIA/ BRITA 1) - PREPARO MECÂNICO COM BETONEIRA 400 L. AF_05/2021 (M3)"]
["Material",{"$nulls":3},"FONTE",null,"UNID","COEFICIENTE",null,"PREÇO UNITÁRIO",null,"TOTAL"]
["00000370","AREIA MEDIA - POSTO JAZIDA/FORNECEDOR (RETIRADO NA JAZIDA, SEM TRANSPORTE)",null,null,"SINAPI",null,"M3",{"v":0.8269,"d":"0.82690000"},null,{"v":110,"d":"110.00"},null,90.95]
["00001379","CIMENTO PORTLAND COMPOSTO CP II-32",null,null,"SINAPI",null,"KG",{"v":212.0194,"d":"212.01940000"},null,{"v":0.7,"d":"0.70"},null,148.41]
["00004721","PEDRA BRITADA N. 1 (9,5 a 19 MM) POSTO PEDREIRA/FORNECEDOR, SEM FRETE",null,null,"SINAPI",null,"M3",{"v":0.5782,"d":"0.57820000"},null,104.45,null,60.39]
[{"$nulls":7},"TOTAL Material:",{"$nulls":3},299.75]
["Serviço",{"$nulls":3},"FONTE",null,"UNID","COEFICIENTE",null,"PREÇO UNITÁRIO",null,"TOTAL"]
["88831","BETONEIRA CAPACIDADE NOMINAL DE 400 L, CAPACIDADE DE MISTURA 280 L, MOTOR ELÉTRICO TRIFÁSICO POTÊNCIA DE 2 CV, SEM CARREGADOR - CHI DIURNO. AF_10/2014",null,null,"SINAPI",null,"CHI",{"v":0.7188,"d":"0.71880000"},null,0.33,null,0.23]
["88830","BETONEIRA CAPACIDADE NOMINAL DE 400 L, CAPACIDADE DE MISTURA 280 L, MOTOR ELÉTRICO TRIFÁSICO POTÊNCIA DE 2 CV, SEM CARREGADOR - CHP DIURNO. AF_10/2014",null,null,"SINAPI",null,"CHP",{"v":0.7623,"d":"0.76230000"},null,1.51,null,1.15]
["88377","OPERADOR DE BETONEIRA ESTACIONÁRIA/MISTURADOR COM ENCARGOS COMPLEMENTARES",null,null,"SINAPI",null,"H",{"v":1.4811,"d":"1.48110000"},null,15.85,null,23.47]
["88316","SERVENTE COM ENCARGOS COMPLEMENTARES",null,null,"SINAPI",null,"H",{"v":2.3433,"d":"2.34330000"},null,15.53,null,36.39]
[{"$nulls":7},"TOTAL Serviço:",{"$nulls":3},61.24]
[{"$nulls":7},"VALOR:",{"$nulls":3},360.99]
[]
["95322 - CURSO DE CAPACITAÇÃO PARA AUXILIAR DE TOPÓGRAFO (ENCARGOS COMPLEMENTARES) - HORISTA (H)"]
["Mão de Obra",{"$nulls":3},"FONTE",null,"UNID","COEFICIENTE",null,"PREÇO UNITÁRIO",null,"TOTAL"]
["00000244","AUXILIAR DE TOPOGRAFO (HORISTA)",null,null,"SINAPI",null,"H",{"v":0.0067,"d":"0.00670000"},null,{"v":12.4,"d":"12.40"},null,0.08]
[{"$nulls":7},"TOTAL Mão de Obra:",{"$nulls":3},0.08]
[{"$nulls":7},"VALOR:",{"$nulls":3},0.08]
[]
["88253 - AUXILIAR DE TOPÓGRAFO COM ENCARGOS COMPLEMENTARES (H)"]
["Encargos Complementares",{"$nulls":3},"FONTE",null,"UNID","COEFICIENTE",null,"PREÇO UNITÁRIO",null,"TOTAL"]
["00043493","EPI - FAMILIA TOPOGRAFO - HORISTA (ENCARGOS COMPLEMENTARES - COLETADO CAIXA)",null,null,"SINAPI",null,"H",{"v":1,"d":"1.00000000"},null,0.62,null,0.62]
["00037372","EXAMES - HORISTA (COLETADO CAIXA)",null,null,"SINAPI",null,"H",{"v":1,"d":"1.00000000"},null,0.81,null,0.81]
["00043469","FERRAMENTAS - FAMILIA TOPOGRAFO - HORISTA (ENCARGOS COMPLEMENTARES - COLETADO CAIXA)",null,null,"SINAPI",null,"H",{"v":1,"d":"1.00000000"},null,0.07,null,0.07]
["00037373","SEGURO - HORISTA (COLETADO CAIXA)",null,null,"SINAPI",null,"H",{"v":1,"d":"1.00000000"},null,0.01,null,0.01]
[{"$nulls":7},"TOTAL Encargos Complementares:",{"$nulls":3},1.51]
["Mão de Obra",{"$nulls":3},"FONTE",null,"UNID","COEFICIENTE",null,"PREÇO UNITÁRIO",null,"TOTAL"]
["00000244","AUXILIAR DE TOPOGRAFO (HORISTA)",null,null,"SINAPI",null,"H",{"v":1,"d":"1.00000000"},null,{"v":12.4,"d":"12.40"},null,{"v":12.4,"d":"12.40"}]
[{"$nulls":7},"TOTAL Mão de Obra:",{"$nulls":3},{"v":12.4,"d":"12.40"}]
["Serviço",{"$nulls":3},"FONTE",null,"UNID","COEFICIENTE",null,"PREÇO UNITÁRIO",null,"TOTAL"]
["95322","CURSO DE CAPACITAÇÃO PARA AUXILIAR DE TOPÓGRAFO (ENCARGOS COMPLEMENTARES) - HORISTA",null,null,"SINAPI",null,"H",{"v":1,"d":"1.00000000"},null,0.08,null,0.08]
[{"$nulls":7},"TOTAL Serviço:",{"$nulls":3},0.08]
[{"$nulls":7},"VALOR:",{"$nulls":3},13.99]
[]
["92140 - CAMINHONETE CABINE SIMPLES COM MOTOR 1.6 FLEX, CÂMBIO MANUAL, POTÊNCIA 101/104 CV, 2 PORTAS - DEPRECIAÇÃO. AF_11/2015 (H)"]
["Equipamento",{"$nulls":3},"FONTE",null,"UNID","COEFICIENTE",null,"PREÇO UNITÁRIO",null,"TOTAL"]
["00013617","PICAPE CABINE SIMPLES COM MOTOR 1.6 FLEX, CAMBIO MANUAL, POTENCIA 101/104 CV, 2 PORTAS",null,null,"SINAPI",null,"UN",{"v":4.8E-5,"d":"0.00004800"},null,{"v":97485.13,"d":"97,485.13"},null,4.67]
[{"$nulls":7},"TOTAL Equipamento:",{"$nulls":3},4.67]
[{"$nulls":7},"VALOR:",{"$nulls":3},4.67]
[]
["92142 - CAMINHONETE CABINE SIMPLES COM MOTOR 1.6 FLEX, CÂMBIO MANUAL, POTÊNCIA 101/104 CV, 2 PORTAS - IMPOSTOS E SEGUROS. AF_11/2015 (H)"]
["Equipamento",{"$nulls":3},"FONTE",null,"UNID","COEFICIENTE",null,"PREÇO UNITÁRIO",null,"TOTAL"]
["00013617","PICAPE CABINE SIMPLES COM MOTOR 1.6 FLEX, CAMBIO MANUAL, POTENCIA 101/104 CV, 2 PORTAS",null,null,"SINAPI",null,"UN",{"v":6e-06,"d":"0.00000600"},null,{"v":97485.13,"d":"97,485.13"},null,0.58]
[{"$nulls":7},"TOTAL Equipamento:",{"$nulls":3},0.58]
[{"$nulls":7},"VALOR:",{"$nulls":3},0.58]
[]
["92141 - CAMINHONETE CABINE SIMPLES COM MOTOR 1.6 FLEX, CÂMBIO MANUAL, POTÊNCIA 101/104 CV, 2 PORTAS - JUROS. AF_11/2015 (H)"]
["Equipamento",{"$nulls":3},"FONTE",null,"UNID","COEFICIENTE",null,"PREÇO UNITÁRIO",null,"TOTAL"]
["00013617","PICAPE CABINE SIMPLES COM MOTOR 1.6 FLEX, CAMBIO MANUAL, POTENCIA 101/104 CV, 2 PORTAS",null,null,"SINAPI",null,"UN",{"v":7.6E-6,"d":"0.00000760"},null,{"v":97485.13,"d":"97,485.13"},null,0.74]
[{"$nulls":7},"TOTAL Equipamento:",{"$nulls":3},0.74]
[{"$nulls":7},"VALOR:",{"$nulls":3},0.74]
[]
["92143 - CAMINHONETE CABINE SIMPLES COM MOTOR 1.6 FLEX, CÂMBIO MANUAL, POTÊNCIA 101/104 CV, 2 PORTAS - MANUTENÇÃO. AF_11/2015 (H)"]
["Equipamento",{"$nulls":3},"FONTE",null,"UNID","COEFICIENTE",null,"PREÇO UNITÁRIO",null,"TOTAL"]
["00013617","PICAPE CABINE SIMPLES COM MOTOR 1.6 FLEX, CAMBIO MANUAL, POTENCIA 101/104 CV, 2 PORTAS",null,null,"SINAPI",null,"UN",{"v":6e-05,"d":"0.00006000"},null,{"v":97485.13,"d":"97,485.13"},null,5.84]
[{"$nulls":7},"TOTAL Equipamento:",{"$nulls":3},5.84]
[{"$nulls":7},"VALOR:",{"$nulls":3},5.84]
[]
["92144 - CAMINHONETE CABINE SIMPLES COM MOTOR 1.6 FLEX, CÂMBIO MANUAL, POTÊNCIA 101/104 CV, 2 PORTAS - MATERIAIS NA OPERAÇÃO. AF_11/2015 (H)"]
["Material",{"$nulls":3},"FONTE",null,"UNID","COEFICIENTE",null,"PREÇO UNITÁRIO",null,"TOTAL"]
["00004222","GASOLINA COMUM",null,null,"SINAPI",null,"L",{"v":6.69,"d":"6.69000000"},null,5.02,null,33.58]
[{"$nulls":7},"TOTAL Material:",{"$nulls":3},33.58]
[{"$nulls":7},"VALOR:",{"$nulls":3},33.58]
[]
["95349 - CURSO DE CAPACITAÇÃO PARA MOTORISTA DE VEÍCULO LEVE (ENCARGOS COMPLEMENTARES) - HORISTA (H)"]
["Mão de Obra",{"$nulls":3},"FONTE",null,"UNID","COEFICIENTE",null,"PREÇO UNITÁRIO",null,"TOTAL"]
["00004095","MOTORISTA DE CARRO DE PASSEIO",null,null,"SINAPI",null,"H",{"v":0.0041,"d":"0.00410000"},null,15.04,null,0.06]
[{"$nulls":7},"TOTAL Mão de Obra:",{"$nulls":3},0.06]
[{"$nulls":7},"VALOR:",{"$nulls":3},0.06]
[]
["88284 - MOTORISTA DE VEIÍCULO LEVE COM ENCARGOS COMPLEMENTARES (H)"]
["Encargos Complementares",{"$nulls":3},"FONTE",null,"UNID","COEFICIENTE",null,"PREÇO UNITÁRIO",null,"TOTAL"]
["00037370","ALIMENTACAO - HORISTA (COLETADO CAIXA)",null,null,"SINAPI",null,"H",{"v":1,"d":"1.00000000"},null,0.97,null,0.97]
["00043488","EPI - FAMILIA OPERADOR ESCAVADEIRA - HORISTA (ENCARGOS COMPLEMENTARES - COLETADO CAIXA)",null,null,"SINAPI",null,"H",{"v":1,"d":"1.00000000"},null,0.76,null,0.76]
["00037372","EXAMES - HORISTA (COLETADO CAIXA)",null,null,"SINAPI",null,"H",{"v":1,"d":"1.00000000"},null,0.81,null,0.81]
["00043464","FERRAMENTAS - FAMILIA OPERADOR ESCAVADEIRA - HORISTA (ENCARGOS COMPLEMENTARES - COLETADO CAIXA)",null,null,"SINAPI",null,"H",{"v":1,"d":"1.00000000"},null,0.01,null,0.01]
["00037373","SEGURO - HORISTA (COLETADO CAIXA)",null,null,"SINAPI",null,"H",{"v":1,"d":"1.00000000"},null,0.01,null,0.01]
["00037371","TRANSPORTE - HORISTA (COLETADO CAIXA)",null,null,"SINAPI",null,"H",{"v":1,"d":"1.00000000"},null,{"v":0.7,"d":"0.70"},null,{"v":0.7,"d":"0.70"}]
[{"$nulls":7},"TOTAL Encargos Complementares:",{"$nulls":3},3.26]
["Mão de Obra",{"$nulls":3},"FONTE",null,"UNID","COEFICIENTE",null,"PREÇO UNITÁRIO",null,"TOTAL"]
["00004095","MOTORISTA DE CARRO DE PASSEIO",null,null,"SINAPI",null,"H",{"v":1,"d":"1.00000000"},null,15.04,null,15.04]
[{"$nulls":7},"TOTAL Mão de Obra:",{"$nulls":3},15.04]
["Serviço",{"$nulls":3},"FONTE",null,"UNID","COEFICIENTE",null,"PREÇO UNITÁRIO",null,"TOTAL"]
["95349","CURSO DE CAPACITAÇÃO PARA MOTORISTA DE VEÍCULO LEVE (ENCARGOS COMPLEMENTARES) - HORISTA",null,null,"SINAPI",null,"H",{"v":1,"d":"1.00000000"},null,0.06,null,0.06]
[{"$nulls":7},"TOTAL Serviço:",{"$nulls":3},0.06]
[{"$nulls":7},"VALOR:",{"$nulls":3},18.36]
[]
["92145 - CAMINHONETE CABINE SIMPLES COM MOTOR 1.6 FLEX, CÂMBIO MANUAL, POTÊNCIA 101/104 CV, 2 PORTAS - CHP DIURNO. AF_11/2015 (CHP)"]
["Serviço",{"$nulls":3},"FONTE",null,"UNID","COEFICIENTE",null,"PREÇO UNITÁRIO",null,"TOTAL"]
["92140","CAMINHONETE CABINE SIMPLES COM MOTOR 1.6 FLEX, CÂMBIO MANUAL, POTÊNCIA 101/104 CV, 2 PORTAS - DEPRECIAÇÃO. AF_11/2015",null,null,"SINAPI",null,"H",{"v":1,"d":"1.00000000"},null,4.67,null,4.67]
["92142","CAMINHONETE CABINE SIMPLES COM MOTOR 1.6 FLEX, CÂMBIO MANUAL, POTÊNCIA 101/104 CV, 2 PORTAS - IMPOSTOS E SEGUROS. AF_11/2015",null,null,"SINAPI",null,"H",{"v":1,"d":"1.00000000"},null,0.58,null,0.58]
["92141","CAMINHONETE CABINE SIMPLES COM MOTOR 1.6 FLEX, CÂMBIO MANUAL, POTÊNCIA 101/104 CV, 2 PORTAS - JUROS. AF_11/2015",null,null,"SINAPI",null,"H",{"v":1,"d":"1.00000000"},null,0.74,null,0.74]
["92143","CAMINHONETE CABINE SIMPLES COM MOTOR 1.6 FLEX, CÂMBIO MANUAL, POTÊNCIA 101/104 CV, 2 PORTAS - MANUTENÇÃO. AF_11/2015",null,null,"SINAPI",null,"H",{"v":1,"d":"1.00000000"},null,5.84,null,5.84]
["92144","CAMINHONETE CABINE SIMPLES COM MOTOR 1.6 FLEX, CÂMBIO MANUAL, POTÊNCIA 101/104 CV, 2 PORTAS - MATERIAIS NA OPERAÇÃO. AF_11/2015",null,null,"SINAPI",null,"H",{"v":1,"d":"1.00000000"},null,33.58,null,33.58]
["88284","MOTORISTA DE VEIÍCULO LEVE COM ENCARGOS COMPLEMENTARES",null,null,"SINAPI",null,"H",{"v":1,"d":"1.00000000"},null,18.36,null,18.36]
[{"$nulls":7},"TOTAL Serviço:",{"$nulls":3},63.77]
[{"$nulls":7},"VALOR:",{"$nulls":3},63.77]
[]
["95391 - CURSO DE CAPACITAÇÃO PARA DESENHISTA DETALHISTA (ENCARGOS COMPLEMENTARES) - HORISTA (H)"]
["Mão de Obra",{"$nulls":3},"FONTE",null,"UNID","COEFICIENTE",null,"PREÇO UNITÁRIO",null,"TOTAL"]
["00002355","DESENHISTA DETALHISTA (HORISTA)",null,null,"SINAPI",null,"H",{"v":0.0041,"d":"0.00410000"},null,29.17,null,0.11]
[{"$nulls":7},"TOTAL Mão de Obra:",{"$nulls":3},0.11]
[{"$nulls":7},"VALOR:",{"$nulls":3},0.11]
[]
["88597 - DESENHISTA DETALHISTA COM ENCARGOS COMPLEMENTARES (H)"]
["Encargos Complementares",{"$nulls":3},"FONTE",null,"UNID","COEFICIENTE",null,"PREÇO UNITÁRIO",null,"TOTAL"]
["00043493","EPI - FAMILIA TOPOGRAFO - HORISTA (ENCARGOS COMPLEMENTARES - COLETADO CAIXA)",null,null,"SINAPI",null,"H",{"v":1,"d":"1.00000000"},null,0.62,null,0.62]
["00037372","EXAMES - HORISTA (COLETADO CAIXA)",null,null,"SINAPI",null,"H",{"v":1,"d":"1.00000000"},null,0.81,null,0.81]
["00043469","FERRAMENTAS - FAMILIA TOPOGRAFO - HORISTA (ENCARGOS COMPLEMENTARES - COLETADO CAIXA)",null,null,"SINAPI",null,"H",{"v":1,"d":"1.00000000"},null,0.07,null,0.07]
["00037373","SEGURO - HORISTA (COLETADO CAIXA)",null,null,"SINAPI",null,"H",{"v":1,"d":"1.00000000"},null,0.01,null,0.01]
[{"$nulls":7},"TOTAL Encargos Complementares:",{"$nulls":3},1.51]
["Mão de Obra",{"$nulls":3},"FONTE",null,"UNID","COEFICIENTE",null,"PREÇO UNITÁRIO",null,"TOTAL"]
["00002355","DESENHISTA DETALHISTA (HORISTA)",null,null,"SINAPI",null,"H",{"v":1,"d":"1.00000000"},null,29.17,null,29.17]
[{"$nulls":7},"TOTAL Mão de Obra:",{"$nulls":3},29.17]
["Serviço",{"$nulls":3},"FONTE",null,"UNID","COEFICIENTE",null,"PREÇO UNITÁRIO",null,"TOTAL"]
["95391","CURSO DE CAPACITAÇÃO PARA DESENHISTA DETALHISTA (ENCARGOS COMPLEMENTARES) - HORISTA",null,null,"SINAPI",null,"H",{"v":1,"d":"1.00000000"},null,0.11,null,0.11]
[{"$nulls":7},"TOTAL Serviço:",{"$nulls":3},0.11]
[{"$nulls":7},"VALOR:",{"$nulls":3},30.79]
[]
["95352 - CURSO DE CAPACITAÇÃO PARA NIVELADOR (ENCARGOS COMPLEMENTARES) - HORISTA (H)"]
["Mão de Obra",{"$nulls":3},"FONTE",null,"UNID","COEFICIENTE",null,"PREÇO UNITÁRIO",null,"TOTAL"]
["00007595","NIVELADOR (HORISTA)",null,null,"SINAPI",null,"H",{"v":0.0067,"d":"0.00670000"},null,15.84,null,{"v":0.1,"d":"0.10"}]
[{"$nulls":7},"TOTAL Mão de Obra:",{"$nulls":3},{"v":0.1,"d":"0.10"}]
[{"$nulls":7},"VALOR:",{"$nulls":3},{"v":0.1,"d":"0.10"}]
[]
["88288 - NIVELADOR COM ENCARGOS COMPLEMENTARES (H)"]
["Encargos Complementares",{"$nulls":3},"FONTE",null,"UNID","COEFICIENTE",null,"PREÇO UNITÁRIO",null,"TOTAL"]
["00043493","EPI - FAMILIA TOPOGRAFO - HORISTA (ENCARGOS COMPLEMENTARES - COLETADO CAIXA)",null,null,"SINAPI",null,"H",{"v":1,"d":"1.00000000"},null,0.62,null,0.62]
["00037372","EXAMES - HORISTA (COLETADO CAIXA)",null,null,"SINAPI",null,"H",{"v":1,"d":"1.00000000"},null,0.81,null,0.81]
["00043469","FERRAMENTAS - FAMILIA TOPOGRAFO - HORISTA (ENCARGOS COMPLEMENTARES - COLETADO CAIXA)",null,null,"SINAPI",null,"H",{"v":1,"d":"1.00000000"},null,0.07,null,0.07]
["00037373","SEGURO - HORISTA (COLETADO CAIXA)",null,null,"SINAPI",null,"H",{"v":1,"d":"1.00000000"},null,0.01,null,0.01]
[{"$nulls":7},"TOTAL Encargos Complementares:",{"$nulls":3},1.51]
["Mão de Obra",{"$nulls":3},"FONTE",null,"UNID","COEFICIENTE",null,"PREÇO UNITÁRIO",null,"TOTAL"]
["00007595","NIVELADOR (HORISTA)",null,null,"SINAPI",null,"H",{"v":1,"d":"1.00000000"},null,15.84,null,15.84]
[{"$nulls":7},"TOTAL Mão de Obra:",{"$nulls":3},15.84]
["Serviço",{"$nulls":3},"FONTE",null,"UNID","COEFICIENTE",null,"PREÇO UNITÁRIO",null,"TOTAL"]
["95352","CURSO DE CAPACITAÇÃO PARA NIVELADOR (ENCARGOS COMPLEMENTARES) - HORISTA",null,null,"SINAPI",null,"H",{"v":1,"d":"1.00000000"},null,{"v":0.1,"d":"0.10"},null,{"v":0.1,"d":"0.10"}]
[{"$nulls":7},"TOTAL Serviço:",{"$nulls":3},{"v":0.1,"d":"0.10"}]
[{"$nulls":7},"VALOR:",{"$nulls":3},17.45]
[]
["88628 - ARGAMASSA TRAÇO 1:3 (EM VOLUME DE CIMENTO E AREIA MÉDIA ÚMIDA), PREPARO MECÂNICO COM BETONEIRA 400 L. AF_08/2019 (M3)"]
["Material",{"$nulls":3},"FONTE",null,"UNID","COEFICIENTE",null,"PREÇO UNITÁRIO",null,"TOTAL"]
["00000370","AREIA MEDIA - POSTO JAZIDA/FORNECEDOR (RETIRADO NA JAZIDA, SEM TRANSPORTE)",null,null,"SINAPI",null,"M3",{"v":1.07,"d":"1.07000000"},null,{"v":110,"d":"110.00"},null,{"v":117.7,"d":"117.70"}]
["00001379","CIMENTO PORTLAND COMPOSTO CP II-32",null,null,"SINAPI",null,"KG",{"v":483.7,"d":"483.70000000"},null,{"v":0.7,"d":"0.70"},null,338.59]
[{"$nulls":7},"TOTAL Material:",{"$nulls":3},456.29]
["Serviço",{"$nulls":3},"FONTE",null,"UNID","COEFICIENTE",null,"PREÇO UNITÁRIO",null,"TOTAL"]
["88831","BETONEIRA CAPACIDADE NOMINAL DE 400 L, CAPACIDADE DE MISTURA 280 L, MOTOR ELÉTRICO TRIFÁSICO POTÊNCIA DE 2 CV, SEM CARREGADOR - CHI DIURNO. AF_10/2014",null,null,"SINAPI",null,"CHI",{"v":2.62,"d":"2.62000000"},null,0.33,null,0.86]
["88830","BETONEIRA CAPACIDADE NOMINAL DE 400 L, CAPACIDADE DE MISTURA 280 L, MOTOR ELÉTRICO TRIFÁSICO POTÊNCIA DE 2 CV, SEM CARREGADOR - CHP DIURNO. AF_10/2014",null,null,"SINAPI",null,"CHP",{"v":0.8,"d":"0.80000000"},null,1.51,null,{"v":1.2,"d":"1.20"}]
["88377","OPERADOR DE BETONEIRA ESTACIONÁRIA/MISTURADOR COM ENCARGOS COMPLEMENTARES",null,null,"SINAPI",null,"H",{"v":3.42,"d":"3.42000000"},null,15.85,null,{"v":54.2,"d":"54.20"}]
[{"$nulls":7},"TOTAL Serviço:",{"$nulls":3},56.26]
[{"$nulls":7},"VALOR:",{"$nulls":3},512.55]
[]
["95328 - CURSO DE CAPACITAÇÃO PARA CALCETEIRO (ENCARGOS COMPLEMENTARES) - HORISTA (H)"]
["Mão de Obra",{"$nulls":3},"FONTE",null,"UNID","COEFICIENTE",null,"PREÇO UNITÁRIO",null,"TOTAL"]
["00004759","CALCETEIRO (HORISTA)",null,null,"SINAPI",null,"H",{"v":0.0094,"d":"0.00940000"},null,{"v":15,"d":"15.00"},null,0.14]
[{"$nulls":7},"TOTAL Mão de Obra:",{"$nulls":3},0.14]
[{"$nulls":7},"VALOR:",{"$nulls":3},0.14]
[]
["88260 - CALCETEIRO COM ENCARGOS COMPLEMENTARES (H)"]
["Encargos Complementares",{"$nulls":3},"FONTE",null,"UNID","COEFICIENTE",null,"PREÇO UNITÁRIO",null,"TOTAL"]
["00037370","ALIMENTACAO - HORISTA (COLETADO CAIXA)",null,null,"SINAPI",null,"H",{"v":1,"d":"1.00000000"},null,0.97,null,0.97]
["00043489","EPI - FAMILIA PEDREIRO - HORISTA (ENCARGOS COMPLEMENTARES - COLETADO CAIXA)",null,null,"SINAPI",null,"H",{"v":1,"d":"1.00000000"},null,1.09,null,1.09]
["00037372","EXAMES - HORISTA (COLETADO CAIXA)",null,null,"SINAPI",null,"H",{"v":1,"d":"1.00000000"},null,0.81,null,0.81]
["00043465","FERRAMENTAS - FAMILIA PEDREIRO - HORISTA (ENCARGOS COMPLEMENTARES - COLETADO CAIXA)",null,null,"SINAPI",null,"H",{"v":1,"d":"1.00000000"},null,0.74,null,0.74]
["00037373","SEGURO - HORISTA (COLETADO CAIXA)",null,null,"SINAPI",null,"H",{"v":1,"d":"1.00000000"},null,0.01,null,0.01]
["00037371","TRANSPORTE - HORISTA (COLETADO CAIXA)",null,null,"SINAPI",null,"H",{"v":1,"d":"1.00000000"},null,{"v":0.7,"d":"0.70"},null,{"v":0.7,"d":"0.70"}]
[{"$nulls":7},"TOTAL Encargos Complementares:",{"$nulls":3},4.32]
["Mão de Obra",{"$nulls":3},"FONTE",null,"UNID","COEFICIENTE",null,"PREÇO UNITÁRIO",null,"TOTAL"]
["00004759","CALCETEIRO (HORISTA)",null,null,"SINAPI",null,"H",{"v":1,"d":"1.00000000"},null,{"v":15,"d":"15.00"},null,{"v":15,"d":"15.00"}]
[{"$nulls":7},"TOTAL Mão de Obra:",{"$nulls":3},{"v":15,"d":"15.00"}]
["Serviço",{"$nulls":3},"FONTE",null,"UNID","COEFICIENTE",null,"PREÇO UNITÁRIO",null,"TOTAL"]
["95328","CURSO DE CAPACITAÇÃO PARA CALCETEIRO (ENCARGOS COMPLEMENTARES) - HORISTA",null,null,"SINAPI",null,"H",{"v":1,"d":"1.00000000"},null,0.14,null,0.14]
[{"$nulls":7},"TOTAL Serviço:",{"$nulls":3},0.14]
[{"$nulls":7},"VALOR:",{"$nulls":3},19.46]
[]
["95366 - CURSO DE CAPACITAÇÃO PARA OPERADOR DE ROLO COMPACTADOR (ENCARGOS COMPLEMENTARES) - HORISTA (H)"]
["Mão de Obra",{"$nulls":3},"FONTE",null,"UNID","COEFICIENTE",null,"PREÇO UNITÁRIO",null,"TOTAL"]
["00004238","OPERADOR DE ROLO COMPACTADOR",null,null,"SINAPI",null,"H",{"v":0.0067,"d":"0.00670000"},null,16.56,null,0.11]
[{"$nulls":7},"TOTAL Mão de Obra:",{"$nulls":3},0.11]
[{"$nulls":7},"VALOR:",{"$nulls":3},0.11]
[]
["88303 - OPERADOR DE ROLO COMPACTADOR COM ENCARGOS COMPLEMENTARES (H)"]
["Encargos Complementares",{"$nulls":3},"FONTE",null,"UNID","COEFICIENTE",null,"PREÇO UNITÁRIO",null,"TOTAL"]
["00037370","ALIMENTACAO - HORISTA (COLETADO CAIXA)",null,null,"SINAPI",null,"H",{"v":1,"d":"1.00000000"},null,0.97,null,0.97]
["00043488","EPI - FAMILIA OPERADOR ESCAVADEIRA - HORISTA (ENCARGOS COMPLEMENTARES - COLETADO CAIXA)",null,null,"SINAPI",null,"H",{"v":1,"d":"1.00000000"},null,0.76,null,0.76]
["00037372","EXAMES - HORISTA (COLETADO CAIXA)",null,null,"SINAPI",null,"H",{"v":1,"d":"1.00000000"},null,0.81,null,0.81]
["00043464","FERRAMENTAS - FAMILIA OPERADOR ESCAVADEIRA - HORISTA (ENCARGOS COMPLEMENTARES - COLETADO CAIXA)",null,null,"SINAPI",null,"H",{"v":1,"d":"1.00000000"},null,0.01,null,0.01]
["00037373","SEGURO - HORISTA (COLETADO CAIXA)",null,null,"SINAPI",null,"H",{"v":1,"d":"1.00000000"},null,0.01,null,0.01]
["00037371","TRANSPORTE - HORISTA (COLETADO CAIXA)",null,null,"SINAPI",null,"H",{"v":1,"d":"1.00000000"},null,{"v":0.7,"d":"0.70"},null,{"v":0.7,"d":"0.70"}]
[{"$nulls":7},"TOTAL Encargos Complementares:",{"$nulls":3},3.26]
["Mão de Obra",{"$nulls":3},"FONTE",null,"UNID","COEFICIENTE",null,"PREÇO UNITÁRIO",null,"TOTAL"]
["00004238","OPERADOR DE ROLO COMPACTADOR",null,null,"SINAPI",null,"H",{"v":1,"d":"1.00000000"},null,16.56,null,16.56]
[{"$nulls":7},"TOTAL Mão de Obra:",{"$nulls":3},16.56]
["Serviço",{"$nulls":3},"FONTE",null,"UNID","COEFICIENTE",null,"PREÇO UNITÁRIO",null,"TOTAL"]
["95366","CURSO DE CAPACITAÇÃO PARA OPERADOR DE ROLO COMPACTADOR (ENCARGOS COMPLEMENTARES) - HORISTA",null,null,"SINAPI",null,"H",{"v":1,"d":"1.00000000"},null,0.11,null,0.11]
[{"$nulls":7},"TOTAL Serviço:",{"$nulls":3},0.11]
[{"$nulls":7},"VALOR:",{"$nulls":3},19.93]
[]
["89210 - ROLO COMPACTADOR VIBRATÓRIO DE UM CILINDRO AÇO LISO, POTÊNCIA 80 HP, PESO OPERACIONAL MÁXIMO 8,1 T, IMPACTO DINÂMICO 16,15 / 9,5 T, LARGURA DE TRABALHO 1,68 M - DEPRECIAÇÃO. AF_06/2014 (H)"]
["Equipamento",{"$nulls":3},"FONTE",null,"UNID","COEFICIENTE",null,"PREÇO UNITÁRIO",null,"TOTAL"]
["00010646","ROLO COMPACTADOR VIBRATORIO DE UM CILINDRO, ACO LISO, POTENCIA 80 HP, PESO OPERACIONAL MAXIMO 8,1 T, IMPACTO DINAMICO 16,15/9,5 T, LARGURA TRABALHO 1,68 M",null,null,"SINAPI",null,"UN",{"v":5.33E-5,"d":"0.00005330"},null,{"v":600185.77,"d":"600,185.77"},null,31.98]
[{"$nulls":7},"TOTAL Equipamento:",{"$nulls":3},31.98]
[{"$nulls":7},"VALOR:",{"$nulls":3},31.98]
[]
["89211 - ROLO COMPACTADOR VIBRATÓRIO DE UM CILINDRO AÇO LISO, POTÊNCIA 80 HP, PESO OPERACIONAL MÁXIMO 8,1 T, IMPACTO DINÂMICO 16,15 / 9,5 T, LARGURA DE TRABALHO 1,68 M - JUROS. AF_06/2014 (H)"]
["Equipamento",{"$nulls":3},"FONTE",null,"UNID","COEFICIENTE",null,"PREÇO UNITÁRIO",null,"TOTAL"]
["00010646","ROLO COMPACTADOR VIBRATORIO DE UM CILINDRO, ACO LISO, POTENCIA 80 HP, PESO OPERACIONAL MAXIMO 8,1 T, IMPACTO DINAMICO 16,15/9,5 T, LARGURA TRABALHO 1,68 M",null,null,"SINAPI",null,"UN",{"v":7.4E-6,"d":"0.00000740"},null,{"v":600185.77,"d":"600,185.77"},null,4.44]
[{"$nulls":7},"TOTAL Equipamento:",{"$nulls":3},4.44]
[{"$nulls":7},"VALOR:",{"$nulls":3},4.44]
[]
["5685 - ROLO COMPACTADOR VIBRATÓRIO DE UM CILINDRO AÇO LISO, POTÊNCIA 80 HP, PESO OPERACIONAL MÁXIMO 8,1 T, IMPACTO DINÂMICO 16,15 / 9,5 T, LARGURA DE TRABALHO 1,68 M - CHI DIURNO. AF_06/2014 (CHI)"]
["Serviço",{"$nulls":3},"FONTE",null,"UNID","COEFICIENTE",null,"PREÇO UNITÁRIO",null,"TOTAL"]
["88303","OPERADOR DE ROLO COMPACTADOR COM ENCARGOS COMPLEMENTARES",null,null,"SINAPI",null,"H",{"v":1,"d":"1.00000000"},null,19.93,null,19.93]
["89210","ROLO COMPACTADOR VIBRATÓRIO DE UM CILINDRO AÇO LISO, POTÊNCIA 80 HP, PESO OPERACIONAL MÁXIMO 8,1 T, IMPACTO DINÂMICO 16,15 / 9,5 T, LARGURA DE TRABALHO 1,68 M - DEPRECIAÇÃO. AF_06/2014",null,null,"SINAPI",null,"H",{"v":1,"d":"1.00000000"},null,31.98,null,31.98]
["89211","ROLO COMPACTADOR VIBRATÓRIO DE UM CILINDRO AÇO LISO, POTÊNCIA 80 HP, PESO OPERACIONAL MÁXIMO 8,1 T, IMPACTO DINÂMICO 16,15 / 9,5 T, LARGURA DE TRABALHO 1,68 M - JUROS. AF_06/2014",null,null,"SINAPI",null,"H",{"v":1,"d":"1.00000000"},null,4.44,null,4.44]
[{"$nulls":7},"TOTAL Serviço:",{"$nulls":3},56.35]
[{"$nulls":7},"VALOR:",{"$nulls":3},56.35]
[]
["5674 - ROLO COMPACTADOR VIBRATÓRIO DE UM CILINDRO AÇO LISO, POTÊNCIA 80 HP, PESO OPERACIONAL MÁXIMO 8,1 T, IMPACTO DINÂMICO 16,15 / 9,5 T, LARGURA DE TRABALHO 1,68 M - MANUTENÇÃO. AF_06/2014 (H)"]
["Equipamento",{"$nulls":3},"FONTE",null,"UNID","COEFICIENTE",null,"PREÇO UNITÁRIO",null,"TOTAL"]
["00010646","ROLO COMPACTADOR VIBRATORIO DE UM CILINDRO, ACO LISO, POTENCIA 80 HP, PESO OPERACIONAL MAXIMO 8,1 T, IMPACTO DINAMICO 16,15/9,5 T, LARGURA TRABALHO 1,68 M",null,null,"SINAPI",null,"UN",{"v":6.67E-5,"d":"0.00006670"},null,{"v":600185.77,"d":"600,185.77"},null,40.03]
[{"$nulls":7},"TOTAL Equipamento:",{"$nulls":3},40.03]
[{"$nulls":7},"VALOR:",{"$nulls":3},40.03]
[]
["53788 - ROLO COMPACTADOR VIBRATÓRIO DE UM CILINDRO AÇO LISO, POTÊNCIA 80 HP, PESO OPERACIONAL MÁXIMO 8,1 T, IMPACTO DINÂMICO 16,15 / 9,5 T, LARGURA DE TRABALHO 1,68 M - MATERIAIS NA OPERAÇÃO. AF_06/2014 (H)"]
["Material",{"$nulls":3},"FONTE",null,"UNID","COEFICIENTE",null,"PREÇO UNITÁRIO",null,"TOTAL"]
["00004221","OLEO DIESEL COMBUSTIVEL COMUM",null,null,"SINAPI",null,"L",{"v":9.55,"d":"9.55000000"},null,6.66,null,{"v":63.6,"d":"63.60"}]
[{"$nulls":7},"TOTAL Material:",{"$nulls":3},{"v":63.6,"d":"63.60"}]
[{"$nulls":7},"VALOR:",{"$nulls":3},{"v":63.6,"d":"63.60"}]
[]
["5684 - ROLO COMPACTADOR VIBRATÓRIO DE UM CILINDRO AÇO LISO, POTÊNCIA 80 HP, PESO OPERACIONAL MÁXIMO 8,1 T, IMPACTO DINÂMICO 16,15 / 9,5 T, LARGURA DE TRABALHO 1,68 M - CHP DIURNO. AF_06/2014 (CHP)"]
["Serviço",{"$nulls":3},"FONTE",null,"UNID","COEFICIENTE",null,"PREÇO UNITÁRIO",null,"TOTAL"]
["88303","OPERADOR DE ROLO COMPACTADOR COM ENCARGOS COMPLEMENTARES",null,null,"SINAPI",null,"H",{"v":1,"d":"1.00000000"},null,19.93,null,19.93]
["89210","ROLO COMPACTADOR VIBRATÓRIO DE UM CILINDRO AÇO LISO, POTÊNCIA 80 HP, PESO OPERACIONAL MÁXIMO 8,1 T, IMPACTO DINÂMICO 16,15 / 9,5 T, LARGURA DE TRABALHO 1,68 M - DEPRECIAÇÃO. AF_06/2014",null,null,"SINAPI",null,"H",{"v":1,"d":"1.00000000"},null,31.98,null,31.98]
["89211","ROLO COMPACTADOR VIBRATÓRIO DE UM CILINDRO AÇO LISO, POTÊNCIA 80 HP, PESO OPERACIONAL MÁXIMO 8,1 T, IMPACTO DINÂMICO 16,15 / 9,5 T, LARGURA DE TRABALHO 1,68 M - JUROS. AF_06/2014",null,null,"SINAPI",null,"H",{"v":1,"d":"1.00000000"},null,4.44,null,4.44]
["5674","ROLO COMPACTADOR VIBRATÓRIO DE UM CILINDRO AÇO LISO, POTÊNCIA 80 HP, PESO OPERACIONAL MÁXIMO 8,1 T, IMPACTO DINÂMICO 16,15 / 9,5 T, LARGURA DE TRABALHO 1,68 M - MANUTENÇÃO. AF_06/2014",null,null,"SINAPI",null,"H",{"v":1,"d":"1.00000000"},null,40.03,null,40.03]
["53788","ROLO COMPACTADOR VIBRATÓRIO DE UM CILINDRO AÇO LISO, POTÊNCIA 80 HP, PESO OPERACIONAL MÁXIMO 8,1 T, IMPACTO DINÂMICO 16,15 / 9,5 T, LARGURA DE TRABALHO 1,68 M - MATERIAIS NA OPERAÇÃO. AF_06/2014",null,null,"SINAPI",null,"H",{"v":1,"d":"1.00000000"},null,{"v":63.6,"d":"63.60"},null,{"v":63.6,"d":"63.60"}]
[{"$nulls":7},"TOTAL Serviço:",{"$nulls":3},159.98]
[{"$nulls":7},"VALOR:",{"$nulls":3},159.98]
[]
["95313 - CURSO DE CAPACITAÇÃO PARA AJUDANTE ESPECIALIZADO (ENCARGOS COMPLEMENTARES) - HORISTA (H)"]
["Mão de Obra",{"$nulls":3},"FONTE",null,"UNID","COEFICIENTE",null,"PREÇO UNITÁRIO",null,"TOTAL"]
["00000242","AJUDANTE ESPECIALIZADO (HORISTA)",null,null,"SINAPI",null,"H",{"v":0.0094,"d":"0.00940000"},null,11.56,null,{"v":0.1,"d":"0.10"}]
[{"$nulls":7},"TOTAL Mão de Obra:",{"$nulls":3},{"v":0.1,"d":"0.10"}]
[{"$nulls":7},"VALOR:",{"$nulls":3},{"v":0.1,"d":"0.10"}]
[]
["88243 - AJUDANTE ESPECIALIZADO COM ENCARGOS COMPLEMENTARES (H)"]
["Encargos Complementares",{"$nulls":3},"FONTE",null,"UNID","COEFICIENTE",null,"PREÇO UNITÁRIO",null,"TOTAL"]
["00037370","ALIMENTACAO - HORISTA (COLETADO CAIXA)",null,null,"SINAPI",null,"H",{"v":1,"d":"1.00000000"},null,0.97,null,0.97]
["00043491","EPI - FAMILIA SERVENTE - HORISTA (ENCARGOS COMPLEMENTARES - COLETADO CAIXA)",null,null,"SINAPI",null,"H",{"v":1,"d":"1.00000000"},null,1.15,null,1.15]
["00037372","EXAMES - HORISTA (COLETADO CAIXA)",null,null,"SINAPI",null,"H",{"v":1,"d":"1.00000000"},null,0.81,null,0.81]
["00043467","FERRAMENTAS - FAMILIA SERVENTE - HORISTA (ENCARGOS COMPLEMENTARES - COLETADO CAIXA)",null,null,"SINAPI",null,"H",{"v":1,"d":"1.00000000"},null,0.56,null,0.56]
["00037373","SEGURO - HORISTA (COLETADO CAIXA)",null,null,"SINAPI",null,"H",{"v":1,"d":"1.00000000"},null,0.01,null,0.01]
["00037371","TRANSPORTE - HORISTA (COLETADO CAIXA)",null,null,"SINAPI",null,"H",{"v":1,"d":"1.00000000"},null,{"v":0.7,"d":"0.70"},null,{"v":0.7,"d":"0.70"}]
[{"$nulls":7},"TOTAL Encargos Complementares:",{"$nulls":3},{"v":4.2,"d":"4.20"}]
["Mão de Obra",{"$nulls":3},"FONTE",null,"UNID","COEFICIENTE",null,"PREÇO UNITÁRIO",null,"TOTAL"]
["00000242","AJUDANTE ESPECIALIZADO (HORISTA)",null,null,"SINAPI",null,"H",{"v":1,"d":"1.00000000"},null,11.56,null,11.56]
[{"$nulls":7},"TOTAL Mão de Obra:",{"$nulls":3},11.56]
["Serviço",{"$nulls":3},"FONTE",null,"UNID","COEFICIENTE",null,"PREÇO UNITÁRIO",null,"TOTAL"]
["95313","CURSO DE CAPACITAÇÃO PARA AJUDANTE ESPECIALIZADO (ENCARGOS COMPLEMENTARES) - HORISTA",null,null,"SINAPI",null,"H",{"v":1,"d":"1.00000000"},null,{"v":0.1,"d":"0.10"},null,{"v":0.1,"d":"0.10"}]
[{"$nulls":7},"TOTAL Serviço:",{"$nulls":3},{"v":0.1,"d":"0.10"}]
[{"$nulls":7},"VALOR:",{"$nulls":3},15.86]
[]
["88631 - ARGAMASSA TRAÇO 1:4 (EM VOLUME DE CIMENTO E AREIA MÉDIA ÚMIDA), PREPARO MANUAL. AF_08/2019 (M3)"]
["Material",{"$nulls":3},"FONTE",null,"UNID","COEFICIENTE",null,"PREÇO UNITÁRIO",null,"TOTAL"]
["00000370","AREIA MEDIA - POSTO JAZIDA/FORNECEDOR (RETIRADO NA JAZIDA, SEM TRANSPORTE)",null,null,"SINAPI",null,"M3",{"v":1.15,"d":"1.15000000"},null,{"v":110,"d":"110.00"},null,{"v":126.5,"d":"126.50"}]
["00001379","CIMENTO PORTLAND COMPOSTO CP II-32",null,null,"SINAPI",null,"KG",{"v":389.54,"d":"389.54000000"},null,{"v":0.7,"d":"0.70"},null,272.67]
[{"$nulls":7},"TOTAL Material:",{"$nulls":3},399.17]
["Serviço",{"$nulls":3},"FONTE",null,"UNID","COEFICIENTE",null,"PREÇO UNITÁRIO",null,"TOTAL"]
["88316","SERVENTE COM ENCARGOS COMPLEMENTARES",null,null,"SINAPI",null,"H",{"v":8.29,"d":"8.29000000"},null,15.53,null,128.74]
[{"$nulls":7},"TOTAL Serviço:",{"$nulls":3},128.74]
[{"$nulls":7},"VALOR:",{"$nulls":3},527.91]
[]
["92956 - MÁQUINA EXTRUSORA DE CONCRETO PARA GUIAS E SARJETAS, MOTOR A DIESEL, POTÊNCIA 14 CV - DEPRECIAÇÃO. AF_12/2015 (H)"]
["Equipamento",{"$nulls":3},"FONTE",null,"UNID","COEFICIENTE",null,"PREÇO UNITÁRIO",null,"TOTAL"]
["00013836","MAQUINA EXTRUSORA DE CONCRETO PARA GUIAS E SARJETAS, COM MOTOR A DIESEL DE 14 CV",null,null,"SINAPI",null,"UN",{"v":6.4E-5,"d":"0.00006400"},null,{"v":62843.29,"d":"62,843.29"},null,4.02]
[{"$nulls":7},"TOTAL Equipamento:",{"$nulls":3},4.02]
[{"$nulls":7},"VALOR:",{"$nulls":3},4.02]
[]
["92957 - MÁQUINA EXTRUSORA DE CONCRETO PARA GUIAS E SARJETAS, MOTOR A DIESEL, POTÊNCIA 14 CV - JUROS. AF_12/2015 (H)"]
["Equipamento",{"$nulls":3},"FONTE",null,"UNID","COEFICIENTE",null,"PREÇO UNITÁRIO",null,"TOTAL"]
["00013836","MAQUINA EXTRUSORA DE CONCRETO PARA GUIAS E SARJETAS, COM MOTOR A DIESEL DE 14 CV",null,null,"SINAPI",null,"UN",{"v":7.6E-6,"d":"0.00000760"},null,{"v":62843.29,"d":"62,843.29"},null,0.47]
[{"$nulls":7},"TOTAL Equipamento:",{"$nulls":3},0.47]
[{"$nulls":7},"VALOR:",{"$nulls":3},0.47]
[]
["92961 - MÁQUINA EXTRUSORA DE CONCRETO PARA GUIAS E SARJETAS, MOTOR A DIESEL, POTÊNCIA 14 CV - CHI DIURNO. AF_12/2015 (CHI)"]
["Serviço",{"$nulls":3},"FONTE",null,"UNID","COEFICIENTE",null,"PREÇO UNITÁRIO",null,"TOTAL"]
["92956","MÁQUINA EXTRUSORA DE CONCRETO PARA GUIAS E SARJETAS, MOTOR A DIESEL, POTÊNCIA 14 CV - DEPRECIAÇÃO. AF_12/2015",null,null,"SINAPI",null,"H",{"v":1,"d":"1.00000000"},null,4.02,null,4.02]
["92957","MÁQUINA EXTRUSORA DE CONCRETO PARA GUIAS E SARJETAS, MOTOR A DIESEL, POTÊNCIA 14 CV - JUROS. AF_12/2015",null,null,"SINAPI",null,"H",{"v":1,"d":"1.00000000"},null,0.47,null,0.47]
[{"$nulls":7},"TOTAL Serviço:",{"$nulls":3},4.49]
[{"$nulls":7},"VALOR:",{"$nulls":3},4.49]
[]
["92958 - MÁQUINA EXTRUSORA DE CONCRETO PARA GUIAS E SARJETAS, MOTOR A DIESEL, POTÊNCIA 14 CV - MANUTENÇÃO. AF_12/2015 (H)"]
["Equipamento",{"$nulls":3},"FONTE",null,"UNID","COEFICIENTE",null,"PREÇO UNITÁRIO",null,"TOTAL"]
["00013836","MAQUINA EXTRUSORA DE CONCRETO PARA GUIAS E SARJETAS, COM MOTOR A DIESEL DE 14 CV",null,null,"SINAPI",null,"UN",{"v":7e-05,"d":"0.00007000"},null,{"v":62843.29,"d":"62,843.29"},null,4.39]
[{"$nulls":7},"TOTAL Equipamento:",{"$nulls":3},4.39]
[{"$nulls":7},"VALOR:",{"$nulls":3},4.39]
[]
["92959 - MÁQUINA EXTRUSORA DE CONCRETO PARA GUIAS E SARJETAS, MOTOR A DIESEL, POTÊNCIA 14 CV - MATERIAIS NA OPERAÇÃO. AF_12/2015 (H)"]
["Material",{"$nulls":3},"FONTE",null,"UNID","COEFICIENTE",null,"PREÇO UNITÁRIO",null,"TOTAL"]
["00004221","OLEO DIESEL COMBUSTIVEL COMUM",null,null,"SINAPI",null,"L",{"v":1.55,"d":"1.55000000"},null,6.66,null,10.32]
[{"$nulls":7},"TOTAL Material:",{"$nulls":3},10.32]
[{"$nulls":7},"VALOR:",{"$nulls":3},10.32]
[]
["92960 - MÁQUINA EXTRUSORA DE CONCRETO PARA GUIAS E SARJETAS, MOTOR A DIESEL, POTÊNCIA 14 CV - CHP DIURNO. AF_12/2015 (CHP)"]
["Serviço",{"$nulls":3},"FONTE",null,"UNID","COEFICIENTE",null,"PREÇO UNITÁRIO",null,"TOTAL"]
["92956","MÁQUINA EXTRUSORA DE CONCRETO PARA GUIAS E SARJETAS, MOTOR A DIESEL, POTÊNCIA 14 CV - DEPRECIAÇÃO. AF_12/2015",null,null,"SINAPI",null,"H",{"v":1,"d":"1.00000000"},null,4.02,null,4.02]
["92957","MÁQUINA EXTRUSORA DE CONCRETO PARA GUIAS E SARJETAS, MOTOR A DIESEL, POTÊNCIA 14 CV - JUROS. AF_12/2015",null,null,"SINAPI",null,"H",{"v":1,"d":"1.00000000"},null,0.47,null,0.47]
["92958","MÁQUINA EXTRUSORA DE CONCRETO PARA GUIAS E SARJETAS, MOTOR A DIESEL, POTÊNCIA 14 CV - MANUTENÇÃO. AF_12/2015",null,null,"SINAPI",null,"H",{"v":1,"d":"1.00000000"},null,4.39,null,4.39]
["92959","MÁQUINA EXTRUSORA DE CONCRETO PARA GUIAS E SARJETAS, MOTOR A DIESEL, POTÊNCIA 14 CV - MATERIAIS NA OPERAÇÃO. AF_12/2015",null,null,"SINAPI",null,"H",{"v":1,"d":"1.00000000"},null,10.32,null,10.32]
[{"$nulls":7},"TOTAL Serviço:",{"$nulls":3},{"v":19.2,"d":"19.20"}]
[{"$nulls":7},"VALOR:",{"$nulls":3},{"v":19.2,"d":"19.20"}]
[]
["95371 - CURSO DE CAPACITAÇÃO PARA PEDREIRO (ENCARGOS COMPLEMENTARES) - HORISTA (H)"]
["Mão de Obra",{"$nulls":3},"FONTE",null,"UNID","COEFICIENTE",null,"PREÇO UNITÁRIO",null,"TOTAL"]
["00004750","PEDREIRO (HORISTA)",null,null,"SINAPI",null,"H",{"v":0.0172,"d":"0.01720000"},null,{"v":15,"d":"15.00"},null,0.25]
[{"$nulls":7},"TOTAL Mão de Obra:",{"$nulls":3},0.25]
[{"$nulls":7},"VALOR:",{"$nulls":3},0.25]
[]
["88309 - PEDREIRO COM ENCARGOS COMPLEMENTARES (H)"]
["Encargos Complementares",{"$nulls":3},"FONTE",null,"UNID","COEFICIENTE",null,"PREÇO UNITÁRIO",null,"TOTAL"]
["00037370","ALIMENTACAO - HORISTA (COLETADO CAIXA)",null,null,"SINAPI",null,"H",{"v":1,"d":"1.00000000"},null,0.97,null,0.97]
["00043489","EPI - FAMILIA PEDREIRO - HORISTA (ENCARGOS COMPLEMENTARES - COLETADO CAIXA)",null,null,"SINAPI",null,"H",{"v":1,"d":"1.00000000"},null,1.09,null,1.09]
["00037372","EXAMES - HORISTA (COLETADO CAIXA)",null,null,"SINAPI",null,"H",{"v":1,"d":"1.00000000"},null,0.81,null,0.81]
["00043465","FERRAMENTAS - FAMILIA PEDREIRO - HORISTA (ENCARGOS COMPLEMENTARES - COLETADO CAIXA)",null,null,"SINAPI",null,"H",{"v":1,"d":"1.00000000"},null,0.74,null,0.74]
["00037373","SEGURO - HORISTA (COLETADO CAIXA)",null,null,"SINAPI",null,"H",{"v":1,"d":"1.00000000"},null,0.01,null,0.01]
["00037371","TRANSPORTE - HORISTA (COLETADO CAIXA)",null,null,"SINAPI",null,"H",{"v":1,"d":"1.00000000"},null,{"v":0.7,"d":"0.70"},null,{"v":0.7,"d":"0.70"}]
[{"$nulls":7},"TOTAL Encargos Complementares:",{"$nulls":3},4.32]
["Mão de Obra",{"$nulls":3},"FONTE",null,"UNID","COEFICIENTE",null,"PREÇO UNITÁRIO",null,"TOTAL"]
["00004750","PEDREIRO (HORISTA)",null,null,"SINAPI",null,"H",{"v":1,"d":"1.00000000"},null,{"v":15,"d":"15.00"},null,{"v":15,"d":"15.00"}]
[{"$nulls":7},"TOTAL Mão de Obra:",{"$nulls":3},{"v":15,"d":"15.00"}]
["Serviço",{"$nulls":3},"FONTE",null,"UNID","COEFICIENTE",null,"PREÇO UNITÁRIO",null,"TOTAL"]
["95371","CURSO DE CAPACITAÇÃO PARA PEDREIRO (ENCARGOS COMPLEMENTARES) - HORISTA",null,null,"SINAPI",null,"H",{"v":1,"d":"1.00000000"},null,0.25,null,0.25]
[{"$nulls":7},"TOTAL Serviço:",{"$nulls":3},0.25]
[{"$nulls":7},"VALOR:",{"$nulls":3},19.57]
[]
["94964 - CONCRETO FCK = 20MPA, TRAÇO 1:2,7:3 (EM MASSA SECA DE CIMENTO/ AREIA MÉDIA/ BRITA 1) - PREPARO MECÂNICO COM BETONEIRA 400 L. AF_05/2021 (M3)"]
["Material",{"$nulls":3},"FONTE",null,"UNID","COEFICIENTE",null,"PREÇO UNITÁRIO",null,"TOTAL"]
["00000370","AREIA MEDIA - POSTO JAZIDA/FORNECEDOR (RETIRADO NA JAZIDA, SEM TRANSPORTE)",null,null,"SINAPI",null,"M3",{"v":0.7558,"d":"0.75580000"},null,{"v":110,"d":"110.00"},null,83.13]
["00001379","CIMENTO PORTLAND COMPOSTO CP II-32",null,null,"SINAPI",null,"KG",{"v":322.9777,"d":"322.97770000"},null,{"v":0.7,"d":"0.70"},null,226.08]
["00004721","PEDRA BRITADA N. 1 (9,5 a 19 MM) POSTO PEDREIRA/FORNECEDOR, SEM FRETE",null,null,"SINAPI",null,"M3",{"v":0.5872,"d":"0.58720000"},null,104.45,null,61.33]
[{"$nulls":7},"TOTAL Material:",{"$nulls":3},370.54]
["Serviço",{"$nulls":3},"FONTE",null,"UNID","COEFICIENTE",null,"PREÇO UNITÁRIO",null,"TOTAL"]
["88831","BETONEIRA CAPACIDADE NOMINAL DE 400 L, CAPACIDADE DE MISTURA 280 L, MOTOR ELÉTRICO TRIFÁSICO POTÊNCIA DE 2 CV, SEM CARREGADOR - CHI DIURNO. AF_10/2014",null,null,"SINAPI",null,"CHI",{"v":0.7787,"d":"0.77870000"},null,0.33,null,0.25]
["88830","BETONEIRA CAPACIDADE NOMINAL DE 400 L, CAPACIDADE DE MISTURA 280 L, MOTOR ELÉTRICO TRIFÁSICO POTÊNCIA DE 2 CV, SEM CARREGADOR - CHP DIURNO. AF_10/2014",null,null,"SINAPI",null,"CHP",{"v":0.8259,"d":"0.82590000"},null,1.51,null,1.24]
["88377","OPERADOR DE BETONEIRA ESTACIONÁRIA/MISTURADOR COM ENCARGOS COMPLEMENTARES",null,null,"SINAPI",null,"H",{"v":1.6046,"d":"1.60460000"},null,15.85,null,25.43]
["88316","SERVENTE COM ENCARGOS COMPLEMENTARES",null,null,"SINAPI",null,"H",{"v":2.5333,"d":"2.53330000"},null,15.53,null,39.34]
[{"$nulls":7},"TOTAL Serviço:",{"$nulls":3},66.26]
[{"$nulls":7},"VALOR:",{"$nulls":3},{"v":436.8,"d":"436.80"}]
[]
["95372 - CURSO DE CAPACITAÇÃO PARA PINTOR (ENCARGOS COMPLEMENTARES) - HORISTA (H)"]
["Mão de Obra",{"$nulls":3},"FONTE",null,"UNID","COEFICIENTE",null,"PREÇO UNITÁRIO",null,"TOTAL"]
["00004783","PINTOR (HORISTA)",null,null,"SINAPI",null,"H",{"v":0.012,"d":"0.01200000"},null,{"v":15,"d":"15.00"},null,0.18]
[{"$nulls":7},"TOTAL Mão de Obra:",{"$nulls":3},0.18]
[{"$nulls":7},"VALOR:",{"$nulls":3},0.18]
[]
["88310 - PINTOR COM ENCARGOS COMPLEMENTARES (H)"]
["Encargos Complementares",{"$nulls":3},"FONTE",null,"UNID","COEFICIENTE",null,"PREÇO UNITÁRIO",null,"TOTAL"]
["00037370","ALIMENTACAO - HORISTA (COLETADO CAIXA)",null,null,"SINAPI",null,"H",{"v":1,"d":"1.00000000"},null,0.97,null,0.97]
["00043490","EPI - FAMILIA PINTOR - HORISTA (ENCARGOS COMPLEMENTARES - COLETADO CAIXA)",null,null,"SINAPI",null,"H",{"v":1,"d":"1.00000000"},null,{"v":1.5,"d":"1.50"},null,{"v":1.5,"d":"1.50"}]
["00037372","EXAMES - HORISTA (COLETADO CAIXA)",null,null,"SINAPI",null,"H",{"v":1,"d":"1.00000000"},null,0.81,null,0.81]
["00043466","FERRAMENTAS - FAMILIA PINTOR - HORISTA (ENCARGOS COMPLEMENTARES - COLETADO CAIXA)",null,null,"SINAPI",null,"H",{"v":1,"d":"1.00000000"},null,1.48,null,1.48]
["00037373","SEGURO - HORISTA (COLETADO CAIXA)",null,null,"SINAPI",null,"H",{"v":1,"d":"1.00000000"},null,0.01,null,0.01]
["00037371","TRANSPORTE - HORISTA (COLETADO CAIXA)",null,null,"SINAPI",null,"H",{"v":1,"d":"1.00000000"},null,{"v":0.7,"d":"0.70"},null,{"v":0.7,"d":"0.70"}]
[{"$nulls":7},"TOTAL Encargos Complementares:",{"$nulls":3},5.47]
["Mão de Obra",{"$nulls":3},"FONTE",null,"UNID","COEFICIENTE",null,"PREÇO UNITÁRIO",null,"TOTAL"]
["00004783","PINTOR (HORISTA)",null,null,"SINAPI",null,"H",{"v":1,"d":"1.00000000"},null,{"v":15,"d":"15.00"},null,{"v":15,"d":"15.00"}]
[{"$nulls":7},"TOTAL Mão de Obra:",{"$nulls":3},{"v":15,"d":"15.00"}]
["Serviço",{"$nulls":3},"FONTE",null,"UNID","COEFICIENTE",null,"PREÇO UNITÁRIO",null,"TOTAL"]
["95372","CURSO DE CAPACITAÇÃO PARA PINTOR (ENCARGOS COMPLEMENTARES) - HORISTA",null,null,"SINAPI",null,"H",{"v":1,"d":"1.00000000"},null,0.18,null,0.18]
[{"$nulls":7},"TOTAL Serviço:",{"$nulls":3},0.18]
[{"$nulls":7},"VALOR:",{"$nulls":3},20.65]
[]
["5914449 - Transporte com caminhão carroceria de 15 t - rodovia em leito natural (tkm)"]
["EQUIPAMENTOS",null,null,"QUANT",null,"UTILIZAÇÃO",null,"CUSTO OPERACIONAL",{"$nulls":3},"CUSTO HORÁRIO"]
[{"$nulls":5},"PROD","IMPR","PROD",null,"IMPR"]
["E9592","Caminhão carroceria com capacidade de 15 t - 188 kW",null,{"v":1,"d":"1.00000000"},null,{"v":1,"d":"1.0000"},{"v":0,"d":"0.0000"},{"v":286.349,"d":"286.3490"},null,69.0303,null,{"v":286.349,"d":"286.3490"}]
[{"$nulls":7},"TOTAL EQUIPAMENTOS:",{"$nulls":3},{"v":286.349,"d":"286.3490"}]
[{"$nulls":7},"Custo Horário da Execução:",{"$nulls":3},{"v":286.349,"d":"286.3490"}]
[{"$nulls":7},"Produção da Equipe:",{"$nulls":3},{"v":248.59,"d":"248.59000"}]
[{"$nulls":7},"Custo Unitário da Execução:",{"$nulls":3},{"v":1.15,"d":"1.1500"}]
[{"$nulls":7},"Custo do FIC (0,01587):",{"$nulls":3},0.0183]
[{"$nulls":7},"Custo Direto Total:",{"$nulls":3},1.1683]
[{"$nulls":7},"VALOR:",{"$nulls":3},1.17]
[]
["5914464 - Transporte com caminhão carroceria de 15 t - rodovia em revestimento primário (tkm)"]
["EQUIPAMENTOS",null,null,"QUANT",null,"UTILIZAÇÃO",null,"CUSTO OPERACIONAL",{"$nulls":3},"CUSTO HORÁRIO"]
[{"$nulls":5},"PROD","IMPR","PROD",null,"IMPR"]
["E9592","Caminhão carroceria com capacidade de 15 t - 188 kW",null,{"v":1,"d":"1.00000000"},null,{"v":1,"d":"1.0000"},{"v":0,"d":"0.0000"},{"v":286.349,"d":"286.3490"},null,69.0303,null,{"v":286.349,"d":"286.3490"}]
[{"$nulls":7},"TOTAL EQUIPAMENTOS:",{"$nulls":3},{"v":286.349,"d":"286.3490"}]
[{"$nulls":7},"Custo Horário da Execução:",{"$nulls":3},{"v":286.349,"d":"286.3490"}]
[{"$nulls":7},"Produção da Equipe:",{"$nulls":3},{"v":310.73,"d":"310.73000"}]
[{"$nulls":7},"Custo Unitário da Execução:",{"$nulls":3},{"v":0.92,"d":"0.9200"}]
[{"$nulls":7},"Custo do FIC (0,01587):",{"$nulls":3},0.0146]
[{"$nulls":7},"Custo Direto Total:",{"$nulls":3},0.9346]
[{"$nulls":7},"VALOR:",{"$nulls":3},0.93]
[]
["5914479 - Transporte com caminhão carroceria de 15 t - rodovia pavimentada (tkm)"]
["EQUIPAMENTOS",null,null,"QUANT",null,"UTILIZAÇÃO",null,"CUSTO OPERACIONAL",{"$nulls":3},"CUSTO HORÁRIO"]
[{"$nulls":5},"PROD","IMPR","PROD",null,"IMPR"]
["E9592","Caminhão carroceria com capacidade de 15 t - 188 kW",null,{"v":1,"d":"1.00000000"},null,{"v":1,"d":"1.0000"},{"v":0,"d":"0.0000"},{"v":286.349,"d":"286.3490"},null,69.0303,null,{"v":286.349,"d":"286.3490"}]
[{"$nulls":7},"TOTAL EQUIPAMENTOS:",{"$nulls":3},{"v":286.349,"d":"286.3490"}]
[{"$nulls":7},"Custo Horário da Execução:",{"$nulls":3},{"v":286.349,"d":"286.3490"}]
[{"$nulls":7},"Produção da Equipe:",{"$nulls":3},{"v":372.88,"d":"372.88000"}]
[{"$nulls":7},"Custo Unitário da Execução:",{"$nulls":3},{"v":0.77,"d":"0.7700"}]
[{"$nulls":7},"Custo Direto Total:",{"$nulls":3},{"v":0.77,"d":"0.7700"}]
[{"$nulls":7},"VALOR:",{"$nulls":3},0.77]
[]
["5914655 - Carga, manobra e descarga de materiais diversos em caminhão carroceria de 15 t - carga e descarga manuais (t)"]
["EQUIPAMENTOS",null,null,"QUANT",null,"UTILIZAÇÃO",null,"CUSTO OPERACIONAL",{"$nulls":3},"CUSTO HORÁRIO"]
[{"$nulls":5},"PROD","IMPR","PROD",null,"IMPR"]
["E9592","Caminhão carroceria com capacidade de 15 t - 188 kW",null,{"v":1,"d":"1.00000000"},null,{"v":1,"d":"1.0000"},{"v":0,"d":"0.0000"},{"v":286.349,"d":"286.3490"},null,69.0303,null,{"v":286.349,"d":"286.3490"}]
[{"$nulls":7},"TOTAL EQUIPAMENTOS:",{"$nulls":3},{"v":286.349,"d":"286.3490"}]
["MÃO DE OBRA",{"$nulls":5},"UNID","CONSUMO",null,"SALÁRIO HORA",null,"CUSTO HORÁRIO"]
["P9824","Servente",{"$nulls":4},"h",{"v":6,"d":"6.00000000"},null,16.6249,null,99.7494]
[{"$nulls":7},"TOTAL MÃO DE OBRA:",{"$nulls":3},99.7494]
[{"$nulls":7},"Custo Horário da Execução:",{"$nulls":3},386.0984]
[{"$nulls":7},"Produção da Equipe:",{"$nulls":3},{"v":11.84,"d":"11.84000"}]
[{"$nulls":7},"Custo Unitário da Execução:",{"$nulls":3},{"v":32.61,"d":"32.6100"}]
[{"$nulls":7},"Custo Direto Total:",{"$nulls":3},{"v":32.61,"d":"32.6100"}]
[{"$nulls":7},"VALOR:",{"$nulls":3},32.61]
[]
["5212552 - Pintura eletrostática a pó com tinta poliéster em chapa de aço (m²)"]
["EQUIPAMENTOS",null,null,"QUANT",null,"UTILIZAÇÃO",null,"CUSTO OPERACIONAL",{"$nulls":3},"CUSTO HORÁRIO"]
[{"$nulls":5},"PROD","IMPR","PROD",null,"IMPR"]
["E9076","Equipamento para pintura eletrostática com cabine dupla de 7,00 kW e estufa de 80.000 kCal",null,{"v":1,"d":"1.00000000"},null,{"v":1,"d":"1.0000"},{"v":0,"d":"0.0000"},40.7362,null,34.5276,null,40.7362]
["E9066","Grupo gerador - 13/14 kVA",null,{"v":1,"d":"1.00000000"},null,{"v":1,"d":"1.0000"},{"v":0,"d":"0.0000"},19.6029,null,3.8698,null,19.6029]
[{"$nulls":7},"TOTAL EQUIPAMENTOS:",{"$nulls":3},60.3391]
["MÃO DE OBRA",{"$nulls":5},"UNID","CONSUMO",null,"SALÁRIO HORA",null,"CUSTO HORÁRIO"]
["P9801","Ajudante",{"$nulls":4},"h",{"v":1,"d":"1.00000000"},null,16.6421,null,16.6421]
["P9822","Pintor",{"$nulls":4},"h",{"v":2,"d":"2.00000000"},null,24.5433,null,49.0866]
[{"$nulls":7},"TOTAL MÃO DE OBRA:",{"$nulls":3},65.7287]
[{"$nulls":7},"Custo Horário da Execução:",{"$nulls":3},126.0678]
[{"$nulls":7},"Produção da Equipe:",{"$nulls":3},{"v":19.15,"d":"19.15000"}]
[{"$nulls":7},"Custo Unitário da Execução:",{"$nulls":3},{"v":6.58,"d":"6.5800"}]
["MATERIAIS",{"$nulls":5},"UNID","CONSUMO",null,"VALOR UNITÁRIO",null,"CUSTO UNITÁRIO"]
["M3153","Tinta em pó à base de resina poliéster",{"$nulls":4},"kg",{"v":0.112,"d":"0.11200000"},null,{"v":77.708,"d":"77.7080"},null,8.7033]
[{"$nulls":7},"TOTAL MATERIAIS:",{"$nulls":3},8.7033]
["TRANSPORTE - TEMPO FIXO",null,null,"UNIDADE",null,"CODIGO",null,"CONSUMO",null,"PREÇO UNITÁRIO",null,"CUSTO UNITÁRIO"]
["M3153","Tinta em pó à base de resina poliéster (Caminhão carroceria com capacidade de 15 t - 188 kW)",null,"t",null,"5914655",null,{"v":1.1E-4,"d":"0.00011000"},null,{"v":32.61,"d":"32.6100"},null,0.0036]
[{"$nulls":7},"TRANSPORTE - TEMPO FIXO:",{"$nulls":3},0.0036]
["MOMENTO DE TRANSPORTE",null,"UND","QUANTIDADE",null,"LN",null,"RP",null,"P",null,"CUSTO UNITÁRIO"]
[{"$nulls":5},"DMT","R$","DMT","R$","DMT","R$"]
["M3153","Tinta em pó à base de resina poliéster (Caminhão carroceria com capacidade de 15 t - 188 kW)","tkm",{"v":1.1E-4,"d":"0.00011000"},null,{"v":0,"d":"0.00"},1.1683,{"v":0,"d":"0.00"},0.9346,{"v":0,"d":"0.00"},{"v":0.77,"d":"0.7700"},{"v":0,"d":"0.0000"}]
[{"$nulls":7},"MOMENTO DE TRANSPORTE:",{"$nulls":3},{"v":0,"d":"0.0000"}]
[{"$nulls":7},"Custo Direto Total:",{"$nulls":3},15.2869]
[{"$nulls":7},"VALOR:",{"$nulls":3},15.29]
[]
["5914333 - Carga, manobra e descarga de materiais diversos em caminhão carroceria de 15 t - carga e descarga com caminhão guindauto de 20 t.m (t)"]
["EQUIPAMENTOS",null,null,"QUANT",null,"UTILIZAÇÃO",null,"CUSTO OPERACIONAL",{"$nulls":3},"CUSTO HORÁRIO"]
[{"$nulls":5},"PROD","IMPR","PROD",null,"IMPR"]
["E9592","Caminhão carroceria com capacidade de 15 t - 188 kW",null,{"v":2,"d":"2.00000000"},null,{"v":0.53,"d":"0.5300"},{"v":0.47,"d":"0.4700"},{"v":286.349,"d":"286.3490"},null,69.0303,null,368.4184]
["E9686","Caminhão carroceria com guindauto com capacidade de 20 t.m - 136 kW",null,{"v":1,"d":"1.00000000"},null,{"v":1,"d":"1.0000"},{"v":0,"d":"0.0000"},321.4721,null,101.2754,null,321.4721]
[{"$nulls":7},"TOTAL EQUIPAMENTOS:",{"$nulls":3},689.8905]
["MÃO DE OBRA",{"$nulls":5},"UNID","CONSUMO",null,"SALÁRIO HORA",null,"CUSTO HORÁRIO"]
["P9824","Servente",{"$nulls":4},"h",{"v":2,"d":"2.00000000"},null,16.6249,null,33.2498]
[{"$nulls":7},"TOTAL MÃO DE OBRA:",{"$nulls":3},33.2498]
[{"$nulls":7},"Custo Horário da Execução:",{"$nulls":3},723.1403]
[{"$nulls":7},"Produção da Equipe:",{"$nulls":3},{"v":21.37,"d":"21.37000"}]
[{"$nulls":7},"Custo Unitário da Execução:",{"$nulls":3},{"v":33.84,"d":"33.8400"}]
[{"$nulls":7},"Custo Direto Total:",{"$nulls":3},{"v":33.84,"d":"33.8400"}]
[{"$nulls":7},"VALOR:",{"$nulls":3},33.84]
[]
["5213416 - Placa em aço nº 16 galvanizado com película retrorrefletiva tipo I + I - confecção (m²)"]
["EQUIPAMENTOS",null,null,"QUANT",null,"UTILIZAÇÃO",null,"CUSTO OPERACIONAL",{"$nulls":3},"CUSTO HORÁRIO"]
[{"$nulls":5},"PROD","IMPR","PROD",null,"IMPR"]
["E9568","Furadeira de impacto de 12,5 mm - 0,80 kW",null,{"v":0.1506,"d":"0.15060000"},null,{"v":1,"d":"1.0000"},{"v":0,"d":"0.0000"},0.2056,null,0.1364,null,{"v":0.03096336,"d":"0.0310"}]
["E9066","Grupo gerador - 13/14 kVA",null,{"v":0.48193,"d":"0.48193000"},null,{"v":1,"d":"1.0000"},{"v":0,"d":"0.0000"},19.6029,null,3.8698,null,{"v":9.447225597,"d":"9.4472"}]
["E9623","Máquina de bancada guilhotina - 4,00 kW",null,{"v":0.2008,"d":"0.20080000"},null,{"v":1,"d":"1.0000"},{"v":0,"d":"0.0000"},15.1068,null,9.6027,null,{"v":3.03344544,"d":"3.0334"}]
["E9622","Máquina de bancada universal para corte de chapa - 1,50 kW",null,{"v":0.48193,"d":"0.48193000"},null,{"v":1,"d":"1.0000"},{"v":0,"d":"0.0000"},8.1803,null,5.1999,null,{"v":3.942331979,"d":"3.9423"}]
["E9507","Plotadora de recorte com computador e programa computacional",null,{"v":0.48193,"d":"0.48193000"},null,{"v":1,"d":"1.0000"},{"v":0,"d":"0.0000"},18.6742,null,11.7723,null,{"v":8.999657206,"d":"8.9997"}]
[{"$nulls":7},"TOTAL EQUIPAMENTOS:",{"$nulls":3},25.4536]
["MÃO DE OBRA",{"$nulls":5},"UNID","CONSUMO",null,"SALÁRIO HORA",null,"CUSTO HORÁRIO"]
["P9801","Ajudante",{"$nulls":4},"h",{"v":2,"d":"2.00000000"},null,16.6421,null,33.2842]
["P9830","Montador",{"$nulls":4},"h",{"v":1,"d":"1.00000000"},null,25.3825,null,25.3825]
["P9823","Serralheiro",{"$nulls":4},"h",{"v":1,"d":"1.00000000"},null,{"v":21.039,"d":"21.0390"},null,{"v":21.039,"d":"21.0390"}]
["P9824","Servente",{"$nulls":4},"h",{"v":2,"d":"2.00000000"},null,16.6249,null,33.2498]
[{"$nulls":7},"TOTAL MÃO DE OBRA:",{"$nulls":3},112.9555]
[{"$nulls":7},"Custo Horário da Execução:",{"$nulls":3},138.4091]
[{"$nulls":7},"Produção da Equipe:",{"$nulls":3},{"v":4,"d":"4.00000"}]
[{"$nulls":7},"Custo Unitário da Execução:",{"$nulls":3},{"v":34.6,"d":"34.6000"}]
["MATERIAIS",{"$nulls":5},"UNID","CONSUMO",null,"VALOR UNITÁRIO",null,"CUSTO UNITÁRIO"]
["M1367","Chapa fina em aço galvanizado",{"$nulls":4},"kg",{"v":11.775,"d":"11.77500000"},null,{"v":11.62,"d":"11.6200"},null,136.8255]
["M3235","Película retrorrefletiva tipo I",{"$nulls":4},"m²",{"v":1.4,"d":"1.40000000"},null,132.5496,null,185.5694]
[{"$nulls":7},"TOTAL MATERIAIS:",{"$nulls":3},322.3949]
["SERVIÇOS",{"$nulls":5},"UNID","CONSUMO",null,"PREÇO UNITÁRIO",null,"CUSTO UNITÁRIO"]
["5212552","Pintura eletrostática a pó com tinta poliéster em chapa de aço",{"$nulls":4},"m²",{"v":1,"d":"1.00000000"},null,15.2869,null,15.2869]
[{"$nulls":7},"TOTAL SERVIÇOS:",{"$nulls":3},15.2869]
["TRANSPORTE - TEMPO FIXO",null,null,"UNIDADE",null,"CODIGO",null,"CONSUMO",null,"PREÇO UNITÁRIO",null,"CUSTO UNITÁRIO"]
["M1367","Chapa fina em aço galvanizado (Caminhão carroceria com capacidade de 15 t - 188 kW)",null,"t",null,"5914333",null,{"v":0.01178,"d":"0.01178000"},null,{"v":33.84,"d":"33.8400"},null,0.3986]
["M3235","Película retrorrefletiva tipo I (Caminhão carroceria com capacidade de 15 t - 188 kW)",null,"t",null,"5914655",null,{"v":6.2E-4,"d":"0.00062000"},null,{"v":32.61,"d":"32.6100"},null,0.0202]
[{"$nulls":7},"TRANSPORTE - TEMPO FIXO:",{"$nulls":3},0.4188]
["MOMENTO DE TRANSPORTE",null,"UND","QUANTIDADE",null,"LN",null,"RP",null,"P",null,"CUSTO UNITÁRIO"]
[{"$nulls":5},"DMT","R$","DMT","R$","DMT","R$"]
["M1367","Chapa fina em aço galvanizado (Caminhão carroceria com capacidade de 15 t - 188 kW)","tkm",{"v":0.01178,"d":"0.01178000"},null,{"v":0,"d":"0.00"},1.1683,{"v":0,"d":"0.00"},0.9346,{"v":0,"d":"0.00"},{"v":0.77,"d":"0.7700"},{"v":0,"d":"0.0000"}]
["M3235","Película retrorrefletiva tipo I (Caminhão carroceria com capacidade de 15 t - 188 kW)","tkm",{"v":6.2E-4,"d":"0.00062000"},null,{"v":0,"d":"0.00"},1.1683,{"v":0,"d":"0.00"},0.9346,{"v":0,"d":"0.00"},{"v":0.77,"d":"0.7700"},{"v":0,"d":"0.0000"}]
[{"$nulls":7},"MOMENTO DE TRANSPORTE:",{"$nulls":3},{"v":0,"d":"0.0000"}]
[{"$nulls":7},"Custo Direto Total:",{"$nulls":3},372.7006]
[{"$nulls":7},"VALOR:",{"$nulls":3},{"v":372.7,"d":"372.70"}]

{"sheet":"CURVA ABC SERVICOS","index":6,"n_rows":18,"n_cols":11,"rows_kept":18,"merged":[[0,0,0,10],[1,1,1,2],[14,2,14,5],[15,6,15,7],[15,8,15,10],[16,6,16,7],[16,8,16,10],[17,6,17,7],[17,8,17,10]]}
[]
[null,"\n"]
["CÓDIGO","DESCRIÇÃO","FONTE","TIPO","UNIDADE","QUANTIDADE","PREÇO UNITÁRIO","PREÇO TOTAL","%","ACUMUL. %","CL"]
["101169","EXECUÇÃO DE PAVIMENTO EM PARALELEPÍPEDOS, REJUNTAMENTO COM ARGAMASSA TRAÇO 1:3 (CIMENTO E AREIA). AF_05/2020","SINAPI","Serviço","M2",{"v":9736.21,"d":"9,736.21"},81.71,{"v":795545.7191,"d":"795,545.72"},{"v":80.54731189074155,"d":"80.55"},{"v":80.54731189074155,"d":"80.55"},"A"]
["94263","GUIA (MEIO-FIO) CONCRETO, MOLDADA IN LOCO EM TRECHO RETO COM EXTRUSORA, 13 CM BASE X 22 CM ALTURA. AF_06/2016","SINAPI","Serviço","M",{"v":3904.24,"d":"3,904.24"},30.18,{"v":117829.9632,"d":"117,829.96"},{"v":11.930033143389963,"d":"11.93"},{"v":92.47734480126141,"d":"92.48"},"C"]
["94990","EXECUÇÃO DE PASSEIO (CALÇADA) OU PISO DE CONCRETO COM CONCRETO MOLDADO IN LOCO, FEITO EM OBRA, ACABAMENTO CONVENCIONAL, NÃO ARMADO. AF_08/2022","SINAPI","Serviço","M3",43.82,734.04,{"v":32165.6328,"d":"32,165.63"},{"v":3.2567019029851587,"d":"3.26"},{"v":95.73404642075253,"d":"95.73"},"C"]
["COM-70756178","PISO TÁTIL DIRECIONAL E/OU ALERTA,DE CONCRETO, COLORIDO, P/DEFICIENTES VISUAIS, DIMENSÕES 25x25CM, APLICADO COM ARGAMASSA INDUSTRIALIZADA AC-II, REJUNTADO, EXCLUSIVE REGULARIZAÇÃO DE BASE","Composições Próprias","Serviço","m2",192.81,90.37,{"v":17424.2397,"d":"17,424.24"},{"v":1.7641672073387453,"d":"1.76"},{"v":97.49821365846564,"d":"97.50"},"C"]
["INS-130169","RAMPA DE ACESSIBILIDADE - LARGURA 1,20 M","Composições Próprias","Material","UND",{"v":10,"d":"10.00"},615.72,{"v":6157.2,"d":"6,157.20"},{"v":0.6234034033075271,"d":"0.62"},{"v":98.12161706177316,"d":"98.12"},"C"]
["102498","PINTURA DE MEIO-FIO COM TINTA BRANCA A BASE DE CAL (CAIAÇÃO). AF_05/2021","SINAPI","Serviço","M",{"v":3894.24,"d":"3,894.24"},1.39,{"v":5412.9936,"d":"5,412.99"},{"v":0.5480540882741932,"d":"0.55"},{"v":98.66967078555501,"d":"98.67"},"C"]
["COMP-51076047","LIMPEZA FINAL DA OBRA","Composições Próprias","Geral","m2",{"v":9736.21,"d":"9,736.21"},0.47,{"v":4576.0187,"d":"4,576.02"},{"v":0.4633121599394019,"d":"0.46"},{"v":99.13298307711665,"d":"99.13"},"C"]
["COMP-48999838","SERVIÇOS TOPOGRÁFICOS PARA PAVIMENTAÇÃO, INCLUSIVE NOTA DE SERVIÇOS, ACOMPANHAMENTO E GREIDE","Composições Próprias","Geral","M2",{"v":9736.21,"d":"9,736.21"},0.45,{"v":4381.2945,"d":"4,381.29"},{"v":0.4435967488781508,"d":"0.44"},{"v":99.57657937037938,"d":"99.58"},"C"]
["COM-81438814","PLACA DE OBRA EM CHAPA DE AÇO GALVANIZADO","Composições Próprias","Serviço","M2",{"v":8,"d":"8.00"},{"v":411.8,"d":"411.80"},{"v":3294.4,"d":"3,294.40"},{"v":0.3335509926356651,"d":"0.33"},{"v":99.91013036301504,"d":"99.91"},"C"]
["5213570","FORNECIMENTO E IMPLANTAÇÃO DE PLACA DE AÇO I + I","SICRO NOVO","Serviço","m²",1.29,458.54,{"v":591.5166,"d":"591.52"},{"v":0.05988979756267414,"d":"0.06"},{"v":99.97002050482048,"d":"99.97"},"C"]
["COM-26260763","PLACA ESMALTADA PARA IDENTIFICAÇÃO NR DE RUA, DIMENSÕES 45X25 CM","Composições Próprias","Serviço","M2",{"v":3,"d":"3.00"},{"v":98.7,"d":"98.70"},{"v":296.1,"d":"296.10"},{"v":0.029979495179522964,"d":"0.03"},{"v":100,"d":"100.00"},"C"]
[null,null,"\n                "]
[{"$nulls":6},"Subtotal até 100,00%",null,{"v":987675.07,"d":"987,675.07"}]
[{"$nulls":6},"Outros:",null,{"v":0,"d":"0.00"}]
[{"$nulls":6},"Valor total do Orçamento:",null,{"v":987675.07,"d":"987,675.07"}]

{"sheet":"CURVA ABC INSUMOS","index":7,"n_rows":81,"n_cols":11,"rows_kept":81,"merged":[[0,0,0,10],[1,1,1,2],[77,2,77,5],[78,6,78,7],[78,8,78,10],[79,6,79,7],[79,8,79,10],[80,6,80,7],[80,8,80,10]]}
[]
[null,"\n"]
["CÓDIGO","DESCRIÇÃO","FONTE","TIPO","UNIDADE","QUANTIDADE","PREÇO UNITÁRIO","PREÇO TOTAL","%","ACUMUL. %","CL"]
["00004385","PARALELEPIPEDO GRANITICO OU BASALTICO, PARA PAVIMENTACAO, SEM FRETE (VARIACAO REGIONAL DE PECAS POR M2)","SINAPI","Material","MIL",{"v":281.6010833647,"d":"281.60"},974.47,{"v":274411.8077063992,"d":"274,411.81"},{"v":27.783611841736494,"d":"27.78"},{"v":27.783611841736494,"d":"27.78"},"A"]
["00000367","AREIA GROSSA - POSTO JAZIDA/FORNECEDOR (RETIRADO NA JAZIDA, SEM TRANSPORTE)","SINAPI","Material","M3",{"v":972.8039372568,"d":"972.80"},111.43,{"v":108399.54272852522,"d":"108,399.54"},{"v":10.975223129659962,"d":"10.98"},{"v":46.79451205149102,"d":"46.79"},"A"]
["00001379","CIMENTO PORTLAND COMPOSTO CP II-32","SINAPI","Material","KG",{"v":103117.02034377787,"d":"103,117.02"},{"v":0.7,"d":"0.70"},{"v":72181.91424064452,"d":"72,181.91"},{"v":7.308265282087612,"d":"7.31"},{"v":55.61796323023648,"d":"55.62"},"B"]
["00006111","SERVENTE DE OBRAS","SINAPI","Mão de Obra","H",{"v":5690.925309409365,"d":"5,690.93"},11.14,{"v":63396.90794682032,"d":"63,396.91"},{"v":6.418802081014389,"d":"6.42"},{"v":63.36754398070871,"d":"63.37"},"B"]
["00004759","CALCETEIRO (HORISTA)","SINAPI","Mão de Obra","H",{"v":3463.521169915314,"d":"3,463.52"},{"v":15,"d":"15.00"},{"v":51952.81754872971,"d":"51,952.82"},{"v":5.260112270397765,"d":"5.26"},{"v":69.71820955423192,"d":"69.72"},"B"]
["00034492","CONCRETO USINADO BOMBEAVEL, CLASSE DE RESISTENCIA C20, COM BRITA 0 E 1, SLUMP = 100 +/- 20 MM, EXCLUI SERVICO DE BOMBEAMENTO (NBR 8953)","SINAPI","Material","M3",{"v":107.542095588,"d":"107.54"},{"v":410,"d":"410.00"},{"v":44092.25919108,"d":"44,092.26"},{"v":4.464247456512191,"d":"4.46"},{"v":75.10800740622214,"d":"75.11"},"B"]
["00010646","ROLO COMPACTADOR VIBRATORIO DE UM CILINDRO, ACO LISO, POTENCIA 80 HP, PESO OPERACIONAL MAXIMO 8,1 T, IMPACTO DINAMICO 16,15/9,5 T, LARGURA TRABALHO 1,68 M","SINAPI","Equipamento","UN",{"v":0.07117314398435494,"d":"0.07"},{"v":600185.77,"d":"600,185.77"},{"v":42717.10822557094,"d":"42,717.11"},{"v":4.325016346273775,"d":"4.33"},{"v":80.32970817005756,"d":"80.33"},"C"]
["00000370","AREIA MEDIA - POSTO JAZIDA/FORNECEDOR (RETIRADO NA JAZIDA, SEM TRANSPORTE)","SINAPI","Material","M3",{"v":258.36620397366966,"d":"258.37"},{"v":110,"d":"110.00"},{"v":28420.282437103666,"d":"28,420.28"},{"v":2.8774931453016896,"d":"2.88"},{"v":83.80377740799094,"d":"83.80"},"C"]
["00004238","OPERADOR DE ROLO COMPACTADOR","SINAPI","Mão de Obra","H",{"v":1151.1324852820624,"d":"1,151.13"},16.56,{"v":19062.753956270953,"d":"19,062.75"},{"v":1.930063290579052,"d":"1.93"},{"v":86.13399066997901,"d":"86.13"},"C"]
["00004750","PEDREIRO (HORISTA)","SINAPI","Mão de Obra","H",{"v":997.8425231130362,"d":"997.84"},{"v":15,"d":"15.00"},{"v":14967.637846695543,"d":"14,967.64"},{"v":1.515441495014706,"d":"1.52"},{"v":87.96362140157143,"d":"87.96"},"C"]
["00037370","ALIMENTACAO - HORISTA (COLETADO CAIXA)","SINAPI","Encargos Complementares","H",{"v":12376.223669598658,"d":"12,376.22"},0.97,{"v":12004.936959510696,"d":"12,004.94"},{"v":1.2154743320098884,"d":"1.22"},{"v":89.43109437359126,"d":"89.43"},"C"]
["00037372","EXAMES - HORISTA (COLETADO CAIXA)","SINAPI","Encargos Complementares","H",{"v":12445.624056013357,"d":"12,445.62"},0.81,{"v":10080.95548537082,"d":"10,080.96"},{"v":1.0206753001643365,"d":"1.02"},{"v":90.66338177627826,"d":"90.66"},"C"]
["00038137","LADRILHO HIDRAULICO, *20 X 20* CM, E= 2 CM, RAMPA, NATURAL","SINAPI","Material","M2",{"v":133.7573582625,"d":"133.76"},65.96,{"v":8822.6353509945,"d":"8,822.64"},{"v":0.8932730630727068,"d":"0.89"},{"v":91.74185328399601,"d":"91.74"},"C"]
["00037371","TRANSPORTE - HORISTA (COLETADO CAIXA)","SINAPI","Encargos Complementares","H",{"v":12376.223669598658,"d":"12,376.22"},{"v":0.7,"d":"0.70"},{"v":8663.35656871906,"d":"8,663.36"},{"v":0.8771464251617752,"d":"0.88"},{"v":92.80085454904837,"d":"92.80"},"C"]
["00037666","OPERADOR DE BETONEIRA ESTACIONARIA / MISTURADOR","SINAPI","Mão de Obra","H",{"v":681.3239450019108,"d":"681.32"},12.51,{"v":8523.362551973905,"d":"8,523.36"},{"v":0.8629723287410612,"d":"0.86"},{"v":93.84274234114021,"d":"93.84"},"C"]
["00043491","EPI - FAMILIA SERVENTE - HORISTA (ENCARGOS COMPLEMENTARES - COLETADO CAIXA)","SINAPI","Encargos Complementares","H",{"v":5906.568625835094,"d":"5,906.57"},1.15,{"v":6792.553919710359,"d":"6,792.55"},{"v":0.6877316362465602,"d":"0.69"},{"v":94.67305748941195,"d":"94.67"},"C"]
["INS-130169","RAMPA DE ACESSIBILIDADE - LARGURA 1,20 M","Composições Próprias","Material","UND",{"v":10,"d":"10.00"},{"v":510,"d":"510.00"},{"v":5100,"d":"5,100.00"},{"v":0.5163641520282577,"d":"0.52"},{"v":95.29647686154553,"d":"95.30"},"C"]
["00043489","EPI - FAMILIA PEDREIRO - HORISTA (ENCARGOS COMPLEMENTARES - COLETADO CAIXA)","SINAPI","Encargos Complementares","H",{"v":4412.2370995265,"d":"4,412.24"},1.09,{"v":4809.338438483885,"d":"4,809.34"},{"v":0.4869352871773796,"d":"0.49"},{"v":95.88436621903118,"d":"95.88"},"C"]
["00000242","AJUDANTE ESPECIALIZADO (HORISTA)","SINAPI","Mão de Obra","H",{"v":314.8036944356282,"d":"314.80"},11.56,{"v":3639.1307076758617,"d":"3,639.13"},{"v":0.36845424352726264,"d":"0.37"},{"v":96.3292101679944,"d":"96.33"},"C"]
["00043467","FERRAMENTAS - FAMILIA SERVENTE - HORISTA (ENCARGOS COMPLEMENTARES - COLETADO CAIXA)","SINAPI","Encargos Complementares","H",{"v":5906.568625835094,"d":"5,906.57"},0.56,{"v":3307.678430467653,"d":"3,307.68"},{"v":0.33489540547658586,"d":"0.33"},{"v":96.73353796972357,"d":"96.73"},"C"]
["00043465","FERRAMENTAS - FAMILIA PEDREIRO - HORISTA (ENCARGOS COMPLEMENTARES - COLETADO CAIXA)","SINAPI","Encargos Complementares","H",{"v":4412.2370995265,"d":"4,412.24"},0.74,{"v":3265.05545364961,"d":"3,265.06"},{"v":0.3305799197351018,"d":"0.33"},{"v":97.13265594132719,"d":"97.13"},"C"]
["00004721","PEDRA BRITADA N. 1 (9,5 a 19 MM) POSTO PEDREIRA/FORNECEDOR, SEM FRETE","SINAPI","Material","M3",{"v":29.91378198040512,"d":"29.91"},104.45,{"v":3124.4945278533146,"d":"3,124.49"},{"v":0.3163484249788055,"d":"0.32"},{"v":97.51459076368751,"d":"97.51"},"C"]
["00038400","VASSOURA 40 CM COM CABO","SINAPI","Material","UN",{"v":306.7142739903,"d":"306.71"},9.27,{"v":2843.241319890081,"d":"2,843.24"},{"v":0.2878721359130874,"d":"0.29"},{"v":97.86214584126104,"d":"97.86"},"C"]
["00004783","PINTOR (HORISTA)","SINAPI","Mão de Obra","H",{"v":147.0950040688128,"d":"147.10"},{"v":15,"d":"15.00"},{"v":2206.425061032192,"d":"2,206.43"},{"v":0.2233958442458401,"d":"0.22"},{"v":98.13185784229177,"d":"98.13"},"C"]
["00004221","OLEO DIESEL COMBUSTIVEL COMUM","SINAPI","Material","L",{"v":330.418560826875,"d":"330.42"},6.66,{"v":2200.5876151069874,"d":"2,200.59"},{"v":0.22280481526247164,"d":"0.22"},{"v":98.40085596702184,"d":"98.40"},"C"]
["00013836","MAQUINA EXTRUSORA DE CONCRETO PARA GUIAS E SARJETAS, COM MOTOR A DIESEL DE 14 CV","SINAPI","Equipamento","UN",{"v":0.02558641538229696,"d":"0.03"},{"v":62843.29,"d":"62,843.29"},{"v":1607.9345219301488,"d":"1,607.93"},{"v":0.16279995018302415,"d":"0.16"},{"v":98.5974078711463,"d":"98.60"},"C"]
["00043488","EPI - FAMILIA OPERADOR ESCAVADEIRA - HORISTA (ENCARGOS COMPLEMENTARES - COLETADO CAIXA)","SINAPI","Encargos Complementares","H",{"v":1845.7139601440622,"d":"1,845.71"},0.76,{"v":1402.7426097094872,"d":"1,402.74"},{"v":0.14202470552481267,"d":"0.14"},{"v":98.76887753586526,"d":"98.77"},"C"]
["00004813","PLACA DE OBRA (PARA CONSTRUCAO CIVIL) EM CHAPA GALVANIZADA *N. 22*, ADESIVADA, DE *2,4 X 1,2* M (SEM POSTES PARA FIXACAO)","SINAPI","Material","M2",{"v":3.13275088,"d":"3.13"},{"v":425,"d":"425.00"},{"v":1331.419124,"d":"1,331.42"},{"v":0.1348033543055815,"d":"0.13"},{"v":98.93162910850174,"d":"98.93"},"C"]
["00001213","CARPINTEIRO DE FORMAS (HORISTA)","SINAPI","Mão de Obra","H",{"v":66.97690954045083,"d":"66.98"},{"v":15,"d":"15.00"},{"v":1004.6536431067626,"d":"1,004.65"},{"v":0.10171904441273005,"d":"0.10"},{"v":99.05443661285743,"d":"99.05"},"C"]
["00004222","GASOLINA COMUM","SINAPI","Material","L",{"v":170.282419389621,"d":"170.28"},5.02,{"v":854.8177453358974,"d":"854.82"},{"v":0.08654847847236818,"d":"0.09"},{"v":99.15892903397257,"d":"99.16"},"C"]
["00004509","SARRAFO *2,5 X 10* CM EM PINUS, MISTA OU EQUIVALENTE DA REGIAO - BRUTA","SINAPI","Material","M",{"v":121.4432449188,"d":"121.44"},6.91,{"v":839.172822388908,"d":"839.17"},{"v":0.08496446330157022,"d":"0.08"},{"v":99.26150841328891,"d":"99.26"},"C"]
["00002355","DESENHISTA DETALHISTA (HORISTA)","SINAPI","Mão de Obra","H",{"v":25.55763487430769,"d":"25.56"},29.17,{"v":745.5162092835553,"d":"745.52"},{"v":0.07548193043725963,"d":"0.08"},{"v":99.35264010158558,"d":"99.35"},"C"]
["00034357","REJUNTE CIMENTICIO, QUALQUER COR","SINAPI","Material","KG",{"v":133.7573582625,"d":"133.76"},{"v":4.4,"d":"4.40"},{"v":588.532376355,"d":"588.53"},{"v":0.059587651266220586,"d":"0.06"},{"v":99.42458147473886,"d":"99.42"},"C"]
["00011161","CAL HIDRATADA PARA PINTURA","SINAPI","Material","KG",{"v":387.1304094672,"d":"387.13"},1.33,{"v":514.883444591376,"d":"514.88"},{"v":0.05213085358035574,"d":"0.05"},{"v":99.48751993872399,"d":"99.49"},"C"]
["00004517","SARRAFO *2,5 X 7,5* CM EM PINUS, MISTA OU EQUIVALENTE DA REGIAO - BRUTA","SINAPI","Material","M",{"v":97.1545958474,"d":"97.15"},4.76,{"v":462.455876233624,"d":"462.46"},{"v":0.046822673800364735,"d":"0.05"},{"v":99.54405062947632,"d":"99.54"},"C"]
["00013521","PLACA DE ACO ESMALTADA PARA IDENTIFICACAO DE RUA, *45 CM X 20* CM","SINAPI","Material","UN",{"v":3,"d":"3.00"},140.25,420.75,{"v":0.042600042542331254,"d":"0.04"},{"v":99.59548272767734,"d":"99.60"},"C"]
["00007595","NIVELADOR (HORISTA)","SINAPI","Mão de Obra","H",{"v":25.62381339305403,"d":"25.62"},15.84,{"v":405.88120414597586,"d":"405.88"},{"v":0.04109460858883235,"d":"0.04"},{"v":99.64509713057176,"d":"99.65"},"C"]
["00004095","MOTORISTA DE CARRO DE PASSEIO","SINAPI","Mão de Obra","H",{"v":25.55763487430769,"d":"25.56"},15.04,{"v":384.38682850958764,"d":"384.39"},{"v":0.0389183487753303,"d":"0.04"},{"v":99.69208461536675,"d":"99.69"},"C"]
["00013617","PICAPE CABINE SIMPLES COM MOTOR 1.6 FLEX, CAMBIO MANUAL, POTENCIA 101/104 CV, 2 PORTAS","SINAPI","Equipamento","UN",{"v":0.00309511841521344,"d":"0.00"},{"v":97485.13,"d":"97,485.13"},{"v":301.72802107247617,"d":"301.73"},{"v":0.030549320342010477,"d":"0.03"},{"v":99.72896781676947,"d":"99.73"},"C"]
["00005068","PREGO DE ACO POLIDO COM CABECA 17 X 21 (2 X 11)","SINAPI","Material","KG",{"v":11.6352340734,"d":"11.64"},25.43,{"v":295.884002486562,"d":"295.88"},{"v":0.02995762589072558,"d":"0.03"},{"v":99.76513591948061,"d":"99.77"},"C"]
["00010535","BETONEIRA CAPACIDADE NOMINAL 400 L, CAPACIDADE DE MISTURA 280 L, MOTOR ELETRICO TRIFASICO 220/380 V POTENCIA 2 CV, SEM CARREGADOR","SINAPI","Equipamento","UN",{"v":0.06114064644436157,"d":"0.06"},{"v":4701.88,"d":"4,701.88"},{"v":287.47598270381474,"d":"287.48"},{"v":0.029106331772028503,"d":"0.03"},{"v":99.80027721381414,"d":"99.80"},"C"]
["00000244","AUXILIAR DE TOPOGRAFO (HORISTA)","SINAPI","Mão de Obra","H",{"v":18.61774221757043,"d":"18.62"},{"v":12.4,"d":"12.40"},{"v":230.86000349787332,"d":"230.86"},{"v":0.023374084302631364,"d":"0.02"},{"v":99.82849733072605,"d":"99.83"},"C"]
["00043490","EPI - FAMILIA PINTOR - HORISTA (ENCARGOS COMPLEMENTARES - COLETADO CAIXA)","SINAPI","Encargos Complementares","H",{"v":145.3507945344,"d":"145.35"},{"v":1.5,"d":"1.50"},{"v":218.0261918016,"d":"218.03"},{"v":0.02207468816658499,"d":"0.02"},{"v":99.85514912008023,"d":"99.86"},"C"]
["M3235","Película retrorrefletiva tipo I","SICRO NOVO","Material","m²",{"v":1.63770384456,"d":"1.64"},{"v":132.5496,"d":"132.55"},{"v":217.0769895148902,"d":"217.08"},{"v":0.021978583454059463,"d":"0.02"},{"v":99.88168478229645,"d":"99.88"},"C"]
["00043466","FERRAMENTAS - FAMILIA PINTOR - HORISTA (ENCARGOS COMPLEMENTARES - COLETADO CAIXA)","SINAPI","Encargos Complementares","H",{"v":145.3507945344,"d":"145.35"},1.48,{"v":215.119175910912,"d":"215.12"},{"v":0.02178035899103052,"d":"0.02"},{"v":99.90798085589122,"d":"99.91"},"C"]
["00034353","ARGAMASSA COLANTE AC II","SINAPI","Material","KG",{"v":133.7573582625,"d":"133.76"},1.39,{"v":185.922727984875,"d":"185.92"},{"v":0.018824280740919682,"d":"0.02"},{"v":99.93070754798282,"d":"99.93"},"C"]
["M1367","Chapa fina em aço galvanizado","SICRO NOVO","Material","kg",{"v":13.77425912121,"d":"13.77"},11.62,{"v":160.0568909884602,"d":"160.06"},{"v":0.01620541976304618,"d":"0.02"},{"v":99.9502731371404,"d":"99.95"},"C"]
["00002705","ENERGIA ELETRICA ATE 2000 KWH INDUSTRIAL, SEM DEMANDA","SINAPI","Especiais","KWH",{"v":226.47359678372706,"d":"226.47"},0.69,{"v":156.26678178077165,"d":"156.27"},{"v":0.01582167926753195,"d":"0.02"},{"v":99.96937544013713,"d":"99.97"},"C"]
["00037373","SEGURO - HORISTA (COLETADO CAIXA)","SINAPI","Encargos Complementares","H",{"v":12445.624056013357,"d":"12,445.62"},0.01,{"v":124.45624056013357,"d":"124.46"},{"v":0.012600929631658474,"d":"0.01"},{"v":99.98458931759905,"d":"99.98"},"C"]
["00043483","EPI - FAMILIA CARPINTEIRO DE FORMAS - HORISTA (ENCARGOS COMPLEMENTARES - COLETADO CAIXA)","SINAPI","Encargos Complementares","H",{"v":66.3531895586,"d":"66.35"},1.26,{"v":83.605018843836,"d":"83.61"},{"v":0.008464830325608604,"d":"0.01"},{"v":99.99480972812925,"d":"99.99"},"C"]
["00005075","PREGO DE ACO POLIDO COM CABECA 18 X 30 (2 3/4 X 10)","SINAPI","Material","KG",{"v":3.13275088,"d":"3.13"},25.43,{"v":79.6658548784,"d":"79.67"},{"v":0.008065998352919853,"d":"0.01"},{"v":100.00454851663473,"d":"100.00"},"C"]
["00043493","EPI - FAMILIA TOPOGRAFO - HORISTA (ENCARGOS COMPLEMENTARES - COLETADO CAIXA)","SINAPI","Encargos Complementares","H",{"v":69.4003864147,"d":"69.40"},0.62,{"v":43.028239577114,"d":"43.03"},{"v":0.004356517733824546,"d":"0.00"},{"v":100.00980846478824,"d":"100.01"},"C"]
["00004491","PONTALETE *7,5 X 7,5* CM EM PINUS, MISTA OU EQUIVALENTE DA REGIAO - BRUTA","SINAPI","Material","M",{"v":3.13275088,"d":"3.13"},13.61,{"v":42.6367394768,"d":"42.64"},{"v":0.004316879181409328,"d":"0.00"},{"v":100.01502073969564,"d":"100.02"},"C"]
["00043459","FERRAMENTAS - FAMILIA CARPINTEIRO DE FORMAS - HORISTA (ENCARGOS COMPLEMENTARES - COLETADO CAIXA)","SINAPI","Encargos Complementares","H",{"v":66.3531895586,"d":"66.35"},0.45,{"v":29.85893530137,"d":"29.86"},{"v":0.0030231536877173585,"d":"0.00"},{"v":100.01867079899993,"d":"100.02"},"C"]
["P9824","Servente","SICRO NOVO","Mão de Obra","h",{"v":1.3664756150037844,"d":"1.37"},{"v":16.6249,"d":"16.62"},{"v":22.717520451876414,"d":"22.72"},{"v":0.002300100624376032,"d":"0.00"},{"v":100.02144807118324,"d":"100.02"},"C"]
["00043464","FERRAMENTAS - FAMILIA OPERADOR ESCAVADEIRA - HORISTA (ENCARGOS COMPLEMENTARES - COLETADO CAIXA)","SINAPI","Encargos Complementares","H",{"v":1845.7139601440622,"d":"1,845.71"},0.01,{"v":18.457139601440623,"d":"18.46"},{"v":0.0018687461253264826,"d":"0.00"},{"v":100.02370460483218,"d":"100.02"},"C"]
["00004417","SARRAFO NAO APARELHADO *2,5 X 7* CM, EM MACARANDUBA, ANGELIM OU EQUIVALENTE DA REGIAO - BRUTA","SINAPI","Material","M",{"v":3.13275088,"d":"3.13"},5.71,{"v":17.8880075248,"d":"17.89"},{"v":0.0018111227131408713,"d":"0.00"},{"v":100.02589146219836,"d":"100.03"},"C"]
["P9830","Montador","SICRO NOVO","Mão de Obra","h",{"v":0.6823766019,"d":"0.68"},{"v":25.3825,"d":"25.38"},{"v":17.32042409772675,"d":"17.32"},{"v":0.0017536560984298968,"d":"0.00"},{"v":100.02800864328175,"d":"100.03"},"C"]
["P9801","Ajudante","SICRO NOVO","Mão de Obra","h",{"v":0.6459797894898173,"d":"0.65"},{"v":16.6421,"d":"16.64"},{"v":10.750460254668488,"d":"10.75"},{"v":0.001088461233983408,"d":"0.00"},{"v":100.02932271352694,"d":"100.03"},"C"]
["M3153","Tinta em pó à base de resina poliéster","SICRO NOVO","Material","kg",{"v":0.1310163075648,"d":"0.13"},{"v":77.708,"d":"77.71"},{"v":10.181015228245478,"d":"10.18"},{"v":0.0010308061362979911,"d":"0.00"},{"v":100.03056710748936,"d":"100.03"},"C"]
["00002692","DESMOLDANTE PROTETOR PARA FORMAS DE MADEIRA, DE BASE OLEOSA EMULSIONADA EM AGUA","SINAPI","Material","L",{"v":0.8277567326,"d":"0.83"},8.67,{"v":7.176650871642,"d":"7.18"},{"v":7.266206356349564E-4,"d":"0.00"},{"v":100.03144478417404,"d":"100.03"},"C"]
["P9823","Serralheiro","SICRO NOVO","Mão de Obra","h",{"v":0.2924471151,"d":"0.29"},{"v":21.039,"d":"21.04"},{"v":6.1527948545889,"d":"6.15"},{"v":6.229573917046322E-4,"d":"0.00"},{"v":100.03219655459338,"d":"100.03"},"C"]
["00043469","FERRAMENTAS - FAMILIA TOPOGRAFO - HORISTA (ENCARGOS COMPLEMENTARES - COLETADO CAIXA)","SINAPI","Encargos Complementares","H",{"v":69.4003864147,"d":"69.40"},0.07,{"v":4.858027049029,"d":"4.86"},{"v":4.918649054318036E-4,"d":"0.00"},{"v":100.0327906365833,"d":"100.03"},"C"]
["E9066","Grupo gerador - 13/14 kVA (PRODUTIVO)","SICRO NOVO","Equipamento","CHP",{"v":0.20202459746996027,"d":"0.20"},{"v":19.6029,"d":"19.60"},{"v":3.9602679817438844,"d":"3.96"},{"v":4.009687094505569E-4,"d":"0.00"},{"v":100.03327470338989,"d":"100.03"},"C"]
["P9822","Pintor","SICRO NOVO","Mão de Obra","h",{"v":0.12217111857963443,"d":"0.12"},{"v":24.5433,"d":"24.54"},{"v":2.9984824146355415,"d":"3.00"},{"v":3.0358996654998506E-4,"d":"0.00"},{"v":100.03364142066762,"d":"100.03"},"C"]
["E9507","Plotadora de recorte com computador e programa computacional (PRODUTIVO)","SICRO NOVO","Equipamento","CHP",{"v":0.140939038180143,"d":"0.14"},{"v":18.6742,"d":"18.67"},{"v":2.6319237867836263,"d":"2.63"},{"v":2.6647668516971136E-4,"d":"0.00"},{"v":100.03396290948109,"d":"100.03"},"C"]
["E9076","Equipamento para pintura eletrostática com cabine dupla de 7,00 kW e estufa de 80.000 kCal (PRODUTIVO)","SICRO NOVO","Equipamento","CHP",{"v":0.06108555928981727,"d":"0.06"},{"v":40.7362,"d":"40.74"},{"v":2.4883935603418545,"d":"2.49"},{"v":2.5194455503892133E-4,"d":"0.00"},{"v":100.03426728482161,"d":"100.03"},"C"]
["E9622","Máquina de bancada universal para corte de chapa - 1,50 kW (PRODUTIVO)","SICRO NOVO","Equipamento","CHP",{"v":0.140939038180143,"d":"0.14"},{"v":8.1803,"d":"8.18"},{"v":1.1529236140250239,"d":"1.15"},{"v":1.1673106359007562E-4,"d":"0.00"},{"v":100.03440785977807,"d":"100.03"},"C"]
["E9623","Máquina de bancada guilhotina - 4,00 kW (PRODUTIVO)","SICRO NOVO","Equipamento","CHP",{"v":0.05872338071208,"d":"0.06"},{"v":15.1068,"d":"15.11"},{"v":0.8871223677412502,"d":"0.89"},{"v":8.981925277725701E-5,"d":"0.00"},{"v":100.03451665257046,"d":"100.03"},"C"]
["00011950","BUCHA DE NYLON SEM ABA S6, COM PARAFUSO DE 4,20 X 40 MM EM ACO ZINCADO COM ROSCA SOBERBA, CABECA CHATA E FENDA PHILLIPS","SINAPI","Material","UN",{"v":3,"d":"3.00"},{"v":0.2,"d":"0.20"},{"v":0.6,"d":"0.60"},{"v":6.074872376803031E-5,"d":"0.00"},{"v":100.034589996026,"d":"100.03"},"C"]
["E9592","Caminhão carroceria com capacidade de 15 t - 188 kW (PRODUTIVO)","SICRO NOVO","Equipamento","CHP",{"v":0.0013617922949617192,"d":"0.00"},{"v":286.349,"d":"286.35"},{"v":0.3899478618699933,"d":"0.39"},{"v":3.94813915744571E-5,"d":"0.00"},{"v":100.03463766927212,"d":"100.03"},"C"]
["E9686","Caminhão carroceria com guindauto com capacidade de 20 t.m - 136 kW (PRODUTIVO)","SICRO NOVO","Equipamento","CHP",{"v":6.448342565985967E-4,"d":"0.00"},{"v":321.4721,"d":"321.47"},{"v":0.20729622262068975,"d":"0.21"},{"v":2.0988301610233997E-5,"d":"0.00"},{"v":100.03466333948155,"d":"100.03"},"C"]
["E9568","Furadeira de impacto de 12,5 mm - 0,80 kW (PRODUTIVO)","SICRO NOVO","Equipamento","CHP",{"v":0.04404253553406,"d":"0.04"},{"v":0.2056,"d":"0.21"},{"v":0.009055145305802736,"d":"0.01"},{"v":9.16814201435978E-7,"d":"0.00"},{"v":100.03466456187248,"d":"100.03"},"C"]
["E9687","Caminhão carroceria com capacidade de 5 t - 115 kW","SICRO NOVO","Equipamento","UN",{"v":0.3899294868,"d":"0.39"},{"v":0,"d":"0.00"},{"v":0,"d":"0.00"},{"v":0,"d":"0.00"},{"v":100.03466456187248,"d":"100.03"},"C"]
[null,null,"\n                "]
[{"$nulls":6},"Subtotal até 100,03%",null,{"v":818352.48,"d":"818,352.48"}]
[{"$nulls":6},"Outros:",null,{"v":169322.58999999997,"d":"169,322.59"}]
[{"$nulls":6},"Valor total do Orçamento:",null,{"v":987675.07,"d":"987,675.07"}]

{"sheet":"CRONOGRAMA","index":8,"n_rows":10,"n_cols":10,"rows_kept":10,"merged":[[0,0,0,7],[1,7,1,8],[2,0,3,0],[2,1,3,1],[2,2,3,2],[4,0,5,0],[4,1,5,1],[4,2,5,2],[4,7,4,8],[5,7,5,8],[6,0,7,0],[6,1,7,1],[6,2,7,2],[6,7,6,8],[7,7,7,8],[8,2,9,2],[8,7,8,8],[8,9,9,9],[9,7,9,8]]}
[]
["ITEM","DESCRIÇÃO","VALOR (R$)","MÊS 1","MÊS 2","MÊS 3","MÊS 4","MÊS 5",null,"Total parcela"]
["1","SERVIÇOS PRELIMINARES",{"v":7675.69,"d":"7,675.69"},{"v":1,"d":"100.00%"},{"$nulls":5},{"v":1,"d":"100.00' %'"}]
[{"$nulls":3},{"v":7675.69,"d":"7,675.69"},{"$nulls":5},{"v":7675.69,"d":"7,675.69"}]
["2","PAVIMENTAÇÃO",{"v":979111.76,"d":"979,111.76"},null,{"v":0.25,"d":"25.00%"},{"v":0.25,"d":"25.00%"},{"v":0.25,"d":"25.00%"},{"v":0.25,"d":"25.00%"},null,{"v":1,"d":"100.00' %'"}]
[{"$nulls":4},{"v":244777.94,"d":"244,777.94"},{"v":244777.94,"d":"244,777.94"},{"v":244777.94,"d":"244,777.94"},{"v":244777.94,"d":"244,777.94"},null,{"v":979111.76,"d":"979,111.76"}]
["3","SINALIZAÇÃO VIÁRIA",887.62,{"$nulls":4},{"v":1,"d":"100.00%"},null,{"v":1,"d":"100.00' %'"}]
[{"$nulls":7},887.62,null,887.62]
[null,null,{"v":987675.07,"d":"987,675.07"},{"v":7675.69,"d":"7,675.69"},{"v":244777.94,"d":"244,777.94"},{"v":244777.94,"d":"244,777.94"},{"v":244777.94,"d":"244,777.94"},{"v":245665.56,"d":"245,665.56"},null,{"v":987675.07,"d":"987,675.07"}]
[{"$nulls":3},{"v":7675.69,"d":"7,675.69"},{"v":252453.63,"d":"252,453.63"},{"v":497231.57,"d":"497,231.57"},{"v":742009.51,"d":"742,009.51"},{"v":987675.07,"d":"987,675.07"}]

{"sheet":"CRONOGRAMA INSUMOS","index":9,"n_rows":77,"n_cols":10,"rows_kept":77,"merged":[[0,1,0,11],[1,0,1,10],[2,0,2,1],[3,0,3,1],[4,0,4,1],[5,0,5,1],[6,0,6,1],[7,0,7,1],[8,0,8,1],[9,0,9,1],[10,0,10,1],[11,0,11,1],[12,0,12,1],[13,0,13,1],[14,0,14,1],[15,0,15,1],[16,0,16,1],[17,0,17,1],[18,0,18,1],[19,0,19,1],[20,0,20,1],[21,0,21,1],[22,0,22,1],[23,0,23,1],[24,0,24,1],[25,0,25,1],[26,0,26,1],[27,0,27,1],[28,0,28,1],[29,0,29,1],[30,0,30,1],[31,0,31,1],[32,0,32,1],[33,0,33,1],[34,0,34,1],[35,0,35,1],[36,0,36,1],[37,0,37,1],[38,0,38,1],[39,0,39,1],[40,0,40,1],[41,0,41,1],[42,0,42,1],[43,0,43,1],[44,0,44,1],[45,0,45,1],[46,0,46,1],[47,0,47,1],[48,0,48,1],[49,0,49,1],[50,0,50,1],[51,0,51,1],[52,0,52,1],[53,0,53,1],[54,0,54,1],[55,0,55,1],[56,0,56,1],[57,0,57,1],[58,0,58,1],[59,0,59,1],[60,0,60,1],[61,0,61,1],[62,0,62,1],[63,0,63,1],[64,0,64,1],[65,0,65,1],[66,0,66,1],[67,0,67,1],[68,0,68,1],[69,0,69,1],[70,0,70,1],[71,0,71,1],[72,0,72,1],[73,0,73,1],[74,0,74,1],[75,0,75,1],[76,0,76,1]]}
[]
[]
["CÓDIGO",null,"DESCRIÇÃO","UNIDADE","QTD. MÊS 1","QTD. MÊS 2","QTD. MÊS 3","QTD. MÊS 4","QTD. MÊS 5","TOTAL"]
["00000242",null,"AJUDANTE ESPECIALIZADO (HORISTA)","H",null,{"v":78.7,"d":"78.70000000"},{"v":78.7,"d":"78.70000000"},{"v":78.7,"d":"78.70000000"},{"v":78.7,"d":"78.70000000"},{"v":314.8,"d":"314.80000000"}]
["00000244",null,"AUXILIAR DE TOPOGRAFO (HORISTA)","H",{"v":18.62,"d":"18.62000000"},{"$nulls":4},{"v":18.62,"d":"18.62000000"}]
["00000367",null,"AREIA GROSSA - POSTO JAZIDA/FORNECEDOR (RETIRADO NA JAZIDA, SEM TRANSPORTE)","M3",null,{"v":243.2,"d":"243.20000000"},{"v":243.2,"d":"243.20000000"},{"v":243.2,"d":"243.20000000"},{"v":243.2,"d":"243.20000000"},{"v":972.8,"d":"972.80000000"}]
["00000370",null,"AREIA MEDIA - POSTO JAZIDA/FORNECEDOR (RETIRADO NA JAZIDA, SEM TRANSPORTE)","M3",{"v":2.59,"d":"2.59000000"},{"v":63.94,"d":"63.94000000"},{"v":63.94,"d":"63.94000000"},{"v":63.94,"d":"63.94000000"},{"v":63.94,"d":"63.94000000"},{"v":258.35,"d":"258.35000000"}]
["00001213",null,"CARPINTEIRO DE FORMAS (HORISTA)","H",{"v":3.16,"d":"3.16000000"},{"v":15.95,"d":"15.95000000"},{"v":15.95,"d":"15.95000000"},{"v":15.95,"d":"15.95000000"},{"v":15.95,"d":"15.95000000"},{"v":66.96000000000001,"d":"66.96000000"}]
["00001379",null,"CIMENTO PORTLAND COMPOSTO CP II-32","KG",{"v":664.2,"d":"664.20000000"},{"v":25613.21,"d":"25,613.21000000"},{"v":25613.21,"d":"25,613.21000000"},{"v":25613.21,"d":"25,613.21000000"},{"v":25613.21,"d":"25,613.21000000"},{"v":103117.03999999998,"d":"103,117.04000000"}]
["00002355",null,"DESENHISTA DETALHISTA (HORISTA)","H",{"v":25.56,"d":"25.56000000"},{"$nulls":4},{"v":25.56,"d":"25.56000000"}]
["00002692",null,"DESMOLDANTE PROTETOR PARA FORMAS DE MADEIRA, DE BASE OLEOSA EMULSIONADA EM AGUA","L",null,{"v":0.21,"d":"0.21000000"},{"v":0.21,"d":"0.21000000"},{"v":0.21,"d":"0.21000000"},{"v":0.21,"d":"0.21000000"},{"v":0.84,"d":"0.84000000"}]
["00002705",null,"ENERGIA ELETRICA ATE 2000 KWH INDUSTRIAL, SEM DEMANDA","KWH",{"v":2.99,"d":"2.99000000"},{"v":55.87,"d":"55.87000000"},{"v":55.87,"d":"55.87000000"},{"v":55.87,"d":"55.87000000"},{"v":55.87,"d":"55.87000000"},{"v":226.47,"d":"226.47000000"}]
["00004095",null,"MOTORISTA DE CARRO DE PASSEIO","H",{"v":25.56,"d":"25.56000000"},{"$nulls":4},{"v":25.56,"d":"25.56000000"}]
["00004221",null,"OLEO DIESEL COMBUSTIVEL COMUM","L",null,{"v":82.61,"d":"82.61000000"},{"v":82.61,"d":"82.61000000"},{"v":82.61,"d":"82.61000000"},{"v":82.61,"d":"82.61000000"},{"v":330.44,"d":"330.44000000"}]
["00004222",null,"GASOLINA COMUM","L",{"v":170.28,"d":"170.28000000"},{"$nulls":4},{"v":170.28,"d":"170.28000000"}]
["00004238",null,"OPERADOR DE ROLO COMPACTADOR","H",null,{"v":287.78,"d":"287.78000000"},{"v":287.78,"d":"287.78000000"},{"v":287.78,"d":"287.78000000"},{"v":287.78,"d":"287.78000000"},{"v":1151.12,"d":"1,151.12000000"}]
["00004385",null,"PARALELEPIPEDO GRANITICO OU BASALTICO, PARA PAVIMENTACAO, SEM FRETE (VARIACAO REGIONAL DE PECAS POR M2)","MIL",null,{"v":70.4,"d":"70.40000000"},{"v":70.4,"d":"70.40000000"},{"v":70.4,"d":"70.40000000"},{"v":70.4,"d":"70.40000000"},{"v":281.6,"d":"281.60000000"}]
["00004417",null,"SARRAFO NAO APARELHADO *2,5 X 7* CM, EM MACARANDUBA, ANGELIM OU EQUIVALENTE DA REGIAO -  BRUTA","M",{"v":3.13,"d":"3.13000000"},{"$nulls":4},{"v":3.13,"d":"3.13000000"}]
["00004491",null,"PONTALETE *7,5 X 7,5* CM EM PINUS, MISTA OU EQUIVALENTE DA REGIAO - BRUTA","M",{"v":3.13,"d":"3.13000000"},{"$nulls":4},{"v":3.13,"d":"3.13000000"}]
["00004509",null,"SARRAFO *2,5 X 10* CM EM PINUS, MISTA OU EQUIVALENTE DA REGIAO - BRUTA","M",null,{"v":30.36,"d":"30.36000000"},{"v":30.36,"d":"30.36000000"},{"v":30.36,"d":"30.36000000"},{"v":30.36,"d":"30.36000000"},{"v":121.44,"d":"121.44000000"}]
["00004517",null,"SARRAFO *2,5 X 7,5* CM EM PINUS, MISTA OU EQUIVALENTE DA REGIAO - BRUTA","M",null,{"v":24.29,"d":"24.29000000"},{"v":24.29,"d":"24.29000000"},{"v":24.29,"d":"24.29000000"},{"v":24.29,"d":"24.29000000"},{"v":97.16,"d":"97.16000000"}]
["00004721",null,"PEDRA BRITADA N. 1 (9,5 a 19 MM) POSTO PEDREIRA/FORNECEDOR, SEM FRETE","M3",{"v":1.81,"d":"1.81000000"},{"v":7.03,"d":"7.03000000"},{"v":7.03,"d":"7.03000000"},{"v":7.03,"d":"7.03000000"},{"v":7.03,"d":"7.03000000"},{"v":29.930000000000003,"d":"29.93000000"}]
["00004750",null,"PEDREIRO (HORISTA)","H",null,{"v":249.45,"d":"249.45000000"},{"v":249.45,"d":"249.45000000"},{"v":249.45,"d":"249.45000000"},{"v":249.45,"d":"249.45000000"},{"v":997.8,"d":"997.80000000"}]
["00004759",null,"CALCETEIRO (HORISTA)","H",null,{"v":865.88,"d":"865.88000000"},{"v":865.88,"d":"865.88000000"},{"v":865.88,"d":"865.88000000"},{"v":865.88,"d":"865.88000000"},{"v":3463.52,"d":"3,463.52000000"}]
["00004783",null,"PINTOR (HORISTA)","H",null,{"v":36.77,"d":"36.77000000"},{"v":36.77,"d":"36.77000000"},{"v":36.77,"d":"36.77000000"},{"v":36.77,"d":"36.77000000"},{"v":147.08,"d":"147.08000000"}]
["00004813",null,"PLACA DE OBRA (PARA CONSTRUCAO CIVIL) EM CHAPA GALVANIZADA *N. 22*, ADESIVADA, DE *2,4 X 1,2* M (SEM POSTES PARA FIXACAO)","M2",{"v":3.13,"d":"3.13000000"},{"$nulls":4},{"v":3.13,"d":"3.13000000"}]
["00005068",null,"PREGO DE ACO POLIDO COM CABECA 17 X 21 (2 X 11)","KG",null,{"v":2.91,"d":"2.91000000"},{"v":2.91,"d":"2.91000000"},{"v":2.91,"d":"2.91000000"},{"v":2.91,"d":"2.91000000"},{"v":11.64,"d":"11.64000000"}]
["00005075",null,"PREGO DE ACO POLIDO COM CABECA 18 X 30 (2 3/4 X 10)","KG",{"v":3.13,"d":"3.13000000"},{"$nulls":4},{"v":3.13,"d":"3.13000000"}]
["00006111",null,"SERVENTE DE OBRAS","H",{"v":36.54,"d":"36.54000000"},{"v":1416.45,"d":"1,416.45000000"},{"v":1416.45,"d":"1,416.45000000"},{"v":1416.45,"d":"1,416.45000000"},{"v":1404.98,"d":"1,404.98000000"},{"v":5690.870000000001,"d":"5,690.87000000"}]
["00007595",null,"NIVELADOR (HORISTA)","H",{"v":25.62,"d":"25.62000000"},{"$nulls":4},{"v":25.62,"d":"25.62000000"}]
["00010535",null,"BETONEIRA CAPACIDADE NOMINAL 400 L, CAPACIDADE DE MISTURA  280 L, MOTOR ELETRICO TRIFASICO 220/380 V POTENCIA 2 CV, SEM CARREGADOR","UN",null,{"v":0.01,"d":"0.01000000"},{"v":0.01,"d":"0.01000000"},{"v":0.01,"d":"0.01000000"},{"v":0.01,"d":"0.01000000"},{"v":0.04,"d":"0.04000000"}]
["00010646",null,"ROLO COMPACTADOR VIBRATORIO DE UM CILINDRO, ACO LISO, POTENCIA 80 HP, PESO OPERACIONAL MAXIMO 8,1 T, IMPACTO DINAMICO 16,15/9,5 T, LARGURA TRABALHO 1,68 M","UN",null,{"v":0.02,"d":"0.02000000"},{"v":0.02,"d":"0.02000000"},{"v":0.02,"d":"0.02000000"},{"v":0.02,"d":"0.02000000"},{"v":0.08,"d":"0.08000000"}]
["00011161",null,"CAL HIDRATADA PARA PINTURA","KG",null,{"v":96.78,"d":"96.78000000"},{"v":96.78,"d":"96.78000000"},{"v":96.78,"d":"96.78000000"},{"v":96.78,"d":"96.78000000"},{"v":387.12,"d":"387.12000000"}]
["00011950",null,"BUCHA DE NYLON SEM ABA S6, COM PARAFUSO DE 4,20 X 40 MM EM ACO ZINCADO COM ROSCA SOBERBA, CABECA CHATA E FENDA PHILLIPS","UN",{"$nulls":4},{"v":3,"d":"3.00000000"},{"v":3,"d":"3.00000000"}]
["00013521",null,"PLACA DE ACO ESMALTADA PARA  IDENTIFICACAO DE RUA, *45 CM X 20* CM","UN",{"$nulls":4},{"v":3,"d":"3.00000000"},{"v":3,"d":"3.00000000"}]
["00013617",null,"PICAPE CABINE SIMPLES COM MOTOR 1.6 FLEX, CAMBIO MANUAL, POTENCIA 101/104 CV, 2 PORTAS","UN",{"$nulls":5},{"v":0,"d":"0.00000000"}]
["00013836",null,"MAQUINA EXTRUSORA DE CONCRETO PARA GUIAS E SARJETAS, COM MOTOR A DIESEL DE 14 CV","UN",null,{"v":0.01,"d":"0.01000000"},{"v":0.01,"d":"0.01000000"},{"v":0.01,"d":"0.01000000"},{"v":0.01,"d":"0.01000000"},{"v":0.04,"d":"0.04000000"}]
["00034353",null,"ARGAMASSA COLANTE AC II","KG",null,{"v":33.44,"d":"33.44000000"},{"v":33.44,"d":"33.44000000"},{"v":33.44,"d":"33.44000000"},{"v":33.44,"d":"33.44000000"},{"v":133.76,"d":"133.76000000"}]
["00034357",null,"REJUNTE CIMENTICIO, QUALQUER COR","KG",null,{"v":33.44,"d":"33.44000000"},{"v":33.44,"d":"33.44000000"},{"v":33.44,"d":"33.44000000"},{"v":33.44,"d":"33.44000000"},{"v":133.76,"d":"133.76000000"}]
["00034492",null,"CONCRETO USINADO BOMBEAVEL, CLASSE DE RESISTENCIA C20, COM BRITA 0 E 1, SLUMP = 100 +/- 20 MM, EXCLUI SERVICO DE BOMBEAMENTO (NBR 8953)","M3",null,{"v":26.89,"d":"26.89000000"},{"v":26.89,"d":"26.89000000"},{"v":26.89,"d":"26.89000000"},{"v":26.89,"d":"26.89000000"},{"v":107.56,"d":"107.56000000"}]
["00037370",null,"ALIMENTACAO - HORISTA (COLETADO CAIXA)","H",{"v":69.16,"d":"69.16000000"},{"v":3079.59,"d":"3,079.59000000"},{"v":3079.59,"d":"3,079.59000000"},{"v":3079.59,"d":"3,079.59000000"},{"v":3068.32,"d":"3,068.32000000"},{"v":12376.25,"d":"12,376.25000000"}]
["00037371",null,"TRANSPORTE - HORISTA (COLETADO CAIXA)","H",{"v":69.16,"d":"69.16000000"},{"v":3079.59,"d":"3,079.59000000"},{"v":3079.59,"d":"3,079.59000000"},{"v":3079.59,"d":"3,079.59000000"},{"v":3068.32,"d":"3,068.32000000"},{"v":12376.25,"d":"12,376.25000000"}]
["00037372",null,"EXAMES - HORISTA (COLETADO CAIXA)","H",{"v":138.56,"d":"138.56000000"},{"v":3079.59,"d":"3,079.59000000"},{"v":3079.59,"d":"3,079.59000000"},{"v":3079.59,"d":"3,079.59000000"},{"v":3068.32,"d":"3,068.32000000"},{"v":12445.65,"d":"12,445.65000000"}]
["00037373",null,"SEGURO - HORISTA (COLETADO CAIXA)","H",{"v":138.56,"d":"138.56000000"},{"v":3079.59,"d":"3,079.59000000"},{"v":3079.59,"d":"3,079.59000000"},{"v":3079.59,"d":"3,079.59000000"},{"v":3068.32,"d":"3,068.32000000"},{"v":12445.65,"d":"12,445.65000000"}]
["00037666",null,"OPERADOR DE BETONEIRA ESTACIONARIA / MISTURADOR","H",{"v":4.67,"d":"4.67000000"},{"v":169.17,"d":"169.17000000"},{"v":169.17,"d":"169.17000000"},{"v":169.17,"d":"169.17000000"},{"v":169.17,"d":"169.17000000"},{"v":681.3499999999999,"d":"681.35000000"}]
["00038137",null,"LADRILHO HIDRAULICO, *20 X 20* CM, E= 2 CM, RAMPA, NATURAL","M2",null,{"v":33.44,"d":"33.44000000"},{"v":33.44,"d":"33.44000000"},{"v":33.44,"d":"33.44000000"},{"v":33.44,"d":"33.44000000"},{"v":133.76,"d":"133.76000000"}]
["00038400",null,"VASSOURA 40 CM COM CABO","UN",null,{"v":76.68,"d":"76.68000000"},{"v":76.68,"d":"76.68000000"},{"v":76.68,"d":"76.68000000"},{"v":76.68,"d":"76.68000000"},{"v":306.72,"d":"306.72000000"}]
["00043459",null,"FERRAMENTAS - FAMILIA CARPINTEIRO DE FORMAS - HORISTA (ENCARGOS COMPLEMENTARES - COLETADO CAIXA)","H",{"v":3.13,"d":"3.13000000"},{"v":15.81,"d":"15.81000000"},{"v":15.81,"d":"15.81000000"},{"v":15.81,"d":"15.81000000"},{"v":15.81,"d":"15.81000000"},{"v":66.37,"d":"66.37000000"}]
["00043464",null,"FERRAMENTAS - FAMILIA OPERADOR ESCAVADEIRA - HORISTA (ENCARGOS COMPLEMENTARES - COLETADO CAIXA)","H",{"v":30.09,"d":"30.09000000"},{"v":453.91,"d":"453.91000000"},{"v":453.91,"d":"453.91000000"},{"v":453.91,"d":"453.91000000"},{"v":453.91,"d":"453.91000000"},{"v":1845.7300000000002,"d":"1,845.73000000"}]
["00043465",null,"FERRAMENTAS - FAMILIA PEDREIRO - HORISTA (ENCARGOS COMPLEMENTARES - COLETADO CAIXA)","H",null,{"v":1103.07,"d":"1,103.07000000"},{"v":1103.07,"d":"1,103.07000000"},{"v":1103.07,"d":"1,103.07000000"},{"v":1103.07,"d":"1,103.07000000"},{"v":4412.28,"d":"4,412.28000000"}]
["00043466",null,"FERRAMENTAS - FAMILIA PINTOR - HORISTA (ENCARGOS COMPLEMENTARES - COLETADO CAIXA)","H",null,{"v":36.34,"d":"36.34000000"},{"v":36.34,"d":"36.34000000"},{"v":36.34,"d":"36.34000000"},{"v":36.34,"d":"36.34000000"},{"v":145.36,"d":"145.36000000"}]
["00043467",null,"FERRAMENTAS - FAMILIA SERVENTE - HORISTA (ENCARGOS COMPLEMENTARES - COLETADO CAIXA)","H",{"v":35.92,"d":"35.92000000"},{"v":1470.48,"d":"1,470.48000000"},{"v":1470.48,"d":"1,470.48000000"},{"v":1470.48,"d":"1,470.48000000"},{"v":1459.21,"d":"1,459.21000000"},{"v":5906.570000000001,"d":"5,906.57000000"}]
["00043469",null,"FERRAMENTAS - FAMILIA TOPOGRAFO - HORISTA (ENCARGOS COMPLEMENTARES - COLETADO CAIXA)","H",{"v":69.4,"d":"69.40000000"},{"$nulls":4},{"v":69.4,"d":"69.40000000"}]
["00043483",null,"EPI - FAMILIA CARPINTEIRO DE FORMAS - HORISTA (ENCARGOS COMPLEMENTARES - COLETADO CAIXA)","H",{"v":3.13,"d":"3.13000000"},{"v":15.81,"d":"15.81000000"},{"v":15.81,"d":"15.81000000"},{"v":15.81,"d":"15.81000000"},{"v":15.81,"d":"15.81000000"},{"v":66.37,"d":"66.37000000"}]
["00043488",null,"EPI - FAMILIA OPERADOR ESCAVADEIRA - HORISTA (ENCARGOS COMPLEMENTARES - COLETADO CAIXA)","H",{"v":30.09,"d":"30.09000000"},{"v":453.91,"d":"453.91000000"},{"v":453.91,"d":"453.91000000"},{"v":453.91,"d":"453.91000000"},{"v":453.91,"d":"453.91000000"},{"v":1845.7300000000002,"d":"1,845.73000000"}]
["00043489",null,"EPI - FAMILIA PEDREIRO - HORISTA (ENCARGOS COMPLEMENTARES - COLETADO CAIXA)","H",null,{"v":1103.07,"d":"1,103.07000000"},{"v":1103.07,"d":"1,103.07000000"},{"v":1103.07,"d":"1,103.07000000"},{"v":1103.07,"d":"1,103.07000000"},{"v":4412.28,"d":"4,412.28000000"}]
["00043490",null,"EPI - FAMILIA PINTOR - HORISTA (ENCARGOS COMPLEMENTARES - COLETADO CAIXA)","H",null,{"v":36.34,"d":"36.34000000"},{"v":36.34,"d":"36.34000000"},{"v":36.34,"d":"36.34000000"},{"v":36.34,"d":"36.34000000"},{"v":145.36,"d":"145.36000000"}]
["00043491",null,"EPI - FAMILIA SERVENTE - HORISTA (ENCARGOS COMPLEMENTARES - COLETADO CAIXA)","H",{"v":35.92,"d":"35.92000000"},{"v":1470.48,"d":"1,470.48000000"},{"v":1470.48,"d":"1,470.48000000"},{"v":1470.48,"d":"1,470.48000000"},{"v":1459.21,"d":"1,459.21000000"},{"v":5906.570000000001,"d":"5,906.57000000"}]
["00043493",null,"EPI - FAMILIA TOPOGRAFO - HORISTA (ENCARGOS COMPLEMENTARES - COLETADO CAIXA)","H",{"v":69.4,"d":"69.40000000"},{"$nulls":4},{"v":69.4,"d":"69.40000000"}]
["E9066",null,"Grupo gerador - 13/14 kVA (PRODUTIVO)","CHP",{"$nulls":4},{"v":0.2,"d":"0.20000000"},{"v":0.2,"d":"0.20000000"}]
["E9076",null,"Equipamento para pintura eletrostática com cabine dupla de 7,00 kW e estufa de 80.000 kCal (PRODUTIVO)","CHP",{"$nulls":4},{"v":0.06,"d":"0.06000000"},{"v":0.06,"d":"0.06000000"}]
["E9507",null,"Plotadora de recorte com computador e programa computacional (PRODUTIVO)","CHP",{"$nulls":4},{"v":0.14,"d":"0.14000000"},{"v":0.14,"d":"0.14000000"}]
["E9568",null,"Furadeira de impacto de 12,5 mm - 0,80 kW (PRODUTIVO)","CHP",{"$nulls":4},{"v":0.04,"d":"0.04000000"},{"v":0.04,"d":"0.04000000"}]
["E9592",null,"Caminhão carroceria com capacidade de 15 t - 188 kW (PRODUTIVO)","CHP",{"$nulls":5},{"v":0,"d":"0.00000000"}]
["E9622",null,"Máquina de bancada universal para corte de chapa - 1,50 kW (PRODUTIVO)","CHP",{"$nulls":4},{"v":0.14,"d":"0.14000000"},{"v":0.14,"d":"0.14000000"}]
["E9623",null,"Máquina de bancada guilhotina - 4,00 kW (PRODUTIVO)","CHP",{"$nulls":4},{"v":0.06,"d":"0.06000000"},{"v":0.06,"d":"0.06000000"}]
["E9686",null,"Caminhão carroceria com guindauto com capacidade de 20 t.m - 136 kW (PRODUTIVO)","CHP",{"$nulls":5},{"v":0,"d":"0.00000000"}]
["E9687",null,"Caminhão carroceria com capacidade de 5 t - 115 kW","UN",{"$nulls":4},{"v":0.39,"d":"0.39000000"},{"v":0.39,"d":"0.39000000"}]
["INS-130169",null,"Rampas de acessibilidade utilizadas nas pavimentações (utilizadas em calçadas \ncom largura de 1,20 metros)","UND",null,{"v":2.5,"d":"2.50000000"},{"v":2.5,"d":"2.50000000"},{"v":2.5,"d":"2.50000000"},{"v":2.5,"d":"2.50000000"},{"v":10,"d":"10.00000000"}]
["M1367",null,"Chapa fina em aço galvanizado","kg",{"$nulls":4},{"v":13.77,"d":"13.77000000"},{"v":13.77,"d":"13.77000000"}]
["M3153",null,"Tinta em pó à base de resina poliéster","kg",{"$nulls":4},{"v":0.13,"d":"0.13000000"},{"v":0.13,"d":"0.13000000"}]
["M3235",null,"Película retrorrefletiva tipo I","m²",{"$nulls":4},{"v":1.64,"d":"1.64000000"},{"v":1.64,"d":"1.64000000"}]
["P9801",null,"Ajudante","h",{"$nulls":4},{"v":0.65,"d":"0.65000000"},{"v":0.65,"d":"0.65000000"}]
["P9822",null,"Pintor","h",{"$nulls":4},{"v":0.12,"d":"0.12000000"},{"v":0.12,"d":"0.12000000"}]
["P9823",null,"Serralheiro","h",{"$nulls":4},{"v":0.29,"d":"0.29000000"},{"v":0.29,"d":"0.29000000"}]
["P9824",null,"Servente","h",{"$nulls":4},{"v":1.37,"d":"1.37000000"},{"v":1.37,"d":"1.37000000"}]
["P9830",null,"Montador","h",{"$nulls":4},{"v":0.68,"d":"0.68000000"},{"v":0.68,"d":"0.68000000"}]

{"sheet":"BDI","index":10,"n_rows":25,"n_cols":3,"rows_kept":25,"merged":[[0,0,0,3],[1,1,1,3],[3,1,3,2],[8,1,8,2],[9,1,9,2],[15,1,15,2],[16,1,16,2],[22,1,22,2],[23,1,23,2],[24,1,24,3]]}
[]
[null,"\n"]
["COD","DESCRIÇÃO","%"]
[]
[null,"Benefício"]
["S + G","Garantia/seguros",0.32]
["L","Lucro",6.64]
[null,"TOTAL",6.96]
[null,"\n"]
[]
[null,"Despesas Indiretas"]
["AC","Administração central",{"v":3.8,"d":"3.80"}]
["DF","Despesas financeiras",1.02]
["R","Riscos",{"v":0.5,"d":"0.50"}]
[null,"TOTAL",5.32]
[null,"\n"]
[]
["I","Impostos"]
[null,"COFINS",{"v":3,"d":"3.00"}]
[null,"PIS",0.65]
[null,"ISSQN",{"v":3,"d":"3.00"}]
[null,"TOTAL",6.65]
[null,"\n"]
[null,"BDI = 20,73%"]
[null,"(1+AC+S+R+G)*(1+DF)*(1+L)/(1-I)-1"]

{"sheet":"ENCARGOS SOCIAIS","index":11,"n_rows":130,"n_cols":4,"rows_kept":130,"merged":[[0,0,0,4],[1,1,1,3],[3,1,3,2],[15,1,15,2],[28,1,28,2],[36,1,36,2],[41,1,41,2],[42,1,42,3],[43,1,43,4],[44,1,44,3],[46,1,46,2],[58,1,58,2],[71,1,71,2],[79,1,79,2],[84,1,84,2],[85,1,85,3],[86,1,86,4],[87,1,87,3],[89,1,89,2],[101,1,101,2],[114,1,114,2],[122,1,122,2],[127,1,127,2],[128,1,128,3],[129,1,129,4]]}
[]
[null,"\n"]
["COD","DESCRIÇÃO","HORA %","MES %"]
[null,"\n"]
["A","GRUPO A"]
["A1","INSS",{"v":20,"d":"20.00"},{"v":20,"d":"20.00"}]
["A2","SESI",{"v":1.5,"d":"1.50"},{"v":1.5,"d":"1.50"}]
["A3","SENAI",{"v":1,"d":"1.00"},{"v":1,"d":"1.00"}]
["A4","INCRA",{"v":0.2,"d":"0.20"},{"v":0.2,"d":"0.20"}]
["A5","SEBRAE",{"v":0.6,"d":"0.60"},{"v":0.6,"d":"0.60"}]
["A6","Salário Educação",{"v":2.5,"d":"2.50"},{"v":2.5,"d":"2.50"}]
["A7","Seguro Contra Acidentes de Trabalho ",{"v":3,"d":"3.00"},{"v":3,"d":"3.00"}]
["A8","FGTS",{"v":8,"d":"8.00"},{"v":8,"d":"8.00"}]
["A9","SECONCI",{"v":0,"d":"0.00"},{"v":0,"d":"0.00"}]
[null,"TOTAL",{"v":36.8,"d":"36.80"},{"v":36.8,"d":"36.80"}]
[null,"\n"]
["B","GRUPO B"]
["B1","Repouso Semanal Remunerado",18.01,{"v":0,"d":"0.00"}]
["B2","Feriados",{"v":4.3,"d":"4.30"},{"v":0,"d":"0.00"}]
["B3","Auxílio - Enfermidade",0.87,0.67]
["B4","13º Salário",10.78,8.33]
["B5","Licença PaternidadE",0.07,0.06]
["B6","Faltas Justificadas",0.72,0.56]
["B7","Dias de Chuvas",1.98,{"v":0,"d":"0.00"}]
["B8","Auxílio Acidente de Trabalho",0.11,0.08]
["B9","Férias Gozadas",13.64,10.55]
["B10","Salário Maternidade",0.03,0.03]
[null,"TOTAL",50.51,20.28]
[null,"\n"]
["C","GRUPO C"]
["C1","Aviso Prévio Indenizado",4.45,3.45]
["C2","Aviso Prévio Trabalhado",{"v":0.1,"d":"0.10"},0.08]
["C3","Férias Indenizadas",{"v":0.5,"d":"0.50"},0.39]
["C4","Depósito Rescisão Sem Justa Causa",{"v":4.1,"d":"4.10"},3.17]
["C5","Indenização Adicional",0.37,0.29]
[null,"TOTAL",{"v":9.519999999999998,"d":"9.52"},7.38]
[null,"\n"]
["D","GRUPO D"]
["D1","Reincidência de Grupo A sobre Grupo B ",18.59,7.46]
["D2","Reincidência de Grupo A sobre Aviso Prévio Trabalhado e Reincidência do FGTS sobre Aviso Prévio Indenizado",0.39,0.31]
[null,"TOTAL",18.98,7.77]
[null,"\n"]
[null,"Horista = 115,81%\nMensalista = 72,23%"]
[null,"A + B + C + D"]
[null,"\n"]
["COD","DESCRIÇÃO","HORA %","MES %"]
[null,"\n"]
["A","GRUPO A"]
["A1","INSS",{"v":0,"d":"0.00"},{"v":0,"d":"0.00"}]
["A2","SESI",{"v":1.5,"d":"1.50"},{"v":1.5,"d":"1.50"}]
["A3","SENAI",{"v":1,"d":"1.00"},{"v":1,"d":"1.00"}]
["A4","INCRA",{"v":0.2,"d":"0.20"},{"v":0.2,"d":"0.20"}]
["A5","SEBRAE",{"v":0.6,"d":"0.60"},{"v":0.6,"d":"0.60"}]
["A6","Salário Educação",{"v":2.5,"d":"2.50"},{"v":2.5,"d":"2.50"}]
["A7","Seguro Contra Acidentes de Trabalho ",{"v":3,"d":"3.00"},{"v":3,"d":"3.00"}]
["A8","FGTS",{"v":8,"d":"8.00"},{"v":8,"d":"8.00"}]
["A9","SECONCI",{"v":0,"d":"0.00"},{"v":0,"d":"0.00"}]
[null,"TOTAL",{"v":16.8,"d":"16.80"},{"v":16.8,"d":"16.80"}]
[null,"\n"]
["B","GRUPO B"]
["B1","Repouso Semanal Remunerado",18.04,{"v":0,"d":"0.00"}]
["B2","Feriados",4.31,{"v":0,"d":"0.00"}]
["B3","Auxílio - Enfermidade",{"v":0.9,"d":"0.90"},0.69]
["B4","13º Salário",10.86,8.33]
["B5","Licença PaternidadE",0.08,0.06]
["B6","Faltas Justificadas",0.72,0.56]
["B7","Dias de Chuvas",2.05,{"v":0,"d":"0.00"}]
["B8","Auxílio Acidente de Trabalho",0.12,0.09]
["B9","Férias Gozadas",7.95,{"v":6.1,"d":"6.10"}]
["B10","Salário Maternidade",0.03,0.02]
[null,"TOTAL",{"v":45.059999999999995,"d":"45.06"},15.85]
[null,"\n"]
["C","GRUPO C"]
["C1","Aviso Prévio Indenizado",5.35,{"v":4.1,"d":"4.10"}]
["C2","Aviso Prévio Trabalhado",0.28,0.22]
["C3","Férias Indenizadas",{"v":6,"d":"6.00"},4.61]
["C4","Depósito Rescisão Sem Justa Causa",5.32,4.08]
["C5","Indenização Adicional",0.45,0.35]
[null,"TOTAL",{"v":17.4,"d":"17.40"},13.36]
[null,"\n"]
["D","GRUPO D"]
["D1","Reincidência de Grupo A sobre Grupo B ",7.57,2.66]
["D2","Reincidência de Grupo A sobre Aviso Prévio Trabalhado e Reincidência do FGTS sobre Aviso Prévio Indenizado",0.48,0.36]
[null,"TOTAL",8.05,3.02]
[null,"\n"]
[null,"Horista = 87,31%\nMensalista = 49,03%"]
[null,"A + B + C + D"]
[null,"\n"]
["COD","DESCRIÇÃO","HORA %","MES %"]
[null,"\n"]
["A","GRUPO A"]
["A1","INSS",{"v":0,"d":"0.00"},{"v":0,"d":"0.00"}]
["A2","SESI",{"v":1.5,"d":"1.50"},{"v":1.5,"d":"1.50"}]
["A3","SENAI",{"v":1,"d":"1.00"},{"v":1,"d":"1.00"}]
["A4","INCRA",{"v":0.2,"d":"0.20"},{"v":0.2,"d":"0.20"}]
["A5","SEBRAE",{"v":0.6,"d":"0.60"},{"v":0.6,"d":"0.60"}]
["A6","Salário Educação",{"v":2.5,"d":"2.50"},{"v":2.5,"d":"2.50"}]
["A7","Seguro Contra Acidentes de Trabalho ",{"v":3,"d":"3.00"},{"v":3,"d":"3.00"}]
["A8","FGTS",{"v":8,"d":"8.00"},{"v":8,"d":"8.00"}]
["A9","SECONCI",{"v":0,"d":"0.00"},{"v":0,"d":"0.00"}]
[null,"TOTAL",{"v":16.8,"d":"16.80"},{"v":16.8,"d":"16.80"}]
[null,"\n"]
["B","GRUPO B"]
["B1","Repouso Semanal Remunerado",18.01,{"v":0,"d":"0.00"}]
["B2","Feriados",{"v":4.3,"d":"4.30"},{"v":0,"d":"0.00"}]
["B3","Auxílio - Enfermidade",0.85,0.66]
["B4","13º Salário",10.78,8.33]
["B5","Licença PaternidadE",0.07,0.06]
["B6","Faltas Justificadas",0.72,0.56]
["B7","Dias de Chuvas",1.98,{"v":0,"d":"0.00"}]
["B8","Auxílio Acidente de Trabalho",{"v":0.1,"d":"0.10"},0.08]
["B9","Férias Gozadas",{"v":13.7,"d":"13.70"},10.59]
["B10","Salário Maternidade",0.03,0.02]
[null,"TOTAL",{"v":50.540000000000006,"d":"50.54"},{"v":20.3,"d":"20.30"}]
[null,"\n"]
["C","GRUPO C"]
["C1","Aviso Prévio Indenizado",4.45,3.45]
["C2","Aviso Prévio Trabalhado",{"v":0.1,"d":"0.10"},0.08]
["C3","Férias Indenizadas",{"v":0.5,"d":"0.50"},0.39]
["C4","Depósito Rescisão Sem Justa Causa",4.08,3.16]
["C5","Indenização Adicional",0.37,0.29]
[null,"TOTAL",{"v":9.499999999999998,"d":"9.50"},7.37]
[null,"\n"]
["D","GRUPO D"]
["D1","Reincidência de Grupo A sobre Grupo B ",8.49,3.41]
["D2","Reincidência de Grupo A sobre Aviso Prévio Trabalhado e Reincidência do FGTS sobre Aviso Prévio Indenizado",0.37,0.29]
[null,"TOTAL",8.86,{"v":3.7,"d":"3.70"}]
[null,"\n"]
[null,"Horista = 85,70%\nMensalista = 48,17%"]
[null,"A + B + C + D"]